{"text_format":"3","workbook":"xlsx","n_sheets":8,"sheets":["Main offer Summary","SECTION 1 - P&Gs","SECTION 2 - Project Stability","SECTION 3 - Non-Lethal Fence","SECTION 4 - Inner Fence","SECTION 5 - Security Lighting","SECTION 6 - Access Control","Bill 7 - Security"],"not_rendered":{"images":2,"external_links":18,"defined_names":1140},"read":"whole","date_system":"1900"}

{"sheet":"Main offer Summary","index":0,"n_rows":34,"n_cols":9,"rows_kept":34,"merged":[[13,1,13,6],[14,1,16,1],[14,3,16,4],[14,5,16,6],[30,2,30,4]]}
[]
[null,"EMPLOYER:",null,{"$f":"'[17]Cover Page'!E4","v":"ESKOM HOLDINGS SOC LTD"}]
[null,"PROJECT NAME:",null,"LEANDER SUBSTATION FENCE "]
[null,"PROJECT LOCATION:",null,"WELKOM CLN"]
[null,"DISCIPLINE / TRADE:",null,{"$f":"'[17]Cover Page'!E7","v":"EARTHWORKS, CIVIL & BUILDING WORKS TENDER DOCUMENT"}]
[]
[null,"CONTRACT DETAILS:",null,{"$f":"'[17]Cover Page'!E9","v":"NEC3 ECC: PRICING OPTION B"}]
[]
[null,"MAIN OFFER ",{"$nulls":6},{"$f":"I34-#REF!","v":{"$error":"#REF!"}}]
[]
[null,"FINAL SUMMARY ",null,"Annexture A.",{"$nulls":4},{"$f":"#REF!-I9","v":{"$error":"#REF!"}}]
[]
[]
[null,"REVISED COST ESTIMATE/DETAILED BREAKDOWN"]
[null,"BILL NUMBER",null,"DESCRIPTION",null,"AMOUNT"]
[]
[]
[]
[null,{"$f":"IF(C19<>\"\",1,\"\")","v":1},"PRELIMINARY AND GENERAL",null,null,"R",{"$f":"'SECTION 1 - P&Gs'!F129","v":0},null,{"$f":"(G19/G31)*100","v":{"$error":"#DIV/0!"}}]
[]
[null,2,"PROJECT STABILITY",null,null,{"$f":"IF(B21<>\"\",\"R\",\"\")","v":"R"},{"$f":"'SECTION 2 - Project Stability'!H29","v":0},null,{"$f":"(G21/G31)*100","v":{"$error":"#DIV/0!"}}]
[]
[null,3,"NON-LETHAL FENCE",null,null,{"$f":"IF(B23<>\"\",\"R\",\"\")","v":"R"},{"$f":"'SECTION 3 - Non-Lethal Fence'!G219","v":0},null,{"$f":"(G23/G31)*100","v":{"$error":"#DIV/0!"}}]
[]
[null,4,"INNER FENCE",null,null,{"$f":"IF(B25<>\"\",\"R\",\"\")","v":"R"},{"$f":"'SECTION 4 - Inner Fence'!F37","v":0}]
[]
[null,5,"SECURITY LIGHTING",null,null,{"$f":"IF(B27<>\"\",\"R\",\"\")","v":"R"},{"$f":"'SECTION 5 - Security Lighting'!G226","v":0}]
[]
[null,6,"ACCESS CONTROL BUILDING",null,null,{"$f":"IF(B29<>\"\",\"R\",\"\")","v":"R"},{"$f":"'SECTION 6 - Access Control'!AE1003","v":0}]
[{"$nulls":8},{"$f":"SUM(I19:I29)","v":{"$error":"#DIV/0!"}}]
[null,null,"SUBTOTAL  CARRIED TO FORM OF OFFER  (EXCLUDING VAT)",null,null,"R",{"$f":"SUM(G19:G29)","v":0}]
[]
[]
[{"$nulls":8},{"$f":"G19+G21+#REF!+#REF!+#REF!+#REF!","v":{"$error":"#REF!"}}]

{"sheet":"SECTION 1 - P&Gs","index":1,"n_rows":129,"n_cols":6,"rows_kept":129}
[null,"LEANDER SUBSTATION FENCE "]
["PAY REF","DESCRIPTION","UNIT","QUANTITY","RATE","AMOUNT"]
[null,"SECTION 1"]
[null,"BILL NO. 1 "]
[]
["SANS 1200A  ","PRELIMINARY AND GENERAL(Applicable to the whole of the Works)"]
[]
[8.3,"FIXED CHARGE ITEMS"]
[]
["8.3.1","Contractual requirements ","SUM",1,null,{"$f":"D10*E10","v":{"v":0,"d":"0.00"}}]
[]
["8.3.2","Establishment, Operation and Maintenance of Facilities on Site "]
[]
["8.3.2.1","Facilities for Engineer "]
[]
[null,"Establish Employer's site offices and boardroom including all necessary water and electricity supplies, drainage and waste disposal systems, printer and fax facilities etc. and remove on completion (As per specification provided).  ","SUM",1,null,{"$f":"D16*E16","v":{"v":0,"d":"0.00"}}]
[]
["8.3.2.2","Facilities for Contractor "]
[]
[null,"Establish contractor's yard, site offices, workshops, stores etc. including all necessary water and electricity supplies, drainage and waste disposal systems, telecoms/telephone facilities etc. and remove on completion.","SUM",1,null,{"$f":"D20*E20","v":{"v":0,"d":"0.00"}}]
[]
[null,"Name boards","SUM",1,null,{"$f":"D22*E22","v":{"v":0,"d":"0.00"}}]
[]
[null,"Yard ","SUM",1,null,{"$f":"D24*E24","v":{"v":0,"d":"0.00"}}]
[]
[null,"Workshops and stores ","SUM",1,null,{"$f":"D26*E26","v":{"v":0,"d":"0.00"}}]
[]
[null,"Laboratories ","SUM",1,null,{"$f":"D28*E28","v":{"v":0,"d":"0.00"}}]
[]
[null,"Living accommodation ","SUM",1,null,{"$f":"D30*E30","v":{"v":0,"d":"0.00"}}]
[]
[null,"Transportation","SUM",1,null,{"$f":"D32*E32","v":{"v":0,"d":"0.00"}}]
[]
[null,"Sanitary facilities ","SUM",1,null,{"$f":"D34*E34","v":{"v":0,"d":"0.00"}}]
[]
[null,"Tools and equipment ","SUM",1,null,{"$f":"D36*E36","v":{"v":0,"d":"0.00"}}]
[]
[null,"Water supplies, electric power and communications ","SUM",1,null,{"$f":"D38*E38","v":{"v":0,"d":"0.00"}}]
[]
[null,"Dealing with water - Dewatering","SUM",1,null,{"$f":"D40*E40","v":{"v":0,"d":"0.00"}}]
[]
[null,"Access ","SUM",1,null,{"$f":"D42*E42","v":{"v":0,"d":"0.00"}}]
[]
[null,"Plant ","SUM",1,null,{"$f":"D44*E44","v":{"v":0,"d":"0.00"}}]
[]
[null,"Supervision ","SUM",1,null,{"$f":"D46*E46","v":{"v":0,"d":"0.00"}}]
[]
[null,"Company and Head Office overhead costs.","SUM",1,null,{"$f":"D48*E48","v":{"v":0,"d":"0.00"}}]
[]
[null,"Security for the works for duration of the contract.","SUM",1,null,{"$f":"D50*E50","v":{"v":0,"d":"0.00"}}]
[]
[null,"Removal of site establishment.","SUM",1,null,{"$f":"D52*E52","v":{"v":0,"d":"0.00"}}]
[]
["8.4.5","Other obligations "]
[]
[null,"..............................................................."]
[]
[null,"Provision for cost to all conditions as stipulated in the Enviromental Management Program.","SUM",1,null,{"$f":"D58*E58","v":{"v":0,"d":"0.00"}}]
[]
[null,"Compliance with the complete Occupational  Health and Safety Act. (No. 85 of 1992 and ESKOM 32-136)","SUM",1,null,{"$f":"D60*E60","v":{"v":0,"d":"0.00"}}]
[]
[null,"Provision for cost to adhere to all requirements of the Quality Assurance Requirements.","SUM",1,null,{"$f":"D62*E62","v":{"v":0,"d":"0.00"}}]
[]
[null,"Site Return Visit and Transporting of Equipment / Dayworks"]
[]
[null,"Supervisor\n","hr",1,null,"rate only"]
[null,"Artisan\n","hr",1,null,"rate only"]
[null,"Skilled Labour\n","hr",1,null,"rate only"]
[null,"Driver\n","hr",1,null,"rate only"]
[null,"1 Ton Truck (with a cherry picker)\n","hr",1,null,"rate only"]
[null,"8 Ton Crane Truck\n","hr",1,null,"rate only"]
[null,"20 Ton Crane Truck (reach 20m high)\n","hr",1,null,"rate only"]
[null,"4 X 4 LDV \n","km",1,null,"rate only"]
[null,"4 X 2 LDV \n","km",1,null,"rate only"]
[null,"Land Surveyor","Day",1,null,"rate only"]
[]
["SANS 1200A 8.4 ","TIME RELATED ITEMS"]
[]
["8.3.1","Contractual requirements ","SUM",1,null,{"$f":"D79*E79","v":{"v":0,"d":"0.00"}}]
[]
["8.3.2","Establishment, Operation and Maintenance of Facilities on Site "]
[]
["8.3.2.1","Facilities for Engineer "]
[]
[null,"Establish Employer's site offices and boardroom including all necessary water and electricity supplies, drainage and waste disposal systems, printer and fax facilities etc. and remove on completion (As per specification provided).   ","SUM",1,null,{"$f":"D85*E85","v":{"v":0,"d":"0.00"}}]
[]
["8.3.2.2","Facilities for Contractor "]
[]
[null,"Offices ","SUM",1,null,{"$f":"D89*E89","v":{"v":0,"d":"0.00"}}]
[]
[null,"Yard ","SUM",1,null,{"$f":"D91*E91","v":{"v":0,"d":"0.00"}}]
[]
[null,"Workshops and stores ","SUM",1,null,{"$f":"D93*E93","v":{"v":0,"d":"0.00"}}]
[]
[null,"Laboratories ","SUM",1,null,{"$f":"D95*E95","v":{"v":0,"d":"0.00"}}]
[]
[null,"Living accommodation ","SUM",1,null,{"$f":"D97*E97","v":{"v":0,"d":"0.00"}}]
[]
[null,"Transportation","SUM",1,null,{"$f":"D99*E99","v":{"v":0,"d":"0.00"}}]
[]
[null,"Sanitary facilities ","SUM",1,null,{"$f":"D101*E101","v":{"v":0,"d":"0.00"}}]
[]
[null,"Tools and equipment ","SUM",1,null,{"$f":"D103*E103","v":{"v":0,"d":"0.00"}}]
[]
[null,"Water supplies, electric power and communications.","SUM",1,null,{"$f":"D105*E105","v":{"v":0,"d":"0.00"}}]
[]
[null,"Dealing with water - Dewatering","SUM",1,null,{"$f":"D107*E107","v":{"v":0,"d":"0.00"}}]
[]
[null,"Access ","SUM",1,null,{"$f":"D109*E109","v":{"v":0,"d":"0.00"}}]
[]
[null,"Plant ","SUM",1,null,{"$f":"D111*E111","v":{"v":0,"d":"0.00"}}]
[]
[null,"Supervision ","SUM",1,null,{"$f":"D113*E113","v":{"v":0,"d":"0.00"}}]
[]
[null,"Company and Head Office overhead costs.","SUM",1,null,{"$f":"D115*E115","v":{"v":0,"d":"0.00"}}]
[]
[null,"Security for the works for duration of the contract.","SUM",1,null,{"$f":"D117*E117","v":{"v":0,"d":"0.00"}}]
[]
["8.4.5","Other obligations "]
[]
[null,"..............................................................."]
[]
[null,"Provision for cost to all conditions as stipulated in the Enviromental Management Program.","SUM",1,null,{"$f":"D123*E123","v":{"v":0,"d":"0.00"}}]
[]
[null,"Compliance with the complete Occupational  Health and Safety Act. (No. 85 of 1992 and ESKOM 32-136)","SUM",1,null,{"$f":"D125*E125","v":{"v":0,"d":"0.00"}}]
[]
[null,"Provision for cost to adhere to all requirements of the Quality Assurance Requirements.","SUM",1,null,{"$f":"D127*E127","v":{"v":0,"d":"0.00"}}]
[]
[{"$nulls":5},{"$f":"SUM(F4:F128)","v":{"v":0,"d":"R0.00"}}]

{"sheet":"SECTION 2 - Project Stability","index":2,"n_rows":29,"n_cols":8,"rows_kept":29}
[{"$nulls":3},"LEANDER SUBSTATION FENCE "]
[null,"ITEM        No.","REFERENCE","DESCRIPTION","UNIT","QTY","RATE","AMOUNT"]
[]
[]
[{"$nulls":3},"BILL NO. 4 - PROJECT STABILITY"]
[]
[{"$nulls":3},"Project Stability Activities to be planned and Budgeted for"]
[{"$nulls":3},"Stakeholder Management Engagements"]
[]
[null,"1",null," Provide a Provisional Sum of R150 000.00 (ONE HUNDRED AND FIFTY THOUSAND RAND) for below Project Stability related issues as indicated in the identified Engagements Cost Table:","Prov Sum",1,null,{"$f":"F10*G10","v":0}]
[]
[{"$nulls":3},"Project Introduction (Municipality, Traditional Councils where applicable, Business Chamber, Local Taxi Industry) and emergency preparedness initiatives\n\nVenue hire, meeting logistics and catering for attendees\n\nStakeholder Forums Bi-monthly meetings, transportation of members\n\nEnterprise Development\nExpression of interest workshop:\n\nAdvertisement of the workshop\n\nVenue hire, meeting logistics and catering for attendees\n\n Employee training logistics\n\nHandover event with event logistics.\n\n\n\n\n\n"]
[]
[{"$nulls":3},"Recruitment of site based personnel, Labour Integration and Labour peace"]
[]
[null,"2",null,"Recruitment of Stability Advisor Minimum Qualification Requirements:\nRelated Minimum Experience:\nYears: 4 Years\nA relevant Communication/Stakeholder Relations/Public Relations Degree.\nAt least 2 years’ experience in Stakeholder management, client/community liaison or customer relationship management environment.","Month",5,null,{"$f":"F16*G16","v":0}]
[]
[null,"3",null,"Recruitment of Client Liaison Officer Minimum Qualification Requirements:\nRelated Minimum Experience:\nYears: 3 Years\nA relevant Communication/Stakeholder Relations/Public Relations Diploma.\nAt least 2 years’ experience in client liaison or customer relationship management environment","Month",5,null,{"$f":"F18*G18","v":0}]
[]
[null,"4",null,"Recruitment of Human Resource officer Minimum Qualification Requirements:\nRelated Minimum Experience:\nYears: 3 Years\nA relevant Human Resources /Industrial Relations Diploma/Degree\nAt least 2 years’ Human resource management or industrial relations management. ","Month",5,null,{"$f":"F20*G20","v":0}]
[]
[{"$nulls":3},"Employee Transportation"]
[{"$nulls":3},"Integration with local taxi association"]
[]
[null,"5",null,"Onboarding of local taxi association and utilisation of local taxi association for employee transportation to and from site, as per Item 1.1.4.3 of the Project Stability Requirements - Transmission Power Delivery Construction Project","Month",5,null,{"$f":"F25*G25","v":0}]
[]
[{"$nulls":3},"Profit and attendance on item above ","%",15,null,{"$f":"H25*15%","v":0}]
[]
[{"$nulls":3},"Total Carried Forward to Main Summary Page",{"$nulls":3},{"$f":"SUM(H10:H28)","v":0}]

{"sheet":"SECTION 3 - Non-Lethal Fence","index":3,"n_rows":257,"n_cols":7,"rows_kept":257,"merged":[[218,1,218,4]]}
[null,null,"LEANDER SUBSTATION FENCE "]
[null,"ITEM        No.","DESCRIPTION","UNIT","QUANTITY","RATE","AMOUNT"]
[null,null,"SECTION 3"]
[null,null,"Notes to Tenderers:"]
[]
[null,null,"All galvanized bolts to include for  \"re-threading\"."]
[]
[null,null,"All fencing wire to comply to SABS 675:2011."]
[]
[null,null,"For pricing purposes all items are to be read in conjunction with the tender drawings. No additional compensations will be made for any information shown on the drawings but not mentioned in the Bills of Quantities. The drawings take precedence over the Bills of Quantities."]
[]
[null,null,"The Electrical installation for the 'Security Lighting' shall be in strict accordance with Eskom Drawings. The Tenderer is to allow for ALL items necessary for the COMPLETE Electrical installation, in their pricing."]
[]
[null,null,"Distribution Boards: "]
[]
[null,null,"The rates for miniature substations, HV switchgear, kiosks and distribution boards shall be deemed to include for all SABS and Eskom labels, etc.  "]
[]
[null,null,"Cables:"]
[]
[null,null,"Cable lengths are measured from gland to gland. The price for cable shall be deemed to include for all fixings, clamps and ties, unless otherwise indicated. The price for cables measured in sleeve pipes or cable entry pipes shall be deemed to include for the feeding of the entire length of cable through the sleeve pipe or cable entry pipe."]
[]
[null,null,"The rates for cable terminations shall be deemed to include for lugs, tapes, core markers, drilling, glands, shrouds, tails or length of cable required to complete the termination to the equipment or switchgear."]
[]
[null,null,"Outlet and draw boxes:"]
[]
[null,null,"No distinction shall be made for the number of entries in conduit boxes, draw boxes and draw trays."]
[]
[null,null,"Conductors:"]
[]
[null,null,"No allowance has been made for additional length of conductors at connecting points. The price for conductors shall be deemed to include for any additional length as required."]
[]
[null,null,"General:"]
[]
[null,null,"All work shall be measured nett as fixed in position, no allowance made for waste."]
[]
[null,null,"The description \"... surface mounted to brickwork, etc.\" shall be deemed to include for all surface mounting, including fixing to concrete, steel, wood or any other surface."]
[]
[null,null,"The rates for conduit outlet and draw boxes, wireways, distribution boards, trays, etc., shall be deemed to include for chasing, cutting and penetration of walls, floors, etc., as required."]
[]
[null,null,"Rates for all items shall include for the supply, installation and connection thereof complete, except where otherwise described."]
[]
[null,null,"During the remeasurement of conductors and wireways on site, only the most practical economical route, within reason, shall be accepted for payment  "]
[]
[null,null,"ALTERATIONS"]
[]
[null,null,"Taking down and removing existing fence"]
[]
[null,null,"Decommission and remove of all existing non-lethal fence conductors including taking out/off and removal of metalwork including the removal and dispose of existing non-lethal fence, posts, wire, gates, and associated equipment (incl cables) complete to the designated area or as instructed by the Project Manager and  (in consultation with Grid & PTM & C personnel).","Item",1,null,{"$f":"E48*F48","v":0}]
[]
[null,null,"FENCING AND GATES"]
[]
[null,null,"PRE-INSTALLATION DEVELOPMENT"]
[]
[null,null,"System development including manufacturing of poles and conductors.The Tenderer to note that this includes any additional development work required to fully comply with the stipulated technical requirements","SUM",1,null,{"$f":"E54*F54","v":0}]
[]
[null,null,"Compilation of site specific detailed designs including single line diagrams indicating interface (power and communication) between different system components,cable layout and routing drawings,interfacing to the SCADA system for security alarms to the security monitoring centre and interface drawings to the site security lighting.The Tenderer is also to include any other technical drawings required to operate and maintain the system effectively and safely","SUM",1,null,{"$f":"E56*F56","v":0}]
[]
[null,null,"Factory testing of the complete system","SUM",1,null,{"$f":"E58*F58","v":0}]
[]
[null,null,"Development of product training material and delivery of system related courses","SUM",1,null,{"$f":"E60*F60","v":0}]
[]
[null,null,"Supply, deliver and install new Non-Lethal Security Fencing and Gates, including all excavations, mass concrete, backfilling, compacting, earthing, etc., complete (all in accordance with drawings 0.54/7470, sheets 1 to 11, 0.54/8282 and Spec.240 - 78980848):"]
[]
[null,null,"Non-Lethal Fence"]
[]
[null,null,"60 x 60 x 6mm Galvanized mild steel angle section corner post 3000mm long, complete, including concrete base, insulators and struts as detailed on drawing 0.54/8282","No",6,null,{"$f":"E66*F66","v":0}]
[]
[null,null,"60 x 60 x 6mm Galvanized mild steel angle section in-line strain posts 3000mm long and struts  complete with all bolts, insulators, concrete foundations and associated equipment as detailed on drawing 0.54/8282","No",{"$f":"(1622/60)+1","v":{"v":28.033333333333335,"d":"28.03"}},null,{"$f":"E68*F68","v":0}]
[]
[null,null,"40 x 40 x 3mm Galvanized mild steel angle section intermediate posts 3000mm long and struts  complete with all bolts, ferrules, tensioners, insulators, concrete foundations and associated equipment as detailed on drawing 0.54/8282 ","No",{"$f":"(1622/3)+1","v":{"v":541.6666666666666,"d":"541.67"}},null,{"$f":"E70*F70","v":0}]
[]
[null,null,"25 MPa Vegetation control concrete slab (800mm wide x 100mm thick)","m",{"$f":"(160+183+410+344+525)","v":{"v":1622,"d":"1622.00"}},null,{"$f":"E72*F72","v":0}]
[]
[null,null,"Ballast stone with minimum stone of 150mm to be placed around perimeter of the fence at width of 1200m complete including  surfac preparation.","m",{"$f":"E72","v":{"v":1622,"d":"1622.00"}},null,{"$f":"E74*F74","v":0}]
[]
[null,null,"25Mpa concrete anti-tunnelling vertical panels size 100mm wide x 600mm deep cast in ground  to underside fence , incuding  excavation (to allow for excavations in all materials backfilling,compaction,formwork, expansion joints, mesh ref 395 reinforcementetc.","m",{"$f":"E72","v":1622},null,{"$f":"E76*F76","v":0}]
[]
[null,null,"Supply and Install 25 comma cable from energizer to IDF.","SUM",1,null,{"$f":"E78*F78","v":0}]
[]
[null,null,"HT cables and conductors","SUM",1,null,{"$f":"E80*F80","v":0}]
[]
[null,null,"Conductors 24 off 2.24mm galvanised  earth","m",{"$f":"(160+183+410+344+525)*24","v":38928},null,{"$f":"E82*F82","v":0}]
[]
[null,null,"Earthing and associated equipment (copper earth rods, pegs etc.)","m",{"$f":"(0.75+0.75)*575","v":862.5},null,{"$f":"E84*F84","v":0}]
[]
[null,null,"Warning signs around the site perimeter","No",{"$f":"164+6","v":170},null,{"$f":"E86*F86","v":0}]
[]
[null,null,"Zoning boards around the site perimeter","No",15,null,{"$f":"E88*F88","v":0}]
[]
[null,null,"New gates:"]
[]
[null,null,"Purpose made sliding gate size 7800mm x 3000mm high,  including gate posts with concrete bases size 600 x 650 x 400mm high, guiding wheels, gate track, gear-bar, approved electric motor etc manufactured from hot dip galvanised steel, supplied and installed in accordance with manufacturer's specification. As per Drawing no.0.54/7470 Sheet 1 -11","No",1,null,{"$f":"E92*F92","v":0}]
[]
[null,null,"Extra over sliding gate for forming pedestrian gate size 1200 x 2000mm high including all necessary locking devices and 750mm long lock chain and padlock. As per Drawing no. 0.54/7470 Sheet 5 -7","No",1,null,{"$f":"E94*F94","v":0}]
[]
[null,null,"Anti-theft bracket for each gate motor complete in accordance with Eskom standards\t","No",1,null,{"$f":"E96*F96","v":0}]
[]
[null,null,"Magnetic reed switch on the electric fence gate for open/close indication","No",1,null,{"$f":"E98*F98","v":0}]
[]
[null,null,"Power supply for all the equipment in the Access Control Building (Provisional)","SUM",1,null,{"$f":"E100*F100","v":0}]
[]
[null,null,"Infrareds(IR) units to prevent the gate(s) from closing on vehicles.The IR units shall be installed together with the associated mounting posts with concrete foundations,blanking plates and cover plates in accordance with the required Eskom standards","Sets",1,null,{"$f":"E102*F102","v":0}]
[]
[null,null,"Goose Necks for mounting of biometric and card readers in accordance with the required Eskom standards","No",2,null,{"$f":"E104*F104","v":0}]
[]
[null,null,"Safety barries for Goose Necks","No",2,null,{"$f":"E106*F106","v":0}]
[]
[null,null,"System configuration desktop PC/Controller used to configure the electric fence system in accordance with the stipulated Eskom technical specification","SUM",1,null,{"$f":"E108*F108","v":0}]
[]
[null,null,"User interface/display unit to display the configured zones of the fence including alarms, all in accordance with the stipulated Eskom technical specification","SUM",1,null,{"$f":"E110*F110","v":0}]
[]
[null,null,"Relay cards (where applicable) to configure the system alarms as well as interfacing the Non-Lethal Electrified Fence with other security systems deployed at site, all in ","SUM",1,null,{"$f":"E112*F112","v":0}]
[]
[null,null,"Relay cards (where applicable) to configure the system alarms as well as interfacing the Non-Lethal Electrified Fence with other security systems deployed at site, all in accordance with the stipulated Eskom technical specification","SUM",1,null,{"$f":"E114*F114","v":0}]
[]
[null,null,"Communication infrastructure for both local and remote monitoring of security alarms, all in accordance with the stipulated Eskom technical specification","SUM",1,null,{"$f":"E116*F116","v":0}]
[]
[null,null,"Integration of the Non-Lethal Electrified Fence with other security systems installed at site (where applicable) e.g security lighting and the CCTV system such that the requirements of Integrated intrusion alarm management can be achieved as outlined in the stipulated Eskom technical specification","SUM",1,null,{"$f":"E118*F118","v":0}]
[]
[null,null,"Equipment housing/cabinets for all the electronic equipment in the Access Control Building (ACB) in accordance with the stipulated Eskom technical specification","SUM",1,null,{"$f":"E120*F120","v":0}]
[]
[null,null,"ENERGIZERS (refer to the construction drawings)"]
[]
[null,null,"Supply and install"]
[]
[null,null,"Energizers  including installation of the synchronisation mechanism where required, in accordance with the stipulated Eskom technical specification","SUM",1,null,{"$f":"E126*F126","v":0}]
[]
[null,null,"Cabinet  enclosure for energizers","SUM",1,null,{"$f":"E128*F128","v":0}]
[]
[null,null,"Isolator switches\t","SUM",1,null,{"$f":"E130*F130","v":0}]
[]
[null,null,"Energizers isolator switches enclosure cabinets","SUM",1,null,{"$f":"E132*F132","v":0}]
[]
[null,null,"Synchronizing unit","SUM",1,null,{"$f":"E134*F134","v":0}]
[]
[null,null,"Supply and install  equivalent  8 channel  relay cards for Eskom Transmission grouped alarms (Fence / Intrusion alarm, System on / off, Equipment fail, Gate open / closed) in cabinet","SUM",1,null,{"$f":"E136*F136","v":0}]
[]
[null,null,"Energizer signals IDF and associated equipment","SUM",1,null,{"$f":"E138*F138","v":0}]
[]
[null,null,"Multizone energizers interface cables and associated equipment (relay cards/boards, etc)10 m power supply cables","SUM",1,null,{"$f":"E140*F140","v":0}]
[]
[null,null,"Mimic PC and associated equipment (software etc.) pre-configured by the relevant approved Electronics personnel","SUM",1,null,{"$f":"E142*F142","v":0}]
[]
[null,null,"Emergency energizers switching off mechanism. Safety simultaneous switching mechanism for all 12 energizers","SUM",1,null,{"$f":"E144*F144","v":0}]
[]
[null,null,"Supply, install and commission of the HT (HV12) cable","SUM",1,null,{"$f":"E146*F146","v":0}]
[]
[null,null,"CABLING, ETC."]
[]
[null,null,"Comms cable from ACB to the Control Room (Provisional)","m",130,null,{"$f":"E150*F150","v":0}]
[]
[null,null,"Communication equipment to enable security alarms to be sent to the remote monitoring centre in the Control Room","SUM",1,null,{"$f":"E152*F152","v":0}]
[]
[null,null,"MISCELLANEOUS"]
[]
[null,null,"Dig trenches to outdoor security equipment and provide appropriate conduit","m",700,null,{"$f":"E156*F156","v":0}]
[]
[null,null,"Install and commissioning of any other outstanding elements of the Non-Lethal Electrified fence not mentioned above to achieve the functional requirements as outlined in the Eskom technical specifications (in consultation with the Project Manager and PTM & C personnel)","SUM",1,null,{"$f":"E158*F158","v":0}]
[]
[null,null,"Provision of special stones around the whole Non-Lethal fence perimeter in consultation with the Project Manager's requirements to avoid trespassing","m3",{"$f":"30","v":30},null,{"$f":"E160*F160","v":0}]
[]
[null,null,"Provisional sum for design of non- lethal fence.","No",1,null,{"$f":"E162*F162","v":0}]
[]
[null,null,"EQUIPMENTS FOR MANUFACTURING INSTALLATION AND COMMISSIONING"]
[]
[null,null,"Security signal on the IDF.","SUM",1,null,{"$f":"E166*F166","v":0}]
[]
[null,null,"Application control systems personnel responsibility.","SUM",1,null,{"$f":"E168*F168","v":0}]
[]
[null,null,"Database update for security system signal","SUM",1,null,{"$f":"E170*F170","v":0}]
[]
[null,null,"Security System signals testing to zero Control.","SUM",1,null,{"$f":"E172*F172","v":0}]
[]
[null,null,"TESTING AND COMMISSIONING"]
[]
[null,null,"Conduction of site acceptance testing and integration with selected security technologies for integrated solution","SUM",1,null,{"$f":"E176*F176","v":0}]
[]
[null,null,"Issuance of the Certificate of Compliance for the site","SUM",1,null,{"$f":"E178*F178","v":0}]
[]
[null,null,"SECTION 3 BILL  NO. 2.EARTHMAT"]
[]
[null,null,"EARTHMAT (PROVISIONAL)"]
[]
[null,null,"Earthing"]
[]
[null,null,"Supply, deliver and lay copper earthmat equipment earthing, earth straps, including excavation complete with risks of collapse, bedding, backfill, compaction and testing at depth up to (See earthmat specification). All flat copper to be 50 x 3mm in accordance with BS 1432, picled and annealed black copper ().701 kg/m:"]
[]
[null,null,"ELECTRICAL"]
[]
[null,null,"Clamp connection 50 x 3mm flat to 2 no. x 10mm diameter rods","No",700,null,{"$f":"E190*F190","v":0}]
[]
[null,null,"Crimp joints 10mm round to round","No",700,null,{"$f":"E192*F192","v":0}]
[]
[null,null,"Terminate round copper tail to equipment and fence steel posts (Provisional)","No",700,null,{"$f":"E194*F194","v":0}]
[]
[null,null,"Brazed earthtail connection 50 x 3 flat to 1 x 10mm diameter copper rod,  (Provisional)","No",700,null,{"$f":"E196*F196","v":0}]
[]
[null,null,"1 x 10mm Diameter copper at 1,0m deep.","m",900,null,{"$f":"E198*F198","v":0}]
[]
[null,null,"2 x 10mm Diameter copper at 0,15m to 1,0m deep.","m",900,null,{"$f":"E200*F200","v":0}]
[]
[null,null,"2 x 10mm Diameter copper vertical in ground. (Provisional)","m",1700,null,{"$f":"E202*F202","v":0}]
[]
[null,null,"ELECTRICAL"]
[]
[null,null,"Excavate, search for and locate existing earthmat, including excavations complete with risk of collapse, backfill and compaction","Item",1,null,{"$f":"E206*F206","v":0}]
[null,null,"Fibre Cable"]
[]
[]
[null,null,"Supply of 24 Pair Fibre optic cable spliced and terminated in all enegizer enclosures (Star topology)","m",{"$f":"900*2","v":1800},null,{"$f":"E210*F210","v":0}]
[]
[]
[null,null,"Allow  provisional sum of R150 000.00 (One Hundred and Fifty Thousand Rands) for extra cables not identified and any additional tests required.","Sum",1,null,{"$f":"E213*F213","v":0}]
[]
[null,null,"Allow  provisional sum of R100 000.00 (One Hundred Thousand Rands) for extra cables not identified and any additional tests required.","Prov Sum",{"v":1,"d":"1.00"},null,{"$f":"E215*F215","v":0}]
[]
[]
[]
[null,"TOTAL SECTION 3 - carried forward to FINAL SUMMARY",{"$nulls":4},{"$f":"SUM(G6:G218)","v":0}]
{"$rows_empty":37}
[null,null,{"$f":"#REF!","v":{"$error":"#REF!"}},{"$nulls":3},{"$f":"SUM(G50:G256)","v":0}]

{"sheet":"SECTION 4 - Inner Fence","index":4,"n_rows":37,"n_cols":6,"rows_kept":37}
[null,"LEANDER SUBSTATION FENCE "]
["ITEM        No.","DESCRIPTION","UNIT","QUANTITY","RATE","AMOUNT"]
[null,"SECTION 4"]
[]
[null,"SECURITY FENCING"]
[]
[null,"Dismantling, breaking down and removal of existing fence including posts, struts, overhang, gates, mesh, foundations, etc.."]
[]
[null,"Carefully remove the existing 2,4 m welded mesh outer security fence with single overhang, including poles, overhangs, cutting of concrete stubs to 150mm below ground level and carefully remove of all existing access gates, poles, accessories and breaking up and removing reinforced concrete, including cutting off, Stone verg (yard stone, kerbing complete), backfilling and compacting of in-situ material and removing reinforcement, holding down bolts, base plates, etc., including rubble removal to the nearest registered land fill site","Item",{"v":1,"d":"1.00"},null,{"$f":"E9*D9","v":0}]
[]
[null,"Supply, deliver and install new 2,4m high weldmesh barrier 'security fence' complete (all as detailed on Drawings 0.54/5633 Sheets 1 to 7 inclusive):  "]
[]
[null,"2,4m High galvanised weldmesh fence with two 730mm long angle sections as 'V' overhang both set to 45 degrees, comprising 50mm x 50mm x 3,1mm diameter high tensile steel weldmesh covering fixed to and including 5 no. x 4mm diameter horizontal straining wires, mesh strained with 10mm galvanized hook bolts, straining wires strained with 100mm long x 10mm diameter straining bolts, including all necessary hot dipped galvanized steel angle section posts, corner posts, stays, top and bottom rails, including all cover plates, base plates, casting posts into and excluding concrete bases, including excavations, backfilling, carting away excess excavated material, 4 no. straining wires to each overhang, etc., complete (INNER FENCE) ","m",1622,null,{"$f":"D13*E13","v":0}]
[]
[null,"Extra over 2,4m high barrier security fencing with overhang, for bend greater than or equal to 90 degrees.","No",4,null,{"$f":"D15*E15","v":0}]
[]
[null,"Extra over 2,4m high fencing for end.","No",4,null,{"$f":"D17*E17","v":0}]
[]
[null,"Extra over 2,4m high fencing for intersection.","No",2,null,0]
[]
[null,"Extra over 2,4m high fencing for 995mm wide single-leaf Pedestrian gate type 'A' including 40mm diameter hot dipped galvanized steel tube framing, diamond mesh covering bound on with 2,5mm diameter galvanized wire, locking mechanism (padlock to be provided by Eskom), 3 no. hinges, etc., complete (Provisional).","No",1,null,0]
[]
[null,"Extra over 2,4m high fencing for 6m wide double-leaf Vehicular access gate type 'A' Including 40mm diameter hot dipped galvanized steel tube framing and cross bracing, diamond mesh covering bound on with 2,5mm diameter galvanized wire, 460mm long x 8mm diameter chain link welded on (padlock to be provided by Eskom), 3 no. hinges per leaf, 280mm long tower bolt and 100mm long x 20mm diameter steel slot cast flush in top surface of concrete, etc., complete (Provisional)","No",1,null,0]
[]
[null,"Sundries:"]
[]
[null,"Earthing clamp bolted to gate upright and steel fence post, including drilling of holes, etc., complete (all in accordance with drawings 0.54/4963 and 0.54/6743)","No",10,null,0]
[]
[null,"Site preparation:"]
[]
[null,"Trim, pre-wet and compact in-situ material excavated material to 93% Mod. AASHTO maximum density, including working in confined areas. ","m²",{"$f":"D13*1","v":1622},null,{"$f":"D31*E31","v":0}]
[]
[null,"Rehabilitation"]
[]
[null,"Costs associated making good and rehabilitation of  disturbed land during demolision and breaking of existing foundations etc all in accordance with the latest Environmental Management requirements.","Sum",1,null,{"$f":"D35*E35","v":0}]
[]
[null,"Total Carried Forward to Main Summary Page",{"$nulls":3},{"$f":"SUM(F7:F36)","v":0}]

{"sheet":"SECTION 5 - Security Lighting","index":5,"n_rows":226,"n_cols":7,"rows_kept":226,"merged":[[0,5,0,6]]}
[null,null,"LEANDER SUBSTATION FENCE "]
[null,"ITEM        No.","DESCRIPTION","UNIT","QUANTITY","RATE","AMOUNT"]
[null,null,"SECTION 5"]
[]
[null,null,"BILL No 1: LUMINARES"]
[]
[null,null,"SHEET 2 Rev 3: Security Lighting SLDB1 and SLDB2 400/230V AC Schematic and Cable Block Diagram"]
[]
[null,null,"SLDB1"]
[]
[null,null,"Supply and install Weather proof Metalic Hot Dipped Galvanised Distribution Kiosks complete with Hinged Padlockable Lever Lock Doors, Mounted on an Indipendent Concrete Plinth complete with frames, sub-frames, chassis, fixtures, fittings, terminations, busbars and wiring with spare space as per specification."]
[]
[null,null,"Equipment provided in Distribution Board"]
[]
[null,null,"Security Lighting distribution board 1 (SLDB 1) as per drawing number 0.18/31771  Sheet 2 ","No",1,null,{"$f":"E15*F15","v":0}]
[]
[null,null,"Pole Termination Box (Zone 1 - SL05 to SL23) as per Drawing Number 0.18/31771  Sheet 2 ","No",1,null,{"$f":"E17*F17","v":0}]
[]
[null,null,"Pole Termination Box (Zone 2 - SL24 to SL44) as per Drawing Number 0.18/31771  Sheet 2 ","No",1,null,0]
[]
[null,null,"Relay Board (SLDB) - For Zone 1 & Zone 2 as per Drawing Number 0.18/31771   Sheet 2 ","No",1,null,0]
[]
[null,null,"25 Relay Card Enclosure within Access Control Building as per Drawing Number 0.18/31771 Sheet 2 ","No",1,null,0]
[]
[null,null,"SLDB2"]
[]
[null,null,"Supply and install Weather proof Metalic Hot Dipped Galvanised Distribution Kiosks complete with Hinged Padlockable Lever Lock Doors, Mounted on an Indipendent Concrete Plinth complete with frames, sub-frames, chassis, fixtures, fittings, terminations, busbars and wiring with spare space as per specification."]
[]
[null,null,"Equipment provided in Distribution Board"]
[]
[null,null,"Pole Termination Box (Zone 3 - SL45 to SL63) as per Drawing Number 0.18/31771  Sheet 2","No",1,null,{"$f":"E31*F31","v":0}]
[]
[null,null,"Pole Termination Box (Zone 4 - SL64 to SL81) as per Drawing Number 0.18/31771  Sheet 2","No",1,null,{"$f":"E33*F33","v":0}]
[]
[null,null,"Relay Board (SLDB) - For Zone 1 & Zone 2 as per Drawing Number 0.18/31771   Sheet 2 ","No",1,null,{"$f":"E35*F35","v":0}]
[]
[null,null,"25 Relay Card Enclosure within Access Control Building as per Drawing Number 0.18/31771 Sheet 2 ","No",1,null,{"$f":"E37*F37","v":0}]
[]
[]
[null,null,"Bill No 2: "]
[]
[null,null,"SHEET 1: Security Lighting Pole Location and Cable Route Layout SDLDB1"]
[]
[null,null,"Supply and Installation of Cables"]
[]
[null,null,"BVX4HCV"]
[]
[null,null,"Supply","m",340,null,{"$f":"E48*F48","v":0}]
[]
[null,null,"Install","m",{"$f":"E48","v":340},null,0]
[]
[null,null,"BVX4ECV"]
[]
[null,null,"Supply","m",{"$f":"420*2","v":840},null,0]
[]
[null,null,"Install","m",{"$f":"E54","v":840},null,0]
[]
[null,null,"BVX4DCV"]
[]
[null,null,"Supply","m",400,null,0]
[]
[null,null,"Install","m",{"$f":"E60","v":400},null,0]
[]
[null,null,"BVX4HCV"]
[]
[null,null,"Terminate cables at Source","No",1,null,{"$f":"E66*F66","v":0}]
[]
[null,null,"Terminate at supply Down Stream","No",1,null,0]
[]
[null,null,"BVX4ECV"]
[]
[null,null,"Terminate cables at Source","No",2,null,0]
[]
[null,null,"Terminate at supply Down Stream","No",2,null,0]
[]
[null,null,"BVX4DCV"]
[]
[null,null,"Terminate cables at Source","No",1,null,0]
[]
[null,null,"Terminate at supply Down Stream","No",1,null,0]
[]
[null,null,"Numbering of Poles (Use of 50mm high stencil and enamel paint )","No",{"$f":"E138","v":81},null,0]
[]
[null,null,"SECTION 5"]
[]
[null,null,"Bill No 3"]
[]
[null,null,"SHEET 1: Security Lighting Pole Location and Cable Route Layout SDLDB2"]
[]
[null,null,"Supply and Installation of Cables"]
[]
[null,null,"BVX4HCV"]
[]
[null,null,"Supply","m",340,null,{"$f":"E94*F94","v":0}]
[]
[null,null,"Install","m",{"$f":"E94","v":340},null,0]
[]
[null,null,"BVX4ECV"]
[]
[null,null,"Supply","m",840,null,0]
[]
[null,null,"Install","m",{"$f":"E100","v":840},null,0]
[]
[null,null,"BVX4DCV"]
[]
[null,null,"Supply","m",400,null,0]
[]
[null,null,"Install","m",{"$f":"E106","v":400},null,0]
[]
[null,null,"Terminations"]
[]
[null,null,"BVX4HCV"]
[]
[null,null,"Terminate cables at Source","No",1,null,0]
[]
[null,null,"Terminate at supply Down Stream","No",1,null,0]
[]
[null,null,"BVX4ECV"]
[]
[null,null,"Terminate cables at Source","No",2,null,0]
[]
[null,null,"Terminate at supply Down Stream","No",2,null,0]
[]
[null,null,"BVX4DCV"]
[]
[null,null,"Terminate cables at Source","No",1,null,0]
[]
[null,null,"Terminate at supply Down Stream","No",1,null,0]
[]
[null,null,"SECTION 6"]
[]
[null,null,"Bill No 4"]
[]
[null,null,"EXCAVATIONS"]
[]
[null,null,"Trenching by hand (400mm wide x 600mm deep) and option for 1000m deep option"]
[]
[null,null,"a) in soft material","m",{"$f":"1*E184","v":81},null,0]
[]
[null,null,"b) intermediate.","m",{"$f":"1*E186","v":81},null,0]
[]
[null,null,"c) in rock","m",40,null,{"$f":"E142*F142","v":0}]
[]
[null,null,"Trenching by machine (400mm wide x 600mm deep) and option for 1000mm deep option"]
[]
[null,null,"a) in soft material Linear","m",{"$f":"E138","v":81},null,0]
[]
[null,null,"b) in intemediate material ","m",50,null,0]
[]
[null,null,"Excavate pole hole 0.70m deep by machine (auger r = 450mm)","Each",0,null,"Rate Only"]
[]
[null,null,"Excavate pole hole by hand (0.70m x 0,5m x 0,5m)","Each",81,null,0]
[]
[null,null,"Install 110mm sleeve pipe","m",30,null,0]
[]
[null,null,"Horizontal drilling / Hydraulic Ram 1m below road surface including installation of 110 mm sleeve","m",10,null,0]
[]
[null,null,"BACKFILLING"]
[]
[null,null,"Backfill trenches and compact Linear","m",60,null,0]
[]
[null,null,"Backfill pole holes and compact","Each",81,null,0]
[]
[null,null,"Importation of bedding material (under and over 100mm)","m3",30,null,0]
[]
[null,null,"Importation of additional backfilling material","m3",15,null,0]
[]
[null,null,"Cleaning, removal and dumping of excess material from site to designated registered dump site.","m3",50,null,0]
[]
[null,null,"Pouring of concrete","m3",{"$f":"(0.5*0.5*1)*115","v":28.75},null,0]
[]
[null,null,"SECTION 5"]
[]
[null,null,"Bill No 5"]
[]
[null,null,"INSTALLATION OF EQUIPMENT"]
[]
[null,null,"Luminaire Pole"]
[]
[null,null,"Galvanised steel pole 5m, 4m Mounting Height above ground level, Provided with Access Openning Cable Entry and Gland Plate with 5A MCB.  Base Plate for direct Embedment into Ground. See DGN 0.54/8805 fore details."]
[]
[null,null,"Similar to GENLUX 28144 or equal approved"]
[]
[null,null,"Supply","No",81,null,{"$f":"E184*F184","v":0}]
[]
[null,null,"Install","No",{"$f":"E184","v":81},null,0]
[]
[null,null,"Pole Bracket for Outer Fence Luminaire"]
[]
[null,null,"1m Adapter Outreach Bracket"]
[]
[null,null,"Similar to GENLUX 41802 or equal approved"]
[]
[null,null,"Supply","No",{"$f":"E184","v":81},null,0]
[]
[null,null,"Install","No",{"$f":"E184","v":81},null,0]
[]
[null,null,"Luminaire"]
[]
[null,null,"55W LED High Perfomance Luminaire, Bottom Entry, 85 to 60mm Adapter for Luminaire to Fit on Pole, Similar to Genlux Reloaded or equal approved"]
[]
[null,null,"Supply and install","No",{"$f":"E184","v":81},null,0]
[]
[null,null,"Install","No",81,null,0]
[]
[null,null,"EXTRA WORKS"]
[]
[null,null,"Provision for the isolation of power to the existing pole lights at the existing pole termination boxes. (Lot)","Item",1,null,0]
[]
[null,null,"Provision for removing all the existing redundant light poles and their fittings (Lot)","No",{"$f":"E184+10","v":91},null,0]
[]
[null,null,"Provision for removing all the existing under ground cabling after the trenches had been openned up before new cables are laid in.","Item",1,null,0]
[]
[null,null,"AS BUILT DRAWINGS"]
[]
[null,null,"Supply the engineer with as build drawings as specified."]
[]
[null,null,"As built drawings","Item",1,null,0]
[]
[null,null,"TESTING AND COMMISIONING"]
[]
[null,null,"Testing, Commisioning and Issuing C.O.C for each distribution board by a three phase Master Electrician ECB registered.","Item",1,null,0]
[]
[null,null,"Comprehensive service and maintenance during the 12 months guarantee period including spare materials","Item",1,null,0]
[]
[null,null,"SECTION SUMMARY (PERIMETER LIGHTING)",{"$nulls":3},{"$f":"SUM(G3:G225)","v":0}]

{"sheet":"SECTION 6 - Access Control","index":6,"n_rows":1003,"n_cols":31,"rows_kept":1003,"merged":[[1,1,4,1],[1,2,4,2],[1,3,4,3],[1,4,4,4],[1,5,4,5],[1,6,4,6],[1,7,4,7],[1,8,4,8],[1,9,4,9],[1,10,4,10],[1,11,4,11],[1,12,4,12],[1,13,4,13],[1,14,4,14],[1,15,4,15],[1,16,4,16],[1,17,4,17],[1,18,4,18],[1,19,4,19],[1,20,4,20],[1,21,4,21],[1,22,4,22],[1,23,4,23],[1,24,4,24],[1,25,4,25],[1,26,4,26],[1,27,4,27],[1,28,4,28],[1,29,4,29],[1,30,4,30]]}
[{"$nulls":3},"LEANDER SUBSTATION FENCE "]
[null,"ITEM No.","REFERENCE","DESCRIPTION","UNIT","QTY","RATE","AMOUNT","RATE","AMOUNT","RATE","AMOUNT","RATE","AMOUNT","RATE","AMOUNT","QTY","RATE","AMOUNT","QTY","RATE","AMOUNT","QTY","RATE","AMOUNT","QTY","RATE","AMOUNT","QTY","RATE","AMOUNT"]
[]
[]
[]
[]
[]
[{"$nulls":3},"BILL NO. 1 - ACCESS CONTROL BUILDING"]
[]
[{"$nulls":3},"(Refer drawings 0.17/3687)"]
[]
[]
[{"$nulls":3},"Notes:"]
[{"$nulls":3},"The following bills in this section , have been measured according to the \"SABS 1200 System for Measuring Civil Works\" as published by the SABS.  All quantities are provisional and subject to remeasurement during the execution of the project."]
[]
[{"$nulls":3},"Before submitting the tender the tenderer shall visit the site and satisfy himself as to the nature and extent of the work to be done and the value of the materials contained in the buildings or portions of the buildings / structures to be demolished.  No claim for any variations of the contract sum in respect of the nature and extent of the work or of inferior or damaged materials will be entertained"]
[]
[{"$nulls":3},"Explosives"]
[]
[{"$nulls":3},"No explosives whatsoever may be used for demolition purposes unless otherwise stated"]
[]
[{"$nulls":3},"General"]
[]
[{"$nulls":3},"Water supply pipes and other piping in ground that may be encountered and found necessary to disconnect or cut, shall be effectually stopped off or grubbed up and removed, and any new connections that may be necessary shall be made with proper fittings to the satisfaction of the Project Manager"]
[]
[{"$nulls":3},"ALTERATIONS, DEMOLITIONS, ETC."]
[]
[]
[{"$nulls":3},"REMOVAL OF EXISTING WORK"]
[]
[{"$nulls":3},"Breaking up and removing reinforced concrete, including cutting off and removing reinforcement, holding down bolts, base plates, etc., including rubble removal to the nearest registered land fill site:"]
[]
[null,1,null,"Footings.","m³",{"$f":"ROUND((15+5+5)*1*0.3,2)","v":{"v":7.5,"d":"7.50"}},{"v":850,"d":"R 850.00"},{"$f":"F33*G33","v":{"v":6375,"d":"R 6,375.00"}},{"v":500,"d":"R 500.00"},{"$f":"F33*I33","v":{"v":3750,"d":"3750.00"}},{"v":75,"d":"R 75.00"},{"$f":"F33*K33","v":{"v":562.5,"d":"R 562.50"}},{"v":850,"d":"R 850.00"},{"$f":"F33*M33","v":{"v":6375,"d":"R 6,375.00"}},{"v":1400,"d":"R 1,400.00"},{"$f":"F33*O33","v":{"v":10500,"d":"R 10,500.00"}},{"$f":"ROUND((15+5+5)*1*0.3,2)","v":{"v":7.5,"d":"7.50"}},{"v":839.16,"d":"R 839.16"},{"$f":"Q33*R33","v":{"v":6293.7,"d":"R 6,293.70"}},{"$f":"ROUND((15+5+5)*1*0.3,2)","v":{"v":7.5,"d":"7.50"}},{"v":1080,"d":"R 1,080.00"},{"v":8100,"d":"R 8,100.00"},{"$f":"ROUND((15+5+5)*1*0.3,2)","v":{"v":7.5,"d":"7.50"}},{"v":324,"d":"R 324.00"},{"$f":"W33*X33","v":{"v":2430,"d":"R 2,430.00"}},{"$f":"ROUND((15+5+5)*1*0.3,2)","v":{"v":7.5,"d":"7.50"}},{"v":2500,"d":"R 2,500.00"},{"$f":"Z33*AA33","v":{"v":18750,"d":"R 18,750.00"}},{"$f":"ROUND((15+5+5)*1*0.3,2)","v":{"v":7.5,"d":"7.50"}},null,{"$f":"AC33*AD33","v":0}]
[{"$nulls":9},{"$f":"F34*I34","v":{"v":0,"d":"0.00"}},null,{"$f":"F34*K34","v":0},null,{"$f":"F34*M34","v":0},null,{"$f":"F34*O34","v":0}]
[null,{"$f":"B33+1","v":2},null,"Columns.","m³",2.78,{"v":850,"d":"R 850.00"},{"$f":"F35*G35","v":{"v":2363,"d":"R 2,363.00"}},{"v":720,"d":"R 720.00"},{"v":2001.6,"d":"2001.60"},{"v":75,"d":"R 75.00"},{"v":208.49999999999997,"d":"R 208.50"},{"v":850,"d":"R 850.00"},{"v":2363,"d":"R 2,363.00"},{"v":1400,"d":"R 1,400.00"},{"v":3891.9999999999995,"d":"R 3,892.00"},2.78,{"v":839.16,"d":"R 839.16"},{"$f":"Q35*R35","v":{"v":2332.8648,"d":"R 2,332.86"}},2.78,{"v":1080,"d":"R 1,080.00"},{"v":3002.3999999999996,"d":"R 3,002.40"},2.78,{"v":324,"d":"R 324.00"},{"$f":"W35*X35","v":{"v":900.7199999999999,"d":"R 900.72"}},2.78,{"v":2500,"d":"R 2,500.00"},{"$f":"Z35*AA35","v":{"v":6949.999999999999,"d":"R 6,950.00"}},2.78,null,{"$f":"AC35*AD35","v":0}]
[{"$nulls":9},{"v":0,"d":"0.00"},null,0,null,0,null,0]
[null,{"$f":"B35+1","v":3},null,"Surface beds.","m³",{"v":37.8,"d":"37.80"},{"v":850,"d":"R 850.00"},{"$f":"F37*G37","v":{"v":32129.999999999996,"d":"R 32,130.00"}},{"v":500,"d":"R 500.00"},{"v":18900,"d":"18900.00"},{"v":75,"d":"R 75.00"},{"v":2835,"d":"R 2,835.00"},{"v":850,"d":"R 850.00"},{"v":32129.999999999996,"d":"R 32,130.00"},{"v":1400,"d":"R 1,400.00"},{"v":52919.99999999999,"d":"R 52,920.00"},{"v":37.8,"d":"37.80"},{"v":839.16,"d":"R 839.16"},{"$f":"Q37*R37","v":{"v":31720.247999999996,"d":"R 31,720.25"}},{"v":37.8,"d":"37.80"},{"v":1080,"d":"R 1,080.00"},{"v":40824,"d":"R 40,824.00"},{"v":37.8,"d":"37.80"},{"v":324,"d":"R 324.00"},{"$f":"W37*X37","v":{"v":12247.199999999999,"d":"R 12,247.20"}},{"v":37.8,"d":"37.80"},{"v":2500,"d":"R 2,500.00"},{"$f":"Z37*AA37","v":{"v":94500,"d":"R 94,500.00"}},{"v":37.8,"d":"37.80"},null,{"$f":"AC37*AD37","v":0}]
[{"$nulls":9},{"v":0,"d":"0.00"},{"$nulls":3},0]
[null,{"$f":"B37+1","v":4},null,"Demolish and remove a section of an existing buidling,  approximately 28m² consisting of brick walls, surface beds, foundations, steelwork, roof trusses and roof sheeting, including any internal structures, finishes, doors, windows, etc., and dispose off site all demolished debris to the nearest registered land fill site. Over excavate 500mm, backfill with selected approved G5 material and compact in 150mm layers to 93% MOD AASHTO density up to required level.","No",1,{"v":46200,"d":"R 46,200.00"},{"$f":"F39*G39","v":{"v":46200,"d":"R 46,200.00"}},{"v":43000,"d":"R 43,000.00"},{"v":43000,"d":"43000.00"},{"v":16500,"d":"R 16,500.00"},{"v":16500,"d":"R 16,500.00"},{"$f":"1650*28","v":{"v":46200,"d":"R 46,200.00"}},{"v":46200,"d":"R 46,200.00"},{"v":50000,"d":"R 50,000.00"},{"v":50000,"d":"R 50,000.00"},1,{"v":22356,"d":"R 22,356.00"},{"$f":"Q39*R39","v":{"v":22356,"d":"R 22,356.00"}},1,{"v":57000,"d":"R 57,000.00"},{"v":57000,"d":"R 57,000.00"},1,{"v":324,"d":"R 324.00"},{"$f":"W39*X39","v":{"v":324,"d":"R 324.00"}},1,{"v":25000,"d":"R 25,000.00"},{"$f":"Z39*AA39","v":{"v":25000,"d":"R 25,000.00"}},1,null,{"$f":"AC39*AD39","v":0}]
[{"$nulls":9},{"v":0,"d":"0.00"},{"$nulls":3},0]
[{"$nulls":3},"Taking up and removing broken concrete, prepare founding bed and place new 10MPa concrete and finish off with wood float, etc.:",{"$nulls":5},{"v":0,"d":"0.00"},{"$nulls":3},0]
[{"$nulls":9},{"v":0,"d":"0.00"},{"$nulls":3},0]
[null,{"$f":"B39+1","v":5},null,"On existing aprons","m²",1,{"v":250,"d":"R 250.00"},{"$f":"F43*G43","v":{"v":250,"d":"R 250.00"}},{"v":110,"d":"R 110.00"},{"v":110,"d":"110.00"},{"v":12500,"d":"R 12,500.00"},{"$f":"F43*K43","v":{"v":12500,"d":"R 12,500.00"}},{"v":250,"d":"R 250.00"},{"v":250,"d":"R 250.00"},{"v":550,"d":"R 550.00"},{"$f":"F43*O43","v":{"v":550,"d":"R 550.00"}},1,{"v":495.72,"d":"R 495.72"},{"$f":"Q43*R43","v":{"v":495.72,"d":"R 495.72"}},1,{"v":540,"d":"R 540.00"},{"v":540,"d":"R 540.00"},1,{"v":13446,"d":"R 13,446.00"},{"$f":"W43*X43","v":{"v":13446,"d":"R 13,446.00"}},1,{"v":250,"d":"R 250.00"},{"$f":"Z43*AA43","v":{"v":250,"d":"R 250.00"}},{"$f":"(3940+970)/1000*1.15+(6.695*1.15)+2","v":{"v":15.345749999999999,"d":"15"}},null,{"$f":"AC43*AD43","v":0}]
[{"$nulls":9},{"v":0,"d":"0.00"},{"$nulls":3},0]
[{"$nulls":3},"Taking up and removing doors, door frames, windows, window frames, etc. including thresholds, sills, etc.:",{"$nulls":5},{"v":0,"d":"0.00"},{"$nulls":3},0]
[{"$nulls":9},{"v":0,"d":"0.00"},{"$nulls":3},0]
[null,{"$f":"B43+1","v":6},null,"Door and frame 2130 x 990mm wide from one brick wall.","No",3,{"v":500,"d":"R 500.00"},{"$f":"F47*G47","v":{"v":1500,"d":"R 1,500.00"}},{"v":3.2,"d":"R 3.20"},{"v":9.600000000000001,"d":"9.60"},{"v":200,"d":"R 200.00"},{"$f":"F47*K47","v":{"v":600,"d":"R 600.00"}},{"v":500,"d":"R 500.00"},{"v":1500,"d":"R 1,500.00"},{"v":450,"d":"R 450.00"},{"$f":"F47*O47","v":{"v":1350,"d":"R 1,350.00"}},3,{"v":1465.49,"d":"R 1,465.49"},{"$f":"Q47*R47","v":{"v":4396.47,"d":"R 4,396.47"}},3,{"v":480,"d":"R 480.00"},{"v":1440,"d":"R 1,440.00"},3,{"v":3076,"d":"R 3,076.00"},{"$f":"W47*X47","v":{"v":9228,"d":"R 9,228.00"}},3,{"v":100,"d":"R 100.00"},{"$f":"Z47*AA47","v":{"v":300,"d":"R 300.00"}},3,null,{"$f":"AC47*AD47","v":0}]
[{"$nulls":9},{"v":0,"d":"0.00"},null,0,null,0]
[null,{"$f":"B47+1","v":7},null,"Window W1 size 900 x 900mm high with 54mm clear bullet proof glass level G3.","No",1,{"v":500,"d":"R 500.00"},{"$f":"F49*G49","v":{"v":500,"d":"R 500.00"}},{"v":3.2,"d":"R 3.20"},{"v":3.2,"d":"3.20"},{"v":200,"d":"R 200.00"},{"v":200,"d":"R 200.00"},{"v":500,"d":"R 500.00"},{"v":500,"d":"R 500.00"},{"v":450,"d":"R 450.00"},{"$f":"F49*O49","v":{"v":450,"d":"R 450.00"}},1,{"v":296.99,"d":"R 296.99"},{"$f":"Q49*R49","v":{"v":296.99,"d":"R 296.99"}},1,{"v":480,"d":"R 480.00"},{"v":480,"d":"R 480.00"},1,{"v":3276,"d":"R 3,276.00"},{"$f":"W49*X49","v":{"v":3276,"d":"R 3,276.00"}},1,{"v":100,"d":"R 100.00"},{"$f":"Z49*AA49","v":{"v":100,"d":"R 100.00"}},4,null,{"$f":"AC49*AD49","v":0}]
[]
[null,{"$f":"B49+1","v":8},null,"Window size 600mm x 600mm high (W2) - remove glass and putty sand and prepare for painting.","No",{"v":1,"d":"1.00"},{"v":3600,"d":"R 3,600.00"},{"$f":"F51*G51","v":{"v":3600,"d":"R 3,600.00"}},{"v":1050,"d":"R 1,050.00"},{"$f":"F51*I51","v":{"v":1050,"d":"1050.00"}},{"v":5400,"d":"R 5,400.00"},{"$f":"F51*K51","v":{"v":5400,"d":"R 5,400.00"}},{"v":3600,"d":"R 3,600.00"},{"$f":"F51*M51","v":{"v":3600,"d":"R 3,600.00"}},{"v":900,"d":"R 900.00"},{"$f":"F51*O51","v":{"v":900,"d":"R 900.00"}},{"v":1,"d":"1.00"},{"v":786.18,"d":"R 786.18"},{"$f":"Q51*R51","v":{"v":786.18,"d":"R 786.18"}},{"v":1,"d":"1.00"},{"v":1800,"d":"R 1,800.00"},{"v":1800,"d":"R 1,800.00"},{"v":1,"d":"1.00"},{"v":5508,"d":"R 5,508.00"},{"$f":"W51*X51","v":{"v":5508,"d":"R 5,508.00"}},{"v":1,"d":"1.00"},{"v":850,"d":"R 850.00"},{"$f":"Z51*AA51","v":{"v":850,"d":"R 850.00"}},{"v":1,"d":"1.00"},null,{"$f":"AC51*AD51","v":0}]
[]
[{"$nulls":11},0,null,{"$f":"F53*M53","v":0},null,0]
[{"$nulls":3},"Taking up and remove aircon units:",{"$nulls":7},0,null,0,null,0]
[{"$nulls":11},0,null,0,null,0]
[null,{"$f":"B51+1","v":9},null,"Wall mounted aircon unit","No",1,{"v":1000,"d":"R 1,000.00"},{"$f":"F56*G56","v":{"v":1000,"d":"R 1,000.00"}},{"v":3.2,"d":"R 3.20"},{"v":3.2,"d":"3.20"},{"v":350,"d":"R 350.00"},{"v":350,"d":"R 350.00"},{"v":1000,"d":"R 1,000.00"},{"v":1000,"d":"R 1,000.00"},{"v":380,"d":"R 380.00"},{"v":380,"d":"R 380.00"},1,{"v":810,"d":"R 810.00"},{"$f":"Q56*R56","v":{"v":810,"d":"R 810.00"}},1,{"v":480,"d":"R 480.00"},{"v":480,"d":"R 480.00"},1,{"v":1026,"d":"R 1,026.00"},{"$f":"W56*X56","v":{"v":1026,"d":"R 1,026.00"}},1,{"v":500,"d":"R 500.00"},{"$f":"Z56*AA56","v":{"v":500,"d":"R 500.00"}},1,null,{"$f":"AC56*AD56","v":0}]
[{"$nulls":11},0,null,0]
[{"$nulls":3},"Altering openings:",{"$nulls":7},0,null,0]
[{"$nulls":11},0,null,0]
[null,{"$f":"B56+1","v":10},null,"Altering opening in one brick wall to form opening for new window 600x900mm high overall by buidling up brickwork on both sides, top and bottom including necessary brick-on-edge lintel and making good plaster on one side and into reveals and face brickwork on other side and into reveals and with sloping brick-on-edge face brick sill on outside and plastered sill on inside.","No",1,{"v":850,"d":"R 850.00"},{"$f":"F60*G60","v":{"v":850,"d":"R 850.00"}},{"v":3.2,"d":"R 3.20"},{"v":3.2,"d":"3.20"},{"v":1850,"d":"R 1,850.00"},{"v":1850,"d":"R 1,850.00"},{"v":850,"d":"R 850.00"},{"v":850,"d":"R 850.00"},{"v":350,"d":"R 350.00"},{"$f":"F60*O60","v":{"v":350,"d":"R 350.00"}},1,{"v":3780,"d":"R 3,780.00"},{"$f":"Q60*R60","v":{"v":3780,"d":"R 3,780.00"}},1,{"v":2100,"d":"R 2,100.00"},{"v":2100,"d":"R 2,100.00"},1,{"v":1998,"d":"R 1,998.00"},{"$f":"W60*X60","v":{"v":1998,"d":"R 1,998.00"}},1,{"v":1000,"d":"R 1,000.00"},{"$f":"Z60*AA60","v":{"v":1000,"d":"R 1,000.00"}},1,null,{"$f":"AC60*AD60","v":0}]
[{"$nulls":11},0,null,0]
[null,{"$f":"B60+1","v":11},null,"Build up openings where aircon unit, doors and frames where removed from one brick walls including making good brickwork with class FBS clay face bricks in Class II mortar to match existing on one side and Class NFP clay bricks to match existing on the other side, including brickforce, etc. ","m²",{"v":12.6,"d":"12.60"},{"v":650,"d":"R 650.00"},{"$f":"F62*G62","v":{"v":8190,"d":"R 8,190.00"}},{"v":3.2,"d":"R 3.20"},40.32,{"v":285,"d":"R 285.00"},{"v":3591,"d":"R 3,591.00"},{"v":650,"d":"R 650.00"},{"$f":"F62*M62","v":{"v":8190,"d":"R 8,190.00"}},{"v":600,"d":"R 600.00"},{"$f":"F62*O62","v":{"v":7560,"d":"R 7,560.00"}},{"v":12.6,"d":"12.60"},{"v":1117.09,"d":"R 1,117.09"},{"$f":"Q62*R62","v":{"v":14075.333999999999,"d":"R 14,075.33"}},{"v":12.6,"d":"12.60"},{"v":2220,"d":"R 2,220.00"},{"v":27972,"d":"R 27,972.00"},{"v":12.6,"d":"12.60"},{"v":918,"d":"R 918.00"},{"$f":"W62*X62","v":{"v":11566.8,"d":"R 11,566.80"}},{"v":12.6,"d":"12.60"},{"v":580,"d":"R 580.00"},{"$f":"Z62*AA62","v":{"v":7308,"d":"R 7,308.00"}},{"v":12.6,"d":"12.60"},null,{"$f":"AC62*AD62","v":0}]
[{"$nulls":11},0]
[]
[]
[{"$nulls":3},"Hacking up/off and removing vinyl floor tiles and floor finishes including removing bitumen adhesive mechanically or backing and preparing concrete or brick surfaces for new screed, plaster or tile finishes (Provisional):"]
[]
[null,{"$f":"B62+1","v":12},null,"On floors.","m²",{"v":42,"d":"42.00"},{"v":80,"d":"R 80.00"},{"$f":"F68*G68","v":{"v":3360,"d":"R 3,360.00"}},{"v":51,"d":"R 51.00"},{"$f":"F68*I68","v":{"v":2142,"d":"2142.00"}},{"v":55,"d":"R 55.00"},{"$f":"F68*K68","v":{"v":2310,"d":"R 2,310.00"}},{"v":80,"d":"R 80.00"},{"$f":"F68*M68","v":{"v":3360,"d":"R 3,360.00"}},{"v":30,"d":"R 30.00"},{"$f":"F68*O68","v":{"v":1260,"d":"R 1,260.00"}},{"v":42,"d":"42.00"},{"v":76.25,"d":"R 76.25"},{"$f":"Q68*R68","v":{"v":3202.5,"d":"R 3,202.50"}},{"v":42,"d":"42.00"},{"v":90,"d":"R 90.00"},{"v":3780,"d":"R 3,780.00"},{"v":42,"d":"42.00"},{"v":56.16,"d":"R 56.16"},{"$f":"W68*X68","v":{"v":2358.72,"d":"R 2,358.72"}},{"v":42,"d":"42.00"},{"v":120,"d":"R 120.00"},{"$f":"Z68*AA68","v":{"v":5040,"d":"R 5,040.00"}},{"v":42,"d":"42.00"},null,{"$f":"AC68*AD68","v":0}]
[{"$nulls":13},{"$f":"F69*M69","v":0}]
[{"$nulls":3},"Taking up and removing skirtings, etc.:",{"$nulls":9},0]
[{"$nulls":13},0]
[null,{"$f":"B68+1","v":13},null,"Vinyl skirtings.","m",{"v":80,"d":"80.00"},{"v":40,"d":"R 40.00"},{"$f":"F72*G72","v":{"v":3200,"d":"R 3,200.00"}},{"v":3.5,"d":"R 3.50"},{"$f":"F72*I72","v":{"v":280,"d":"280.00"}},{"v":98,"d":"R 98.00"},{"$f":"F72*K72","v":{"v":7840,"d":"R 7,840.00"}},{"v":40,"d":"R 40.00"},{"v":3200,"d":"R 3,200.00"},{"v":15,"d":"R 15.00"},{"$f":"F72*O72","v":{"v":1200,"d":"R 1,200.00"}},{"v":80,"d":"80.00"},{"v":26.47,"d":"R 26.47"},{"$f":"Q72*R72","v":{"v":2117.6,"d":"R 2,117.60"}},{"v":80,"d":"80.00"},{"v":24,"d":"R 24.00"},{"v":1920,"d":"R 1,920.00"},{"v":80,"d":"80.00"},{"v":95.04,"d":"R 95.04"},{"$f":"W72*X72","v":{"v":7603.200000000001,"d":"R 7,603.20"}},{"v":80,"d":"80.00"},{"v":15,"d":"R 15.00"},{"$f":"Z72*AA72","v":{"v":1200,"d":"R 1,200.00"}},{"v":80,"d":"80.00"},null,{"$f":"AC72*AD72","v":0}]
[{"$nulls":9},{"v":0,"d":"0.00"},{"$nulls":3},0]
[{"$nulls":3},"Taking out and removing doors, frames, etc.:",{"$nulls":5},{"v":0,"d":"0.00"},{"$nulls":3},0]
[{"$nulls":9},{"v":0,"d":"0.00"},{"$nulls":3},0]
[null,{"$f":"B72+1","v":14},null,"Doors and frames.","no",{"v":80,"d":"80.00"},{"v":200,"d":"R 200.00"},{"$f":"F76*G76","v":{"v":16000,"d":"R 16,000.00"}},{"v":3.5,"d":"R 3.50"},{"v":280,"d":"280.00"},{"v":120,"d":"R 120.00"},{"$f":"F76*K76","v":{"v":9600,"d":"R 9,600.00"}},{"v":200,"d":"R 200.00"},{"v":16000,"d":"R 16,000.00"},{"v":90,"d":"R 90.00"},{"$f":"F76*O76","v":{"v":7200,"d":"R 7,200.00"}},{"v":80,"d":"80.00"},{"v":68.43,"d":"R 68.43"},{"$f":"Q76*R76","v":{"v":5474.400000000001,"d":"R 5,474.40"}},{"v":80,"d":"80.00"},{"v":60,"d":"R 60.00"},{"v":4800,"d":"R 4,800.00"},{"v":80,"d":"80.00"},{"v":113.4,"d":"R 113.40"},{"$f":"W76*X76","v":{"v":9072,"d":"R 9,072.00"}},{"v":80,"d":"80.00"},{"v":100,"d":"R 100.00"},{"$f":"Z76*AA76","v":{"v":8000,"d":"R 8,000.00"}},{"v":4,"d":"4.00"},null,{"$f":"AC76*AD76","v":0}]
[{"$nulls":9},{"v":0,"d":"0.00"},{"$nulls":3},0]
[{"$nulls":3},"PREPARATORY WORK TO EXISTING SURFACES",{"$nulls":5},{"v":0,"d":"0.00"},{"$nulls":3},0]
[{"$nulls":9},{"v":0,"d":"0.00"},{"$nulls":3},0]
[{"$nulls":3},"Making good to existing floor to receive new tiles (tiles elsewhere measured):",{"$nulls":5},{"v":0,"d":"0.00"},{"$nulls":3},0]
[{"$nulls":9},{"v":0,"d":"0.00"},{"$nulls":3},0]
[null,{"$f":"B76+1","v":15},null,"Patch to floors.","m²",42,{"v":60,"d":"R 60.00"},{"$f":"F82*G82","v":{"v":2520,"d":"R 2,520.00"}},{"v":80,"d":"R 80.00"},{"v":3360,"d":"3360.00"},{"v":100,"d":"R 100.00"},{"$f":"F82*K82","v":{"v":4200,"d":"R 4,200.00"}},{"v":60,"d":"R 60.00"},{"v":2520,"d":"R 2,520.00"},{"v":40,"d":"R 40.00"},{"$f":"F82*O82","v":{"v":1680,"d":"R 1,680.00"}},42,{"v":306.6,"d":"R 306.60"},{"$f":"Q82*R82","v":{"v":12877.2,"d":"R 12,877.20"}},42,{"v":144,"d":"R 144.00"},{"v":6048,"d":"R 6,048.00"},42,{"v":96.12,"d":"R 96.12"},{"$f":"W82*X82","v":{"v":4037.04,"d":"R 4,037.04"}},42,{"v":120,"d":"R 120.00"},{"$f":"Z82*AA82","v":{"v":5040,"d":"R 5,040.00"}},42,null,{"$f":"AC82*AD82","v":0}]
[{"$nulls":9},{"v":0,"d":"0.00"},{"$nulls":3},0]
[{"$nulls":3},"Taking up and removing skirtings, etc.:",{"$nulls":5},{"v":0,"d":"0.00"},{"$nulls":3},0]
[{"$nulls":9},{"v":0,"d":"0.00"},{"$nulls":3},0]
[null,{"$f":"B82+1","v":16},null,"Hardwood skirtings","m",{"v":25,"d":"25.00"},{"v":20,"d":"R 20.00"},{"$f":"F86*G86","v":{"v":500,"d":"R 500.00"}},{"v":3.5,"d":"R 3.50"},{"v":87.5,"d":"87.50"},{"v":25,"d":"R 25.00"},{"$f":"F86*K86","v":{"v":625,"d":"R 625.00"}},{"v":20,"d":"R 20.00"},{"v":500,"d":"R 500.00"},{"v":15,"d":"R 15.00"},{"$f":"F86*O86","v":{"v":375,"d":"R 375.00"}},{"v":25,"d":"25.00"},{"v":32.67,"d":"R 32.67"},{"$f":"Q86*R86","v":{"v":816.75,"d":"R 816.75"}},{"v":25,"d":"25.00"},{"v":12,"d":"R 12.00"},{"v":300,"d":"R 300.00"},{"v":25,"d":"25.00"},{"v":48.6,"d":"R 48.60"},{"$f":"W86*X86","v":{"v":1215,"d":"R 1,215.00"}},{"v":25,"d":"25.00"},{"v":10,"d":"R 10.00"},{"$f":"Z86*AA86","v":{"v":250,"d":"R 250.00"}},{"v":25,"d":"25.00"},null,{"$f":"AC86*AD86","v":0}]
[{"$nulls":9},{"v":0,"d":"0.00"},{"$nulls":3},0]
[{"$nulls":3},"Hacking up/off and removing wall tiles and wall finishes including removing mortar bed or backing and preparing concrete or brick surfaces for new screed, plaster or tile finishes (Provisional):",{"$nulls":5},{"v":0,"d":"0.00"},{"$nulls":3},0]
[{"$nulls":9},{"v":0,"d":"0.00"},{"$nulls":3},0]
[null,{"$f":"B86+1","v":17},null,"On walls.","m²",{"v":35,"d":"35.00"},{"v":80,"d":"R 80.00"},{"$f":"F90*G90","v":{"v":2800,"d":"R 2,800.00"}},{"v":52,"d":"R 52.00"},{"v":1820,"d":"1820.00"},{"v":25,"d":"R 25.00"},{"$f":"F90*K90","v":{"v":875,"d":"R 875.00"}},{"v":80,"d":"R 80.00"},{"v":2800,"d":"R 2,800.00"},{"v":40,"d":"R 40.00"},{"$f":"F90*O90","v":{"v":1400,"d":"R 1,400.00"}},{"v":35,"d":"35.00"},{"v":70,"d":"R 70.00"},{"$f":"Q90*R90","v":{"v":2450,"d":"R 2,450.00"}},{"v":35,"d":"35.00"},{"v":30,"d":"R 30.00"},{"v":1050,"d":"R 1,050.00"},{"v":35,"d":"35.00"},{"v":48.6,"d":"R 48.60"},{"$f":"W90*X90","v":{"v":1701,"d":"R 1,701.00"}},{"v":35,"d":"35.00"},{"v":120,"d":"R 120.00"},{"$f":"Z90*AA90","v":{"v":4200,"d":"R 4,200.00"}},{"v":35,"d":"35.00"},null,{"$f":"AC90*AD90","v":0}]
[{"$nulls":9},{"v":0,"d":"0.00"},{"$nulls":3},0]
[{"$nulls":3},"Taking out/off and removing sundry glazing, etc.:",{"$nulls":5},{"v":0,"d":"0.00"},{"$nulls":3},0]
[{"$nulls":9},{"v":0,"d":"0.00"},{"$nulls":3},0]
[null,{"$f":"B90+1","v":18},null,"Mirror.","No",1,{"v":400,"d":"R 400.00"},{"$f":"F94*G94","v":{"v":400,"d":"R 400.00"}},{"v":45,"d":"R 45.00"},{"v":45,"d":"45.00"},{"v":400,"d":"R 400.00"},{"$f":"F94*K94","v":{"v":400,"d":"R 400.00"}},{"v":400,"d":"R 400.00"},{"v":400,"d":"R 400.00"},{"v":150,"d":"R 150.00"},{"$f":"F94*O94","v":{"v":150,"d":"R 150.00"}},1,{"v":102.06,"d":"R 102.06"},{"$f":"Q94*R94","v":{"v":102.06,"d":"R 102.06"}},1,{"v":60,"d":"R 60.00"},{"v":60,"d":"R 60.00"},1,{"v":729,"d":"R 729.00"},{"$f":"W94*X94","v":{"v":729,"d":"R 729.00"}},1,{"v":10,"d":"R 10.00"},{"$f":"Z94*AA94","v":{"v":10,"d":"R 10.00"}},1,null,{"$f":"AC94*AD94","v":0}]
[{"$nulls":9},{"v":0,"d":"0.00"},{"$nulls":3},0,null,{"$f":"F95*O95","v":0}]
[{"$nulls":3},"Taking out/off and removing sundry plumbing and drainage works and fittings:",{"$nulls":5},{"v":0,"d":"0.00"},{"$nulls":3},0,null,0]
[{"$nulls":9},{"v":0,"d":"0.00"},{"$nulls":3},0,null,0]
[null,{"$f":"B94+1","v":19},null,"WC and accessories.","No",1,{"v":400,"d":"R 400.00"},{"$f":"F98*G98","v":{"v":400,"d":"R 400.00"}},{"v":400,"d":"R 400.00"},{"v":400,"d":"400.00"},{"v":200,"d":"R 200.00"},{"$f":"F98*K98","v":{"v":200,"d":"R 200.00"}},{"v":400,"d":"R 400.00"},{"v":400,"d":"R 400.00"},{"v":350,"d":"R 350.00"},{"v":350,"d":"R 350.00"},1,{"v":163.3,"d":"R 163.30"},{"$f":"Q98*R98","v":{"v":163.3,"d":"R 163.30"}},1,{"v":360,"d":"R 360.00"},{"v":360,"d":"R 360.00"},1,{"v":1458,"d":"R 1,458.00"},{"$f":"W98*X98","v":{"v":1458,"d":"R 1,458.00"}},1,{"v":500,"d":"R 500.00"},{"$f":"Z98*AA98","v":{"v":500,"d":"R 500.00"}},1,null,{"$f":"AC98*AD98","v":0}]
[{"$nulls":9},{"v":0,"d":"0.00"},{"$nulls":3},0,null,0]
[null,{"$f":"B98+1","v":20},null,"Wash hand basin and accessories.","No",1,{"v":600,"d":"R 600.00"},{"$f":"F100*G100","v":{"v":600,"d":"R 600.00"}},{"v":400,"d":"R 400.00"},{"v":400,"d":"400.00"},{"v":200,"d":"R 200.00"},{"$f":"F100*K100","v":{"v":200,"d":"R 200.00"}},{"v":600,"d":"R 600.00"},{"v":600,"d":"R 600.00"},{"v":300,"d":"R 300.00"},{"v":300,"d":"R 300.00"},1,{"v":163.3,"d":"R 163.30"},{"$f":"Q100*R100","v":{"v":163.3,"d":"R 163.30"}},1,{"v":360,"d":"R 360.00"},{"v":360,"d":"R 360.00"},1,{"v":1458,"d":"R 1,458.00"},{"$f":"W100*X100","v":{"v":1458,"d":"R 1,458.00"}},1,{"v":500,"d":"R 500.00"},{"$f":"Z100*AA100","v":{"v":500,"d":"R 500.00"}},1,null,{"$f":"AC100*AD100","v":0}]
[{"$nulls":9},{"v":0,"d":"0.00"},{"$nulls":3},0,null,0]
[{"$nulls":3},"Taking out/off and removing kitchen counters, etc.:",{"$nulls":5},{"v":0,"d":"0.00"},{"$nulls":3},0,null,0]
[{"$nulls":9},{"v":0,"d":"0.00"},{"$nulls":3},0,null,0]
[null,{"$f":"B100+1","v":21},null,"Existing kitchen cabinets and accessories.","No",1,{"v":600,"d":"R 600.00"},{"$f":"F104*G104","v":{"v":600,"d":"R 600.00"}},{"v":450,"d":"R 450.00"},{"v":450,"d":"450.00"},{"v":200,"d":"R 200.00"},{"$f":"F104*K104","v":{"v":200,"d":"R 200.00"}},{"v":600,"d":"R 600.00"},{"v":600,"d":"R 600.00"},{"v":5000,"d":"R 5,000.00"},{"v":5000,"d":"R 5,000.00"},1,{"v":21600,"d":"R 21,600.00"},{"$f":"Q104*R104","v":{"v":21600,"d":"R 21,600.00"}},1,{"v":1800,"d":"R 1,800.00"},{"v":1800,"d":"R 1,800.00"},1,{"v":1458,"d":"R 1,458.00"},{"$f":"W104*X104","v":{"v":1458,"d":"R 1,458.00"}},1,{"v":500,"d":"R 500.00"},{"$f":"Z104*AA104","v":{"v":500,"d":"R 500.00"}},1,null,{"$f":"AC104*AD104","v":0}]
[{"$nulls":9},{"v":0,"d":"0.00"},{"$nulls":3},0,null,0]
[{"$nulls":3},"Taking up and removing gutters and downpipes, etc.:",{"$nulls":5},{"v":0,"d":"0.00"},{"$nulls":3},0,null,0]
[{"$nulls":9},{"v":0,"d":"0.00"},{"$nulls":3},0,null,0]
[null,{"$f":"B104+1","v":22},null,"Gutters and accessories.","m",20,{"v":40,"d":"R 40.00"},{"$f":"F108*G108","v":{"v":800,"d":"R 800.00"}},{"v":16,"d":"R 16.00"},{"v":320,"d":"320.00"},{"v":195,"d":"R 195.00"},{"$f":"F108*K108","v":{"v":3900,"d":"R 3,900.00"}},{"v":40,"d":"R 40.00"},{"v":800,"d":"R 800.00"},{"v":30,"d":"R 30.00"},{"v":600,"d":"R 600.00"},20,{"v":140.88,"d":"R 140.88"},{"$f":"Q108*R108","v":{"v":2817.6,"d":"R 2,817.60"}},20,{"v":30,"d":"R 30.00"},{"v":600,"d":"R 600.00"},20,{"v":145.8,"d":"R 145.80"},{"$f":"W108*X108","v":{"v":2916,"d":"R 2,916.00"}},20,{"v":20,"d":"R 20.00"},{"$f":"Z108*AA108","v":{"v":400,"d":"R 400.00"}},20,null,{"$f":"AC108*AD108","v":0}]
[{"$nulls":9},{"v":0,"d":"0.00"},{"$nulls":3},0,null,0]
[null,{"$f":"B108+1","v":23},null,"Downpipes and accessories.","m",12,{"v":40,"d":"R 40.00"},{"$f":"F110*G110","v":{"v":480,"d":"R 480.00"}},{"v":8,"d":"R 8.00"},{"v":96,"d":"96.00"},{"v":195,"d":"R 195.00"},{"$f":"F110*K110","v":{"v":2340,"d":"R 2,340.00"}},{"v":40,"d":"R 40.00"},{"v":480,"d":"R 480.00"},{"v":30,"d":"R 30.00"},{"v":360,"d":"R 360.00"},12,{"v":122.1,"d":"R 122.10"},{"$f":"Q110*R110","v":{"v":1465.1999999999998,"d":"R 1,465.20"}},12,{"v":30,"d":"R 30.00"},{"v":360,"d":"R 360.00"},12,{"v":145.8,"d":"R 145.80"},{"$f":"W110*X110","v":{"v":1749.6000000000001,"d":"R 1,749.60"}},12,{"v":20,"d":"R 20.00"},{"$f":"Z110*AA110","v":{"v":240,"d":"R 240.00"}},12,null,{"$f":"AC110*AD110","v":0}]
[{"$nulls":9},{"v":0,"d":"0.00"},{"$nulls":3},0,null,0]
[{"$nulls":3},"PREPARATORY WORK TO EXISTING SURFACES",{"$nulls":5},{"v":0,"d":"0.00"},{"$nulls":3},0,null,0]
[{"$nulls":9},{"v":0,"d":"0.00"},{"$nulls":3},0,null,0]
[{"$nulls":3},"Making good to existing floor to receive new tiles (tiles elsewhere measured):",{"$nulls":5},{"v":0,"d":"0.00"},{"$nulls":3},0,null,0]
[{"$nulls":9},{"v":0,"d":"0.00"},{"$nulls":3},0,null,0]
[null,{"$f":"B110+1","v":24},null,"Patch to floors.","m²",42,{"v":40,"d":"R 40.00"},{"$f":"F116*G116","v":{"v":1680,"d":"R 1,680.00"}},{"v":80,"d":"R 80.00"},{"v":3360,"d":"3360.00"},{"v":35,"d":"R 35.00"},{"$f":"F116*K116","v":{"v":1470,"d":"R 1,470.00"}},{"v":40,"d":"R 40.00"},{"v":1680,"d":"R 1,680.00"},{"v":90,"d":"R 90.00"},{"v":3780,"d":"R 3,780.00"},42,{"v":306.6,"d":"R 306.60"},{"$f":"Q116*R116","v":{"v":12877.2,"d":"R 12,877.20"}},42,{"v":120,"d":"R 120.00"},{"v":5040,"d":"R 5,040.00"},42,{"v":37.8,"d":"R 37.80"},{"$f":"W116*X116","v":{"v":1587.6,"d":"R 1,587.60"}},42,{"v":120,"d":"R 120.00"},{"$f":"Z116*AA116","v":{"v":5040,"d":"R 5,040.00"}},42,null,{"$f":"AC116*AD116","v":0}]
[{"$nulls":9},{"v":0,"d":"0.00"},{"$nulls":3},0,null,0]
[{"$nulls":3},"Making good to existing walls to receive new tiles (tiles elsewhere measured):",{"$nulls":5},{"v":0,"d":"0.00"},{"$nulls":3},0,null,0]
[{"$nulls":9},{"v":0,"d":"0.00"},{"$nulls":3},0,null,0]
[null,{"$f":"B116+1","v":25},null,"Patch to walls.","m²",{"v":35,"d":"35.00"},{"v":40,"d":"R 40.00"},{"$f":"F120*G120","v":{"v":1400,"d":"R 1,400.00"}},{"v":80,"d":"R 80.00"},{"v":2800,"d":"2800.00"},{"v":35,"d":"R 35.00"},{"$f":"F120*K120","v":{"v":1225,"d":"R 1,225.00"}},{"v":40,"d":"R 40.00"},{"v":1400,"d":"R 1,400.00"},{"v":90,"d":"R 90.00"},{"v":3150,"d":"R 3,150.00"},{"v":35,"d":"35.00"},{"v":88.45,"d":"R 88.45"},{"$f":"Q120*R120","v":{"v":3095.75,"d":"R 3,095.75"}},{"v":35,"d":"35.00"},{"v":120,"d":"R 120.00"},{"v":4200,"d":"R 4,200.00"},{"v":35,"d":"35.00"},{"v":37.8,"d":"R 37.80"},{"$f":"W120*X120","v":{"v":1323,"d":"R 1,323.00"}},{"v":35,"d":"35.00"},{"v":120,"d":"R 120.00"},{"$f":"Z120*AA120","v":{"v":4200,"d":"R 4,200.00"}},{"v":35,"d":"35.00"},null,{"$f":"AC120*AD120","v":0}]
[{"$nulls":9},{"v":0,"d":"0.00"},{"$nulls":3},0,null,0]
[{"$nulls":3},"Prepare existing surfaces to receive paint, etc.:",{"$nulls":5},{"v":0,"d":"0.00"},{"$nulls":3},0,null,0]
[{"$nulls":9},{"v":0,"d":"0.00"},{"$nulls":3},0,null,0]
[null,{"$f":"B120+1","v":26},null,"On walls.","m²",90,{"v":40,"d":"R 40.00"},{"$f":"F124*G124","v":{"v":3600,"d":"R 3,600.00"}},{"v":63,"d":"R 63.00"},{"v":5670,"d":"5670.00"},{"v":20,"d":"R 20.00"},{"$f":"F124*K124","v":{"v":1800,"d":"R 1,800.00"}},{"v":40,"d":"R 40.00"},{"v":3600,"d":"R 3,600.00"},{"v":60,"d":"R 60.00"},{"v":5400,"d":"R 5,400.00"},90,{"v":64.8,"d":"R 64.80"},{"$f":"Q124*R124","v":{"v":5832,"d":"R 5,832.00"}},90,{"v":60,"d":"R 60.00"},{"v":5400,"d":"R 5,400.00"},90,{"v":25.92,"d":"R 25.92"},{"$f":"W124*X124","v":{"v":2332.8,"d":"R 2,332.80"}},90,{"v":45,"d":"R 45.00"},{"$f":"Z124*AA124","v":{"v":4050,"d":"R 4,050.00"}},90,null,{"$f":"AC124*AD124","v":0}]
[{"$nulls":9},{"v":0,"d":"0.00"},{"$nulls":3},0,null,0]
[null,{"$f":"B124+1","v":27},null,"On frames.","m²",3,{"v":40,"d":"R 40.00"},{"$f":"F126*G126","v":{"v":120,"d":"R 120.00"}},{"v":40,"d":"R 40.00"},{"v":120,"d":"120.00"},{"v":20,"d":"R 20.00"},{"$f":"F126*K126","v":{"v":60,"d":"R 60.00"}},{"v":40,"d":"R 40.00"},{"v":120,"d":"R 120.00"},{"v":60,"d":"R 60.00"},{"v":180,"d":"R 180.00"},3,{"v":97.2,"d":"R 97.20"},{"$f":"Q126*R126","v":{"v":291.6,"d":"R 291.60"}},3,{"v":60,"d":"R 60.00"},{"v":180,"d":"R 180.00"},3,{"v":25.92,"d":"R 25.92"},{"$f":"W126*X126","v":{"v":77.76,"d":"R 77.76"}},3,{"v":45,"d":"R 45.00"},{"$f":"Z126*AA126","v":{"v":135,"d":"R 135.00"}},3,null,{"$f":"AC126*AD126","v":0}]
[{"$nulls":9},{"v":0,"d":"0.00"},null,0,null,0,null,0]
[null,{"$f":"B126+1","v":28},null,"On roof tiles with Duram or similar approved all weather roof paint - Brown","m²",35,{"v":40,"d":"R 40.00"},{"$f":"F128*G128","v":{"v":1400,"d":"R 1,400.00"}},{"v":40,"d":"R 40.00"},{"v":1400,"d":"1400.00"},{"v":20,"d":"R 20.00"},{"v":700,"d":"R 700.00"},{"v":40,"d":"R 40.00"},{"v":1400,"d":"R 1,400.00"},{"v":60,"d":"R 60.00"},{"v":2100,"d":"R 2,100.00"},35,{"v":162,"d":"R 162.00"},{"$f":"Q128*R128","v":{"v":5670,"d":"R 5,670.00"}},35,{"v":60,"d":"R 60.00"},{"v":2100,"d":"R 2,100.00"},35,{"v":25.92,"d":"R 25.92"},{"$f":"W128*X128","v":{"v":907.2,"d":"R 907.20"}},35,{"v":65,"d":"R 65.00"},{"$f":"Z128*AA128","v":{"v":2275,"d":"R 2,275.00"}},35,null,{"$f":"AC128*AD128","v":0}]
[{"$nulls":9},{"v":0,"d":"0.00"},null,0,null,0,null,0]
[{"$nulls":3},"Prepare existing surfaces to receive paint, any loose, sagged or broken areas to be replaced with 6.4mm rhinoboard. All joints to be made good with fibatape and rhinoglide:",{"$nulls":5},{"v":0,"d":"0.00"},null,0,null,0,null,0]
[{"$nulls":9},{"v":0,"d":"0.00"},null,0,null,0,null,0]
[null,{"$f":"B128+1","v":29},null,"On ceilings and cornice.","m²",32,{"v":98,"d":"R 98.00"},{"$f":"F132*G132","v":{"v":3136,"d":"R 3,136.00"}},{"v":40,"d":"R 40.00"},{"v":1280,"d":"1280.00"},{"v":18,"d":"R 18.00"},{"v":576,"d":"R 576.00"},{"v":60,"d":"R 60.00"},{"v":1920,"d":"R 1,920.00"},{"v":60,"d":"R 60.00"},{"v":1920,"d":"R 1,920.00"},32,{"v":540,"d":"R 540.00"},{"$f":"Q132*R132","v":{"v":17280,"d":"R 17,280.00"}},32,{"v":96,"d":"R 96.00"},{"v":3072,"d":"R 3,072.00"},32,{"v":307.8,"d":"R 307.80"},{"$f":"W132*X132","v":{"v":9849.6,"d":"R 9,849.60"}},32,{"v":45,"d":"R 45.00"},{"$f":"Z132*AA132","v":{"v":1440,"d":"R 1,440.00"}},32,null,{"$f":"AC132*AD132","v":0}]
[{"$nulls":9},{"v":0,"d":"0.00"},{"$nulls":3},0,null,0]
[{"$nulls":3},"EARTHWORKS (PROVISIONAL) ",{"$nulls":5},{"v":0,"d":"0.00"},{"$nulls":3},{"$f":"F134*M134","v":0},null,0]
[{"$nulls":9},{"v":0,"d":"0.00"},{"$nulls":3},0,null,0]
[{"$nulls":3},"SUPPLEMENTARY PREAMBLES ",{"$nulls":5},{"$f":"F136*I136","v":{"v":0,"d":"0.00"}},{"$nulls":3},0,null,0]
[{"$nulls":9},{"v":0,"d":"0.00"},{"$nulls":3},0,null,0]
[{"$nulls":3},"Carting away of excavated material:",{"$nulls":5},{"v":0,"d":"0.00"},{"$nulls":3},0,null,0]
[{"$nulls":9},{"v":0,"d":"0.00"},{"$nulls":3},0,null,0]
[{"$nulls":3},"Descriptions of carting away of excavated material shall be deemed to include loading excavated material onto trucks directly from the excavations or, alternatively, from stock piles situated on the building site.",{"$nulls":5},{"v":0,"d":"0.00"},{"$nulls":3},0,null,0]
[{"$nulls":9},{"v":0,"d":"0.00"},{"$nulls":3},0,null,0]
[{"$nulls":3},"EXCAVATION, FILLING, ETC.",{"$nulls":5},{"v":0,"d":"0.00"},{"$nulls":3},0,null,0]
[{"$nulls":9},{"v":0,"d":"0.00"},{"$nulls":3},0,null,0]
[{"$nulls":3},"Excavation in earth not exceeding 2m deep:",{"$nulls":5},{"v":0,"d":"0.00"},{"$nulls":3},0,null,0]
[{"$nulls":9},{"v":0,"d":"0.00"},{"$nulls":3},0,null,0]
[null,{"$f":"B132+1","v":30},null,"Reduced levels in earth.","m³",3,{"v":120,"d":"R 120.00"},{"$f":"F146*G146","v":{"v":360,"d":"R 360.00"}},{"v":69,"d":"R 69.00"},{"v":207,"d":"207.00"},{"v":48,"d":"R 48.00"},{"$f":"F146*K146","v":{"v":144,"d":"R 144.00"}},{"v":320,"d":"R 320.00"},{"v":960,"d":"R 960.00"},{"v":90,"d":"R 90.00"},{"v":270,"d":"R 270.00"},3,{"v":151.48,"d":"R 151.48"},{"$f":"Q146*R146","v":{"v":454.43999999999994,"d":"R 454.44"}},3,{"v":294,"d":"R 294.00"},{"v":882,"d":"R 882.00"},3,{"v":81,"d":"R 81.00"},{"$f":"W146*X146","v":{"v":243,"d":"R 243.00"}},3,{"v":80,"d":"R 80.00"},{"$f":"Z146*AA146","v":{"v":240,"d":"R 240.00"}},3,null,{"$f":"AC146*AD146","v":0}]
[{"$nulls":9},{"v":0,"d":"0.00"},null,0,null,0,null,0]
[null,{"$f":"B146+1","v":31},null,"Trenches.","m³",7,{"v":120,"d":"R 120.00"},{"$f":"F148*G148","v":{"v":840,"d":"R 840.00"}},{"v":69,"d":"R 69.00"},{"v":483,"d":"483.00"},{"v":48,"d":"R 48.00"},{"v":336,"d":"R 336.00"},{"v":320,"d":"R 320.00"},{"v":2240,"d":"R 2,240.00"},{"v":250,"d":"R 250.00"},{"v":1750,"d":"R 1,750.00"},7,{"v":156.4,"d":"R 156.40"},{"$f":"Q148*R148","v":{"v":1094.8,"d":"R 1,094.80"}},7,{"v":294,"d":"R 294.00"},{"v":2058,"d":"R 2,058.00"},7,{"v":81,"d":"R 81.00"},{"$f":"W148*X148","v":{"v":567,"d":"R 567.00"}},7,{"v":80,"d":"R 80.00"},{"$f":"Z148*AA148","v":{"v":560,"d":"R 560.00"}},7,null,{"$f":"AC148*AD148","v":0}]
[{"$nulls":9},{"v":0,"d":"0.00"},{"$nulls":3},0,null,0]
[{"$nulls":3},"Extra over all trench and hole excavations in earth for excavations in:",{"$nulls":5},{"v":0,"d":"0.00"},{"$nulls":3},0,null,0]
[{"$nulls":9},{"v":0,"d":"0.00"},{"$nulls":3},0,null,0]
[null,{"$f":"B148+1","v":32},null,"Soft rock.","m³",2,{"v":250,"d":"R 250.00"},{"$f":"F152*G152","v":{"v":500,"d":"R 500.00"}},{"v":260,"d":"R 260.00"},{"v":520,"d":"520.00"},{"v":48,"d":"R 48.00"},{"$f":"F152*K152","v":{"v":96,"d":"R 96.00"}},{"v":200,"d":"R 200.00"},{"v":400,"d":"R 400.00"},{"v":290,"d":"R 290.00"},{"v":580,"d":"R 580.00"},2,{"v":28.62,"d":"R 28.62"},{"$f":"Q152*R152","v":{"v":57.24,"d":"R 57.24"}},2,{"v":864,"d":"R 864.00"},{"v":1728,"d":"R 1,728.00"},2,{"v":135,"d":"R 135.00"},{"$f":"W152*X152","v":{"v":270,"d":"R 270.00"}},2,{"v":300,"d":"R 300.00"},{"$f":"Z152*AA152","v":{"v":600,"d":"R 600.00"}},2,null,{"$f":"AC152*AD152","v":0}]
[{"$nulls":9},{"v":0,"d":"0.00"},null,0,null,0,null,0]
[null,{"$f":"B152+1","v":33},null,"Hard rock.","m³",1,{"v":450,"d":"R 450.00"},{"$f":"F154*G154","v":{"v":450,"d":"R 450.00"}},{"v":550,"d":"R 550.00"},{"v":550,"d":"550.00"},{"v":187,"d":"R 187.00"},{"v":187,"d":"R 187.00"},{"v":300,"d":"R 300.00"},{"v":300,"d":"R 300.00"},{"v":400,"d":"R 400.00"},{"v":400,"d":"R 400.00"},1,{"v":649.88,"d":"R 649.88"},{"$f":"Q154*R154","v":{"v":649.88,"d":"R 649.88"}},1,{"v":2178,"d":"R 2,178.00"},{"v":2178,"d":"R 2,178.00"},1,{"v":351,"d":"R 351.00"},{"$f":"W154*X154","v":{"v":351,"d":"R 351.00"}},1,{"v":600,"d":"R 600.00"},{"$f":"Z154*AA154","v":{"v":600,"d":"R 600.00"}},1,null,{"$f":"AC154*AD154","v":0}]
[{"$nulls":9},{"v":0,"d":"0.00"},null,0,null,0,null,0]
[{"$nulls":3},"Extra over all excavations for carting away to a disposal site complying with environmental regulations:",{"$nulls":5},{"v":0,"d":"0.00"},null,0,null,0,null,0]
[{"$nulls":9},{"v":0,"d":"0.00"},null,0,null,0,null,0]
[null,{"$f":"B154+1","v":34},null,"Surplus material from excavations and/or stock piles on site to spoil area located by the contractor.","m³",{"v":5,"d":"5.00"},{"v":200,"d":"R 200.00"},{"$f":"F158*G158","v":{"v":1000,"d":"R 1,000.00"}},{"v":1200,"d":"R 1,200.00"},{"v":6000,"d":"6000.00"},{"v":54,"d":"R 54.00"},{"v":270,"d":"R 270.00"},{"v":200,"d":"R 200.00"},{"v":1000,"d":"R 1,000.00"},{"v":120,"d":"R 120.00"},{"v":600,"d":"R 600.00"},{"v":5,"d":"5.00"},{"v":87.89,"d":"R 87.89"},{"$f":"Q158*R158","v":{"v":439.45,"d":"R 439.45"}},{"v":5,"d":"5.00"},{"v":330,"d":"R 330.00"},{"v":1650,"d":"R 1,650.00"},{"v":5,"d":"5.00"},{"v":56.16,"d":"R 56.16"},{"$f":"W158*X158","v":{"v":280.79999999999995,"d":"R 280.80"}},{"v":5,"d":"5.00"},{"v":450,"d":"R 450.00"},{"$f":"Z158*AA158","v":{"v":2250,"d":"R 2,250.00"}},{"v":5,"d":"5.00"},null,{"$f":"AC158*AD158","v":0}]
[{"$nulls":9},{"v":0,"d":"0.00"},null,0,null,0,null,{"$f":"F159*O159","v":0}]
[{"$nulls":3},"Risk of collapse of excavations:",{"$nulls":5},{"v":0,"d":"0.00"},null,0,null,0,null,0]
[{"$nulls":9},{"v":0,"d":"0.00"},null,0,null,0,null,0]
[null,{"$f":"B158+1","v":35},null,"Sides of trench and hole excavations not exceeding 1,5m deep. ","m²",{"v":6,"d":"6.00"},{"v":420,"d":"R 420.00"},{"$f":"F162*G162","v":{"v":2520,"d":"R 2,520.00"}},{"v":8,"d":"R 8.00"},{"v":48,"d":"48.00"},{"v":24,"d":"R 24.00"},{"v":144,"d":"R 144.00"},{"v":420,"d":"R 420.00"},{"v":2520,"d":"R 2,520.00"},{"v":120,"d":"R 120.00"},{"v":720,"d":"R 720.00"},{"v":6,"d":"6.00"},{"v":9.22,"d":"R 9.22"},{"$f":"Q162*R162","v":{"v":55.32000000000001,"d":"R 55.32"}},{"v":6,"d":"6.00"},{"v":330,"d":"R 330.00"},{"v":1980,"d":"R 1,980.00"},{"v":6,"d":"6.00"},{"v":37.8,"d":"R 37.80"},{"$f":"W162*X162","v":{"v":226.79999999999998,"d":"R 226.80"}},{"v":6,"d":"6.00"},{"v":10,"d":"R 10.00"},{"$f":"Z162*AA162","v":{"v":60,"d":"R 60.00"}},{"v":6,"d":"6.00"},null,{"$f":"AC162*AD162","v":0}]
[{"$nulls":9},{"v":0,"d":"0.00"},null,0,null,0,null,0]
[{"$nulls":3},"Keeping excavations free of water:",{"$nulls":5},{"v":0,"d":"0.00"},null,0,null,0,null,0]
[{"$nulls":9},{"v":0,"d":"0.00"},null,0,null,0,null,0]
[null,36,null,"Keeping excavations free of water.","Item",1,{"v":5000,"d":"R 5,000.00"},{"$f":"G166","v":{"v":5000,"d":"R 5,000.00"}},{"v":2200,"d":"R 2,200.00"},{"v":2200,"d":"2200.00"},{"v":4000,"d":"R 4,000.00"},{"v":4000,"d":"R 4,000.00"},{"v":5000,"d":"R 5,000.00"},{"v":5000,"d":"R 5,000.00"},{"v":5000,"d":"R 5,000.00"},{"$f":"F166*O166","v":{"v":5000,"d":"R 5,000.00"}},1,{"v":2090.9,"d":"R 2,090.90"},{"$f":"R166","v":{"v":2090.9,"d":"R 2,090.90"}},1,{"v":6000,"d":"R 6,000.00"},{"v":6000,"d":"R 6,000.00"},1,{"v":5940,"d":"R 5,940.00"},{"$f":"X166","v":{"v":5940,"d":"R 5,940.00"}},1,{"v":5000,"d":"R 5,000.00"},{"$f":"AA166","v":{"v":5000,"d":"R 5,000.00"}},1,null,{"$f":"AD166","v":0}]
[{"$nulls":9},{"v":0,"d":"0.00"},null,0,null,0]
[]
[{"$nulls":3},"Compaction of surfaces:"]
[]
[null,{"$f":"B166+1","v":37},null,"Compaction of ground surface beds, etc. including scarifying for a depth of 150mm, breaking down over size material, adding suitable material where necessary and compacting to 93% Mod AASHTO density.","m²",8,{"v":20,"d":"R 20.00"},{"$f":"F171*G171","v":{"v":160,"d":"R 160.00"}},{"v":55,"d":"R 55.00"},{"$f":"F171*I171","v":{"v":440,"d":"440.00"}},{"v":68,"d":"R 68.00"},{"$f":"F171*K171","v":{"v":544,"d":"R 544.00"}},{"v":20,"d":"R 20.00"},{"$f":"F171*M171","v":{"v":160,"d":"R 160.00"}},{"v":120,"d":"R 120.00"},{"$f":"F171*O171","v":{"v":960,"d":"R 960.00"}},8,{"v":17.75,"d":"R 17.75"},{"$f":"Q171*R171","v":{"v":142,"d":"R 142.00"}},8,{"v":180,"d":"R 180.00"},{"v":1440,"d":"R 1,440.00"},8,{"v":62.64,"d":"R 62.64"},{"$f":"W171*X171","v":{"v":501.12,"d":"R 501.12"}},8,{"v":45,"d":"R 45.00"},{"$f":"Z171*AA171","v":{"v":360,"d":"R 360.00"}},8,null,{"$f":"AC171*AD171","v":0}]
[{"$nulls":9},{"v":0,"d":"0.00"},null,0,null,{"$f":"F172*M172","v":0}]
[{"$nulls":3},"Filling, etc.",{"$nulls":5},{"v":0,"d":"0.00"},null,0,null,0]
[{"$nulls":9},{"v":0,"d":"0.00"},null,0,null,0]
[{"$nulls":3},"Earth filling obtained from the excavations and/or prescribed stock piles on site compacted to 95% Mod AASHTO density:",{"$nulls":5},{"v":0,"d":"0.00"},null,0,null,0]
[{"$nulls":9},{"v":0,"d":"0.00"},null,0,null,0,null,{"$f":"F176*O176","v":0}]
[null,{"$f":"B171+1","v":38},null,"Backfilling to trenches, holes, etc.","m³",8,{"v":120,"d":"R 120.00"},{"$f":"F177*G177","v":{"v":960,"d":"R 960.00"}},{"v":120,"d":"R 120.00"},{"v":960,"d":"960.00"},{"v":78,"d":"R 78.00"},{"v":624,"d":"R 624.00"},{"v":120,"d":"R 120.00"},{"v":960,"d":"R 960.00"},{"v":180,"d":"R 180.00"},{"v":1440,"d":"R 1,440.00"},8,{"v":151.19,"d":"R 151.19"},{"$f":"Q177*R177","v":{"v":1209.52,"d":"R 1,209.52"}},8,{"v":180,"d":"R 180.00"},{"v":1440,"d":"R 1,440.00"},8,{"v":77.76,"d":"R 77.76"},{"$f":"W177*X177","v":{"v":622.08,"d":"R 622.08"}},8,{"v":120,"d":"R 120.00"},{"$f":"Z177*AA177","v":{"v":960,"d":"R 960.00"}},8,null,{"$f":"AC177*AD177","v":0}]
[{"$nulls":9},{"v":0,"d":"0.00"},null,0,null,0,null,0]
[{"$nulls":3},"Coarse river sand filling supplied by the contractor:",{"$nulls":5},{"v":0,"d":"0.00"},null,0,null,0,null,0]
[{"$nulls":9},{"v":0,"d":"0.00"},null,0,null,0,null,0]
[null,{"$f":"B177+1","v":39},null,"50mm Thick dry, clean, washed riversand layer evenly spread over filling (elsewhere), levelled, watered and rammed to receive waterproof membrane (elsewhere) under solid floors (Provisional).","m²",8,{"v":480,"d":"R 480.00"},{"$f":"F181*G181","v":{"v":3840,"d":"R 3,840.00"}},{"v":117,"d":"R 117.00"},{"v":936,"d":"936.00"},{"v":185,"d":"R 185.00"},{"v":1480,"d":"R 1,480.00"},{"v":480,"d":"R 480.00"},{"v":3840,"d":"R 3,840.00"},{"v":410,"d":"R 410.00"},{"v":3280,"d":"R 3,280.00"},8,{"v":52.71,"d":"R 52.71"},{"$f":"Q181*R181","v":{"v":421.68,"d":"R 421.68"}},8,{"v":780,"d":"R 780.00"},{"v":6240,"d":"R 6,240.00"},8,{"v":178.2,"d":"R 178.20"},{"$f":"W181*X181","v":{"v":1425.6,"d":"R 1,425.60"}},8,{"v":400,"d":"R 400.00"},{"$f":"Z181*AA181","v":{"v":3200,"d":"R 3,200.00"}},8,null,{"$f":"AC181*AD181","v":0}]
[{"$nulls":9},{"v":0,"d":"0.00"},null,0,null,0,null,0]
[{"$nulls":3},"PIPING, ETC.",{"$nulls":5},{"v":0,"d":"0.00"},null,0,null,0,null,0]
[{"$nulls":9},{"v":0,"d":"0.00"},null,0,null,0,null,0]
[{"$nulls":3},"Rigid PVC pipes:",{"$nulls":5},{"v":0,"d":"0.00"},null,0,null,0,null,0]
[{"$nulls":9},{"v":0,"d":"0.00"},null,0,null,0,null,0]
[null,{"$f":"B181+1","v":40},null,"100mm diameter pipe","m",{"v":10,"d":"10.00"},{"v":160,"d":"R 160.00"},{"$f":"F187*G187","v":{"v":1600,"d":"R 1,600.00"}},{"v":85,"d":"R 85.00"},{"v":850,"d":"850.00"},{"v":135,"d":"R 135.00"},{"v":1350,"d":"R 1,350.00"},{"v":160,"d":"R 160.00"},{"v":1600,"d":"R 1,600.00"},{"v":90,"d":"R 90.00"},{"v":900,"d":"R 900.00"},{"v":10,"d":"10.00"},{"v":307.8,"d":"R 307.80"},{"$f":"Q187*R187","v":{"v":3078,"d":"R 3,078.00"}},{"v":10,"d":"10.00"},{"v":108,"d":"R 108.00"},{"v":1080,"d":"R 1,080.00"},{"v":10,"d":"10.00"},{"v":131.76,"d":"R 131.76"},{"$f":"W187*X187","v":{"v":1317.6,"d":"R 1,317.60"}},{"v":10,"d":"10.00"},{"v":85,"d":"R 85.00"},{"$f":"Z187*AA187","v":{"v":850,"d":"R 850.00"}},{"v":10,"d":"10.00"},null,{"$f":"AC187*AD187","v":0}]
[{"$nulls":9},{"v":0,"d":"0.00"},null,0,null,0,null,0]
[{"$nulls":3},"Tests, etc.",{"$nulls":5},{"v":0,"d":"0.00"},null,0,null,0,null,0]
[{"$nulls":9},{"v":0,"d":"0.00"},null,0,null,0,null,0]
[{"$nulls":3},"Prescribed density tests on filling:",{"$nulls":5},{"v":0,"d":"0.00"},null,0,null,0,null,0]
[{"$nulls":9},{"v":0,"d":"0.00"},null,0,null,0,null,0]
[null,{"$f":"B187+1","v":41},null,"Modified AASHTO Density test on fill material.","No",3,{"v":650,"d":"R 650.00"},{"$f":"F193*G193","v":{"v":1950,"d":"R 1,950.00"}},{"v":750,"d":"R 750.00"},{"v":2250,"d":"2250.00"},{"v":700,"d":"R 700.00"},{"v":2100,"d":"R 2,100.00"},{"v":500,"d":"R 500.00"},{"v":1500,"d":"R 1,500.00"},{"v":850,"d":"R 850.00"},{"v":2550,"d":"R 2,550.00"},3,{"v":1376.46,"d":"R 1,376.46"},{"$f":"Q193*R193","v":{"v":4129.38,"d":"R 4,129.38"}},3,{"v":780,"d":"R 780.00"},{"v":2340,"d":"R 2,340.00"},3,{"v":631.8,"d":"R 631.80"},{"$f":"W193*X193","v":{"v":1895.3999999999999,"d":"R 1,895.40"}},3,{"v":450,"d":"R 450.00"},{"$f":"Z193*AA193","v":{"v":1350,"d":"R 1,350.00"}},3,null,{"$f":"AC193*AD193","v":0}]
[{"$nulls":9},{"v":0,"d":"0.00"},null,0,null,0,null,0]
[null,{"$f":"B193+1","v":42},null,"Field Density test including \"Optimum Moisture Content\" (four readings per test) on layer work","No",3,{"v":550,"d":"R 550.00"},{"$f":"F195*G195","v":{"v":1650,"d":"R 1,650.00"}},{"v":750,"d":"R 750.00"},{"v":2250,"d":"2250.00"},{"v":1350,"d":"R 1,350.00"},{"v":4050,"d":"R 4,050.00"},{"v":400,"d":"R 400.00"},{"v":1200,"d":"R 1,200.00"},{"v":500,"d":"R 500.00"},{"v":1500,"d":"R 1,500.00"},3,{"v":961.2,"d":"R 961.20"},{"$f":"Q195*R195","v":{"v":2883.6000000000004,"d":"R 2,883.60"}},3,{"v":780,"d":"R 780.00"},{"v":2340,"d":"R 2,340.00"},3,{"v":1566,"d":"R 1,566.00"},{"$f":"W195*X195","v":{"v":4698,"d":"R 4,698.00"}},3,{"v":450,"d":"R 450.00"},{"$f":"Z195*AA195","v":{"v":1350,"d":"R 1,350.00"}},3,null,{"$f":"AC195*AD195","v":0}]
[{"$nulls":9},{"v":0,"d":"0.00"},null,0,null,0,null,0]
[{"$nulls":3},"Protection against termites",{"$nulls":5},{"v":0,"d":"0.00"},null,0,null,0,null,0]
[{"$nulls":9},{"v":0,"d":"0.00"},null,0,null,0,null,0]
[{"$nulls":3},"Soil insecticide under a 10 year guarantee by specialist:",{"$nulls":5},{"v":0,"d":"0.00"},null,0,null,0,null,0]
[{"$nulls":9},{"v":0,"d":"0.00"},null,0,null,0,null,0]
[null,{"$f":"B195+1","v":43},null,"To bottoms and sides of trenches, etc.","m²",48,{"v":38,"d":"R 38.00"},{"$f":"F201*G201","v":{"v":1824,"d":"R 1,824.00"}},{"v":17,"d":"R 17.00"},{"v":816,"d":"816.00"},{"v":5.85,"d":"R 5.85"},{"v":280.79999999999995,"d":"R 280.80"},{"v":48,"d":"R 48.00"},{"v":2304,"d":"R 2,304.00"},{"v":18,"d":"R 18.00"},{"v":864,"d":"R 864.00"},48,{"v":12.42,"d":"R 12.42"},{"$f":"Q201*R201","v":{"v":596.16,"d":"R 596.16"}},48,{"v":30,"d":"R 30.00"},{"v":1440,"d":"R 1,440.00"},48,{"v":73.44,"d":"R 73.44"},{"$f":"W201*X201","v":{"v":3525.12,"d":"R 3,525.12"}},48,{"v":30,"d":"R 30.00"},{"$f":"Z201*AA201","v":{"v":1440,"d":"R 1,440.00"}},48,null,{"$f":"AC201*AD201","v":0}]
[{"$nulls":9},{"v":0,"d":"0.00"},null,0,null,0,null,0]
[{"$nulls":3},"CONCRETE, FORMWORK AND REINFORCEMENT",{"$nulls":5},{"v":0,"d":"0.00"},null,0,null,0,null,0]
[{"$nulls":9},{"v":0,"d":"0.00"},null,0,null,0,null,0]
[{"$nulls":3},"SUPPLEMENTARY PREAMBLES ",{"$nulls":5},{"v":0,"d":"0.00"},null,0,null,0,null,0]
[{"$nulls":9},{"v":0,"d":"0.00"},null,0,null,0,null,0]
[{"$nulls":3},"Cost of tests",{"$nulls":5},{"v":0,"d":"0.00"},null,0,null,0,null,0]
[{"$nulls":9},{"v":0,"d":"0.00"},null,0,null,0,null,0]
[{"$nulls":3},"The costs of making, storing and testing of concrete test cubes as required under clause 7 \"Tests\" of SABS 1200 G shall include the cost of providing cube moulds necessary for the purpose, for testing costs and for submitting reports on the tests to the architect.  The testing shall be undertaken by an independent firm or institution nominated by the contractor to the approval of the architect.  (Test cubes are measured separately).",{"$nulls":5},{"v":0,"d":"0.00"},null,0,null,0,null,0]
[{"$nulls":9},{"v":0,"d":"0.00"},null,0,null,0,null,0]
[{"$nulls":3},"UNREINFORCED CONCRETE CAST AGAINST EXCAVATED SURFACES ",{"$nulls":5},{"v":0,"d":"0.00"},null,0,null,0,null,0]
[{"$nulls":9},{"v":0,"d":"0.00"},null,0,null,0,null,0]
[{"$nulls":3},"REINFORCED CONCRETE ",{"$nulls":5},{"v":0,"d":"0.00"},null,0,null,0,null,0]
[{"$nulls":9},{"v":0,"d":"0.00"},null,0,null,0,null,0]
[{"$nulls":3},"25MPa/19mm concrete:",{"$nulls":5},{"v":0,"d":"0.00"},null,0,null,0,null,0]
[{"$nulls":9},{"v":0,"d":"0.00"},null,0,null,0,null,0]
[null,44,null,"Apron slabs, steps, etc.","m³",{"v":4,"d":"4.00"},{"v":2850,"d":"R 2,850.00"},{"$f":"F217*G217","v":{"v":11400,"d":"R 11,400.00"}},{"v":1620,"d":"R 1,620.00"},{"v":6480,"d":"6480.00"},{"v":1875,"d":"R 1,875.00"},{"$f":"F217*K217","v":{"v":7500,"d":"R 7,500.00"}},{"v":2150,"d":"R 2,150.00"},{"v":8600,"d":"R 8,600.00"},{"v":3100,"d":"R 3,100.00"},{"v":12400,"d":"R 12,400.00"},{"v":4,"d":"4.00"},{"v":2100.12,"d":"R 2,100.12"},{"$f":"Q217*R217","v":{"v":8400.48,"d":"R 8,400.48"}},{"v":4,"d":"4.00"},{"v":2652,"d":"R 2,652.00"},{"v":10608,"d":"R 10,608.00"},{"v":4,"d":"4.00"},{"v":2646,"d":"R 2,646.00"},{"$f":"W217*X217","v":{"v":10584,"d":"R 10,584.00"}},{"v":4,"d":"4.00"},{"v":2000,"d":"R 2,000.00"},{"$f":"Z217*AA217","v":{"v":8000,"d":"R 8,000.00"}},{"v":4,"d":"4.00"},null,{"$f":"AC217*AD217","v":0}]
[{"$nulls":15},0]
[]
[{"$nulls":3},"TEST BLOCKS "]
[]
[null,45,null,"Making and testing 150 x 150 x 150mm concrete strength test cube (Provisional).","No",{"v":2,"d":"2.00"},{"v":650,"d":"R 650.00"},{"$f":"F222*G222","v":{"v":1300,"d":"R 1,300.00"}},{"v":600,"d":"R 600.00"},{"$f":"F222*I222","v":{"v":1200,"d":"1200.00"}},{"v":455,"d":"R 455.00"},{"$f":"F222*K222","v":{"v":910,"d":"R 910.00"}},{"v":650,"d":"R 650.00"},{"$f":"F222*M222","v":{"v":1300,"d":"R 1,300.00"}},{"v":1000,"d":"R 1,000.00"},{"$f":"F222*O222","v":{"v":2000,"d":"R 2,000.00"}},{"v":2,"d":"2.00"},{"v":264.65,"d":"R 264.65"},{"$f":"Q222*R222","v":{"v":529.3,"d":"R 529.30"}},{"v":2,"d":"2.00"},{"v":1020,"d":"R 1,020.00"},{"v":2040,"d":"R 2,040.00"},{"v":2,"d":"2.00"},{"v":1566,"d":"R 1,566.00"},{"$f":"W222*X222","v":{"v":3132,"d":"R 3,132.00"}},{"v":2,"d":"2.00"},{"v":150,"d":"R 150.00"},{"$f":"Z222*AA222","v":{"v":300,"d":"R 300.00"}},{"v":2,"d":"2.00"},null,{"$f":"AC222*AD222","v":0}]
[{"$nulls":9},{"v":0,"d":"0.00"},null,0,null,{"$f":"F223*M223","v":0},null,0]
[{"$nulls":3},"Finishing top surface of concrete",{"$nulls":5},{"v":0,"d":"0.00"},null,0,null,0,null,0]
[{"$nulls":9},{"v":0,"d":"0.00"},null,0,null,0,null,0]
[{"$nulls":3},"Finishing top surfaces of concrete smooth with a steel trowel:",{"$nulls":5},{"v":0,"d":"0.00"},null,0,null,0,null,0]
[{"$nulls":9},{"v":0,"d":"0.00"},null,0,null,0,null,0]
[null,46,null,"Apron slabs, steps, etc.","m²",{"v":41,"d":"41.00"},{"v":60,"d":"R 60.00"},{"$f":"F228*G228","v":{"v":2460,"d":"R 2,460.00"}},{"v":55,"d":"R 55.00"},{"v":2255,"d":"2255.00"},{"v":18,"d":"R 18.00"},{"v":738,"d":"R 738.00"},{"v":60,"d":"R 60.00"},{"v":2460,"d":"R 2,460.00"},{"v":30,"d":"R 30.00"},{"v":1230,"d":"R 1,230.00"},{"v":41,"d":"41.00"},{"v":41.86,"d":"R 41.86"},{"$f":"Q228*R228","v":{"v":1716.26,"d":"R 1,716.26"}},{"v":41,"d":"41.00"},{"v":90,"d":"R 90.00"},{"v":3690,"d":"R 3,690.00"},{"v":41,"d":"41.00"},{"v":19.44,"d":"R 19.44"},{"$f":"W228*X228","v":{"v":797.0400000000001,"d":"R 797.04"}},{"v":41,"d":"41.00"},{"v":45,"d":"R 45.00"},{"$f":"Z228*AA228","v":{"v":1845,"d":"R 1,845.00"}},{"v":41,"d":"41.00"},null,{"$f":"AC228*AD228","v":0}]
[{"$nulls":9},{"v":0,"d":"0.00"},null,0,null,0,null,0]
[{"$nulls":3},"Smooth Formwork",{"$nulls":5},{"v":0,"d":"0.00"},null,0,null,0,null,0]
[{"$nulls":9},{"v":0,"d":"0.00"},null,0,null,0,null,0]
[{"$nulls":3},"Smooth formwork to sides:",{"$nulls":5},{"v":0,"d":"0.00"},null,0,null,0,null,0]
[{"$nulls":9},{"v":0,"d":"0.00"},null,0,null,0,null,0]
[null,{"v":47,"d":"47.0"},null,"Edges, risers, ends and reveals not exceeding 300mm high or wide.","m",{"v":5,"d":"5.00"},{"v":60,"d":"R 60.00"},{"$f":"F234*G234","v":{"v":300,"d":"R 300.00"}},{"v":120,"d":"R 120.00"},{"v":600,"d":"600.00"},{"v":400,"d":"R 400.00"},{"v":2000,"d":"R 2,000.00"},{"v":60,"d":"R 60.00"},{"v":300,"d":"R 300.00"},{"v":380,"d":"R 380.00"},{"v":1900,"d":"R 1,900.00"},{"v":5,"d":"5.00"},{"v":101.23,"d":"R 101.23"},{"$f":"Q234*R234","v":{"v":506.15000000000003,"d":"R 506.15"}},{"v":5,"d":"5.00"},{"v":414,"d":"R 414.00"},{"v":2070,"d":"R 2,070.00"},{"v":5,"d":"5.00"},{"v":351,"d":"R 351.00"},{"$f":"W234*X234","v":{"v":1755,"d":"R 1,755.00"}},{"v":5,"d":"5.00"},{"v":150,"d":"R 150.00"},{"$f":"Z234*AA234","v":{"v":750,"d":"R 750.00"}},{"v":5,"d":"5.00"},null,{"$f":"AC234*AD234","v":0}]
[{"$nulls":9},{"v":0,"d":"0.00"},null,0,null,0,null,0]
[{"$nulls":3},"REINFORCEMENT (PROVISIONAL)",{"$nulls":5},{"v":0,"d":"0.00"},null,0,null,0,null,0]
[{"$nulls":9},{"v":0,"d":"0.00"},null,0,null,0,null,0]
[{"$nulls":3},"Supply and installation of reinforcing steel to concrete:",{"$nulls":5},{"v":0,"d":"0.00"},null,0,null,0,null,0]
[{"$nulls":9},{"v":0,"d":"0.00"},null,0,null,0,null,0]
[null,{"v":48,"d":"48.0"},null,"Mesh ref. 395","m²",{"v":3,"d":"3.00"},{"v":127,"d":"R 127.00"},{"$f":"F240*G240","v":{"v":381,"d":"R 381.00"}},{"v":50,"d":"R 50.00"},{"v":150,"d":"150.00"},{"$f":"30*3.95","v":{"v":118.5,"d":"R 118.50"}},{"v":355.5,"d":"R 355.50"},{"v":150,"d":"R 150.00"},{"v":450,"d":"R 450.00"},{"v":250,"d":"R 250.00"},{"v":750,"d":"R 750.00"},{"v":3,"d":"3.00"},{"v":98.89,"d":"R 98.89"},{"$f":"Q240*R240","v":{"v":296.67,"d":"R 296.67"}},{"v":3,"d":"3.00"},{"v":108,"d":"R 108.00"},{"v":324,"d":"R 324.00"},{"v":3,"d":"3.00"},{"v":136.51,"d":"R 136.51"},{"$f":"W240*X240","v":{"v":409.53,"d":"R 409.53"}},{"v":3,"d":"3.00"},{"v":75,"d":"R 75.00"},{"$f":"Z240*AA240","v":{"v":225,"d":"R 225.00"}},{"v":3,"d":"3.00"},null,{"$f":"AC240*AD240","v":0}]
[{"$nulls":9},{"v":0,"d":"0.00"},null,0,null,0,null,0]
[{"$nulls":3},"MASONRY ",{"$nulls":5},{"v":0,"d":"0.00"},null,0,null,0,null,0]
[{"$nulls":9},{"v":0,"d":"0.00"},null,0,null,0,null,0]
[{"$nulls":3},"SUPPLEMENTARY PREAMBLES ",{"$nulls":5},{"v":0,"d":"0.00"},null,0,null,0,null,0]
[{"$nulls":9},{"v":0,"d":"0.00"},null,0,null,0,null,0]
[{"$nulls":3},"BRICKWORK ",{"$nulls":5},{"v":0,"d":"0.00"},null,0,null,0,null,0]
[{"$nulls":9},{"v":0,"d":"0.00"},null,0,null,0,null,0]
[{"$nulls":3},"Sizes in descriptions",{"$nulls":5},{"v":0,"d":"0.00"},null,0,null,0,null,0]
[{"$nulls":9},{"v":0,"d":"0.00"},null,0,null,0,null,0]
[{"$nulls":3},"Where sizes in descriptions are given in brick units, \"one brick\" shall represent the length and \"half brick\" the width of a brick.",{"$nulls":5},{"v":0,"d":"0.00"},null,0,null,0,null,0]
[{"$nulls":9},{"v":0,"d":"0.00"},null,0,null,0,null,0]
[{"$nulls":3},"Pointing",{"$nulls":5},{"v":0,"d":"0.00"},null,0,null,0,null,0]
[{"$nulls":9},{"v":0,"d":"0.00"},null,0,null,0,null,0]
[{"$nulls":3},"Descriptions of recessed pointing to fair face brickwork and face brickwork shall be deemed to include square recessed, hollow recessed, weathered pointing, etc.",{"$nulls":5},{"v":0,"d":"0.00"},null,0,null,0,null,0]
[{"$nulls":9},{"v":0,"d":"0.00"},null,0,null,0,null,0]
[{"$nulls":3},"SUPERSTRUCTURE ",{"$nulls":5},{"v":0,"d":"0.00"},null,0,null,0,null,0]
[{"$nulls":9},{"v":0,"d":"0.00"},null,0,null,0,null,0]
[{"$nulls":3},"Brickwork of NFX bricks in class II mortar:",{"$nulls":5},{"v":0,"d":"0.00"},null,0,null,0,null,0]
[{"$nulls":9},{"v":0,"d":"0.00"},null,0,null,0,null,0]
[null,49,null,"One brick walls.","m²",{"v":10,"d":"10.00"},{"v":689,"d":"R 689.00"},{"$f":"F260*G260","v":{"v":6890,"d":"R 6,890.00"}},{"v":480,"d":"R 480.00"},{"v":4800,"d":"4800.00"},{"v":298,"d":"R 298.00"},{"v":2980,"d":"R 2,980.00"},{"v":650,"d":"R 650.00"},{"v":6500,"d":"R 6,500.00"},{"v":600,"d":"R 600.00"},{"v":6000,"d":"R 6,000.00"},{"v":10,"d":"10.00"},{"v":610.49,"d":"R 610.49"},{"$f":"Q260*R260","v":{"v":6104.9,"d":"R 6,104.90"}},{"v":10,"d":"10.00"},{"v":1860,"d":"R 1,860.00"},{"v":18600,"d":"R 18,600.00"},{"v":10,"d":"10.00"},{"v":351,"d":"R 351.00"},{"$f":"W260*X260","v":{"v":3510,"d":"R 3,510.00"}},{"v":10,"d":"10.00"},{"v":580,"d":"R 580.00"},{"$f":"Z260*AA260","v":{"v":5800,"d":"R 5,800.00"}},{"v":10,"d":"10.00"},null,{"$f":"AC260*AD260","v":0}]
[{"$nulls":9},{"v":0,"d":"0.00"},null,0,null,0,null,0]
[{"$nulls":3},"BRICKWORK SUNDRIES ",{"$nulls":5},{"v":0,"d":"0.00"},null,0,null,0,null,0]
[{"$nulls":9},{"v":0,"d":"0.00"},null,0,null,0,null,0]
[{"$nulls":3},"Prestressed fabricated lintels:",{"$nulls":5},{"v":0,"d":"0.00"},null,0,null,0,null,0]
[{"$nulls":9},{"v":0,"d":"0.00"},null,0,null,0,null,0]
[null,50,null,"110 x 75mm Lintels in lengths not exceeding 3m.","m",{"v":3,"d":"3.00"},{"v":168,"d":"R 168.00"},{"$f":"F266*G266","v":{"v":504,"d":"R 504.00"}},{"v":70,"d":"R 70.00"},{"v":210,"d":"210.00"},{"v":400,"d":"R 400.00"},{"v":1200,"d":"R 1,200.00"},{"v":250,"d":"R 250.00"},{"v":750,"d":"R 750.00"},{"v":110,"d":"R 110.00"},{"v":330,"d":"R 330.00"},{"v":3,"d":"3.00"},{"v":845.1,"d":"R 845.10"},{"$f":"Q266*R266","v":{"v":2535.3,"d":"R 2,535.30"}},{"v":3,"d":"3.00"},{"v":240,"d":"R 240.00"},{"v":720,"d":"R 720.00"},{"v":3,"d":"3.00"},{"v":421.2,"d":"R 421.20"},{"$f":"W266*X266","v":{"v":1263.6,"d":"R 1,263.60"}},{"v":3,"d":"3.00"},{"v":140,"d":"R 140.00"},{"$f":"Z266*AA266","v":{"v":420,"d":"R 420.00"}},{"v":5,"d":"5.00"},null,{"$f":"AC266*AD266","v":0}]
[{"$nulls":9},{"v":0,"d":"0.00"},null,0,null,0,null,0]
[{"$nulls":3},"Temporary turning pieces:",{"$nulls":5},{"v":0,"d":"0.00"},null,0,null,0,null,0]
[{"$nulls":9},{"v":0,"d":"0.00"},null,0,null,0,null,0]
[null,51,null,"To flat brick lintels not exceeding 300mm wide.","m",{"v":3,"d":"3.00"},{"v":250,"d":"R 250.00"},{"$f":"F270*G270","v":{"v":750,"d":"R 750.00"}},{"v":38,"d":"R 38.00"},{"v":114,"d":"114.00"},{"v":100,"d":"R 100.00"},{"v":300,"d":"R 300.00"},{"v":500,"d":"R 500.00"},{"v":1500,"d":"R 1,500.00"},{"v":70,"d":"R 70.00"},{"v":210,"d":"R 210.00"},{"v":3,"d":"3.00"},{"v":43.2,"d":"R 43.20"},{"$f":"Q270*R270","v":{"v":129.60000000000002,"d":"R 129.60"}},{"v":3,"d":"3.00"},{"v":90,"d":"R 90.00"},{"v":270,"d":"R 270.00"},{"v":3,"d":"3.00"},{"v":162,"d":"R 162.00"},{"$f":"W270*X270","v":{"v":486,"d":"R 486.00"}},{"v":3,"d":"3.00"},{"v":120,"d":"R 120.00"},{"$f":"Z270*AA270","v":{"v":360,"d":"R 360.00"}},{"v":3,"d":"3.00"},null,{"$f":"AC270*AD270","v":0}]
[{"$nulls":9},{"v":0,"d":"0.00"},null,0,null,0,null,0]
[{"$nulls":3},"Joint forming material in movement joints:",{"$nulls":5},{"v":0,"d":"0.00"},null,0,null,0,null,0]
[{"$nulls":9},{"v":0,"d":"0.00"},null,0,null,0,null,0]
[null,52,null,"Cutting toothings  and bonding new brickwork to existing.","m²",{"v":9,"d":"9.00"},{"v":850,"d":"R 850.00"},{"$f":"F274*G274","v":{"v":7650,"d":"R 7,650.00"}},{"v":138,"d":"R 138.00"},{"v":1242,"d":"1242.00"},{"v":75,"d":"R 75.00"},{"v":675,"d":"R 675.00"},{"v":850,"d":"R 850.00"},{"v":7650,"d":"R 7,650.00"},{"v":300,"d":"R 300.00"},{"v":2700,"d":"R 2,700.00"},{"v":9,"d":"9.00"},{"v":34.56,"d":"R 34.56"},{"$f":"Q274*R274","v":{"v":311.04,"d":"R 311.04"}},{"v":9,"d":"9.00"},{"v":900,"d":"R 900.00"},{"v":8100,"d":"R 8,100.00"},{"v":9,"d":"9.00"},{"v":75.6,"d":"R 75.60"},{"$f":"W274*X274","v":{"v":680.4,"d":"R 680.40"}},{"v":9,"d":"9.00"},{"v":100,"d":"R 100.00"},{"$f":"Z274*AA274","v":{"v":900,"d":"R 900.00"}},{"v":9,"d":"9.00"},null,{"$f":"AC274*AD274","v":0}]
[{"$nulls":9},{"v":0,"d":"0.00"},null,0,null,0,null,0]
[null,53,null,"10mm Polysterene 230mm wide.","m",{"v":5,"d":"5.00"},{"v":120,"d":"R 120.00"},{"$f":"F276*G276","v":{"v":600,"d":"R 600.00"}},{"v":65,"d":"R 65.00"},{"v":325,"d":"325.00"},{"v":100,"d":"R 100.00"},{"v":500,"d":"R 500.00"},{"v":120,"d":"R 120.00"},{"v":600,"d":"R 600.00"},{"v":60,"d":"R 60.00"},{"v":300,"d":"R 300.00"},{"v":5,"d":"5.00"},{"v":72.23,"d":"R 72.23"},{"$f":"Q276*R276","v":{"v":361.15000000000003,"d":"R 361.15"}},{"v":5,"d":"5.00"},{"v":144,"d":"R 144.00"},{"v":720,"d":"R 720.00"},{"v":5,"d":"5.00"},{"v":99.36,"d":"R 99.36"},{"$f":"W276*X276","v":{"v":496.8,"d":"R 496.80"}},{"v":5,"d":"5.00"},{"v":45,"d":"R 45.00"},{"$f":"Z276*AA276","v":{"v":225,"d":"R 225.00"}},{"v":5,"d":"5.00"},null,{"$f":"AC276*AD276","v":0}]
[{"$nulls":9},{"v":0,"d":"0.00"},null,0,null,0,null,0]
[null,54,null,"12mm Fibre board built in vertically between brick skins.","m²",{"v":3,"d":"3.00"},{"v":280,"d":"R 280.00"},{"$f":"F278*G278","v":{"v":840,"d":"R 840.00"}},{"v":117,"d":"R 117.00"},{"v":351,"d":"351.00"},{"v":150,"d":"R 150.00"},{"v":450,"d":"R 450.00"},{"v":280,"d":"R 280.00"},{"v":840,"d":"R 840.00"},{"v":85,"d":"R 85.00"},{"v":255,"d":"R 255.00"},{"v":3,"d":"3.00"},{"v":36.31,"d":"R 36.31"},{"$f":"Q278*R278","v":{"v":108.93,"d":"R 108.93"}},{"v":3,"d":"3.00"},{"v":660,"d":"R 660.00"},{"v":1980,"d":"R 1,980.00"},{"v":3,"d":"3.00"},{"v":153.36,"d":"R 153.36"},{"$f":"W278*X278","v":{"v":460.08000000000004,"d":"R 460.08"}},{"v":3,"d":"3.00"},{"v":120,"d":"R 120.00"},{"$f":"Z278*AA278","v":{"v":360,"d":"R 360.00"}},{"v":3,"d":"3.00"},null,{"$f":"AC278*AD278","v":0}]
[{"$nulls":9},{"v":0,"d":"0.00"},null,0,null,0,null,0]
[{"$nulls":3},"BRICK REINFORCEMENT",{"$nulls":5},{"v":0,"d":"0.00"},null,0,null,0,null,0]
[{"$nulls":9},{"v":0,"d":"0.00"},null,0,null,0,null,0]
[null,55,null,"8mm Diameter mild steel bar reinforcement cut to lengths and built into brick lintels","t",0.02,{"v":23500,"d":"R 23,500.00"},{"$f":"F282*G282","v":{"v":470,"d":"R 470.00"}},{"v":13500,"d":"R 13,500.00"},{"v":270,"d":"270.00"},{"v":22500,"d":"R 22,500.00"},{"v":450,"d":"R 450.00"},{"v":23500,"d":"R 23,500.00"},{"v":470,"d":"R 470.00"},{"v":22000,"d":"R 22,000.00"},{"v":440,"d":"R 440.00"},0.02,{"v":18903.01,"d":"R 18,903.01"},{"$f":"Q282*R282","v":{"v":378.06019999999995,"d":"R 378.06"}},0.02,{"v":28200,"d":"R 28,200.00"},{"v":564,"d":"R 564.00"},0.02,{"v":27709.91,"d":"R 27,709.91"},{"$f":"W282*X282","v":{"v":554.1982,"d":"R 554.20"}},0.02,{"v":16500,"d":"R 16,500.00"},{"$f":"Z282*AA282","v":{"v":330,"d":"R 330.00"}},0.02,null,{"$f":"AC282*AD282","v":0}]
[{"$nulls":9},{"v":0,"d":"0.00"},null,0,null,0,null,0]
[null,56,null,"Brick reinforcement 150mm wide built into brick walls with sufficient laps at end joints, angles and intersections (measured net)","m",{"v":73,"d":"73.00"},{"v":8.5,"d":"R 8.50"},{"$f":"F284*G284","v":{"v":620.5,"d":"R 620.50"}},{"v":26,"d":"R 26.00"},{"$f":"F284*I284","v":{"v":1898,"d":"1898.00"}},{"v":18,"d":"R 18.00"},{"$f":"F284*K284","v":{"v":1314,"d":"R 1,314.00"}},{"v":20,"d":"R 20.00"},{"v":1460,"d":"R 1,460.00"},{"v":8,"d":"R 8.00"},{"$f":"F284*O284","v":{"v":584,"d":"R 584.00"}},{"v":73,"d":"73.00"},{"v":5.31,"d":"R 5.31"},{"$f":"Q284*R284","v":{"v":387.63,"d":"R 387.63"}},{"v":73,"d":"73.00"},{"v":12,"d":"R 12.00"},{"v":876,"d":"R 876.00"},{"v":73,"d":"73.00"},{"v":17.28,"d":"R 17.28"},{"$f":"W284*X284","v":{"v":1261.44,"d":"R 1,261.44"}},{"v":73,"d":"73.00"},{"v":25,"d":"R 25.00"},{"$f":"Z284*AA284","v":{"v":1825,"d":"R 1,825.00"}},{"v":73,"d":"73.00"},null,{"$f":"AC284*AD284","v":0}]
[]
[{"$nulls":3},"WATERPROOFING "]
[]
[{"$nulls":3},"DAMP-PROOFING OF WALLS AND FLOORS "]
[]
[{"$nulls":3},"One layer of 375 micron \"Plastall Gundle Brikgrip DPC\" embossed damp proof course:"]
[]
[null,57,null,"In walls.","m²",{"v":7,"d":"7.00"},{"v":38,"d":"R 38.00"},{"$f":"F292*G292","v":{"v":266,"d":"R 266.00"}},{"v":65,"d":"R 65.00"},{"$f":"F292*I292","v":{"v":455,"d":"455.00"}},{"v":24,"d":"R 24.00"},{"$f":"F292*K292","v":{"v":168,"d":"R 168.00"}},{"v":32,"d":"R 32.00"},{"$f":"F292*M292","v":{"v":224,"d":"R 224.00"}},{"v":335,"d":"R 335.00"},{"$f":"F292*O292","v":{"v":2345,"d":"R 2,345.00"}},{"v":7,"d":"7.00"},{"v":26.54,"d":"R 26.54"},{"$f":"Q292*R292","v":{"v":185.78,"d":"R 185.78"}},{"v":7,"d":"7.00"},{"v":174,"d":"R 174.00"},{"v":1218,"d":"R 1,218.00"},{"v":7,"d":"7.00"},{"v":23.76,"d":"R 23.76"},{"$f":"W292*X292","v":{"v":166.32000000000002,"d":"R 166.32"}},{"v":7,"d":"7.00"},null,{"$f":"Z292*AA292","v":0},{"v":7,"d":"7.00"},null,{"$f":"AC292*AD292","v":0}]
[{"$nulls":9},{"v":0,"d":"0.00"},null,0,null,{"$f":"F293*M293","v":0}]
[{"$nulls":3},"WATERPROOFING TO ROOFS, ETC.",{"$nulls":5},{"v":0,"d":"0.00"},null,0,null,0]
[{"$nulls":9},{"v":0,"d":"0.00"},null,0,null,0]
[{"$nulls":3},"Flexible UV resistant acrylic emulsion and polyester membrane kit:",{"$nulls":5},{"v":0,"d":"0.00"},null,0,null,0]
[{"$nulls":9},{"v":0,"d":"0.00"},null,0,null,0]
[null,58,null,"On roof tiles.","m²",{"v":48,"d":"48.00"},{"v":120,"d":"R 120.00"},{"$f":"F298*G298","v":{"v":5760,"d":"R 5,760.00"}},{"v":135,"d":"R 135.00"},{"v":6480,"d":"6480.00"},{"v":485,"d":"R 485.00"},{"v":23280,"d":"R 23,280.00"},{"v":120,"d":"R 120.00"},{"v":5760,"d":"R 5,760.00"},{"v":80,"d":"R 80.00"},{"$f":"N298*O298","v":{"v":460800,"d":"R 460,800.00"}},{"v":48,"d":"48.00"},{"v":388.8,"d":"R 388.80"},{"$f":"Q298*R298","v":{"v":18662.4,"d":"R 18,662.40"}},{"v":48,"d":"48.00"},{"v":450,"d":"R 450.00"},{"v":21600,"d":"R 21,600.00"},{"v":48,"d":"48.00"},{"v":462.24,"d":"R 462.24"},{"$f":"W298*X298","v":{"v":22187.52,"d":"R 22,187.52"}},{"v":48,"d":"48.00"},null,{"$f":"Z298*AA298","v":0},{"v":48,"d":"48.00"},null,{"$f":"AC298*AD298","v":0}]
[{"$nulls":9},{"v":0,"d":"0.00"},null,0,null,0]
[{"$nulls":3},"Sika Sealoflex flexible reinforced waterproofing membrane, with Sika-Cemflex waterproofing slurry:",{"$nulls":5},{"v":0,"d":"0.00"},null,0,null,0]
[{"$nulls":9},{"v":0,"d":"0.00"},null,0,null,0]
[null,59,null,"To roofs.","m²",{"v":13,"d":"13.00"},{"v":280,"d":"R 280.00"},{"$f":"F302*G302","v":{"v":3640,"d":"R 3,640.00"}},{"v":190,"d":"R 190.00"},{"v":2470,"d":"2470.00"},{"v":500,"d":"R 500.00"},{"v":6500,"d":"R 6,500.00"},{"v":280,"d":"R 280.00"},{"v":3640,"d":"R 3,640.00"},{"v":650,"d":"R 650.00"},{"$f":"F302*O302","v":{"v":8450,"d":"R 8,450.00"}},{"v":13,"d":"13.00"},{"v":297,"d":"R 297.00"},{"$f":"Q302*R302","v":{"v":3861,"d":"R 3,861.00"}},{"v":13,"d":"13.00"},{"v":348,"d":"R 348.00"},{"v":4524,"d":"R 4,524.00"},{"v":13,"d":"13.00"},{"v":527.04,"d":"R 527.04"},{"$f":"W302*X302","v":{"v":6851.5199999999995,"d":"R 6,851.52"}},{"v":13,"d":"13.00"},null,{"$f":"Z302*AA302","v":0},{"v":13,"d":"13.00"},null,{"$f":"AC302*AD302","v":0}]
[{"$nulls":9},{"v":0,"d":"0.00"},null,0,null,0]
[{"$nulls":3},"CARPENTRY AND JOINERY ",{"$nulls":5},{"v":0,"d":"0.00"},null,0,null,0]
[{"$nulls":9},{"v":0,"d":"0.00"},null,0,null,0]
[{"$nulls":3},"SUPPLEMENTARY PREAMBLES ",{"$nulls":5},{"v":0,"d":"0.00"},null,0,null,0]
[{"$nulls":9},{"v":0,"d":"0.00"},null,0,null,0]
[{"$nulls":3},"Particle board:",{"$nulls":5},{"v":0,"d":"0.00"},null,0,null,0]
[{"$nulls":9},{"v":0,"d":"0.00"},null,0,null,0]
[{"$nulls":3},"Particle board shall comply with the following specifications:",{"$nulls":5},{"v":0,"d":"0.00"},null,0,null,0]
[{"$nulls":9},{"v":0,"d":"0.00"},null,0,null,0]
[{"$nulls":3},"a) SABS 1300 Particle board: exterior and flooring type.",{"$nulls":5},{"v":0,"d":"0.00"},null,0,null,0]
[{"$nulls":9},{"v":0,"d":"0.00"},null,0,null,0]
[{"$nulls":3},"b) SABS 1301 Particle board: interior type.",{"$nulls":5},{"v":0,"d":"0.00"},null,0,null,0]
[{"$nulls":9},{"v":0,"d":"0.00"},null,0,null,0]
[{"$nulls":3},"Joinery:",{"$nulls":5},{"v":0,"d":"0.00"},null,0,null,0]
[{"$nulls":9},{"v":0,"d":"0.00"},null,0,null,0]
[{"$nulls":3},"Descriptions of frames shall be deemed to include frames, transomes, mullions, rails, etc.",{"$nulls":5},{"v":0,"d":"0.00"},null,0,null,0]
[{"$nulls":9},{"v":0,"d":"0.00"},null,0,null,0]
[{"$nulls":3},"Descriptions of hardwood joinery shall be deemed to include pelleting of bolt holes. ",{"$nulls":5},{"v":0,"d":"0.00"},null,0,null,0]
[{"$nulls":9},{"v":0,"d":"0.00"},null,0,null,0]
[{"$nulls":3},"Fixing",{"$nulls":5},{"v":0,"d":"0.00"},null,0,null,0]
[{"$nulls":9},{"v":0,"d":"0.00"},null,0,null,0]
[{"$nulls":3},"Items described as \"nailed\" shall be deemed to be fixed with hardened steel nails or shot pins to brickwork or concrete.",{"$nulls":5},{"v":0,"d":"0.00"},null,0,null,0]
[{"$nulls":9},{"v":0,"d":"0.00"},null,0,null,0]
[{"$nulls":3},"CILLS",{"$nulls":5},{"v":0,"d":"0.00"},null,0,null,0]
[{"$nulls":9},{"v":0,"d":"0.00"},null,0,null,0]
[{"$nulls":3},"Pressed fibre-cement :",{"$nulls":5},{"v":0,"d":"0.00"},null,0,null,0]
[{"$nulls":9},{"v":0,"d":"0.00"},null,0,null,0]
[null,60,null,"12 x 225mm Fascia board.","m",{"v":6,"d":"6.00"},{"v":100,"d":"R 100.00"},{"$f":"F330*G330","v":{"v":600,"d":"R 600.00"}},{"v":200,"d":"R 200.00"},{"v":1200,"d":"1200.00"},{"v":1850,"d":"R 1,850.00"},{"v":11100,"d":"R 11,100.00"},{"v":100,"d":"R 100.00"},{"v":600,"d":"R 600.00"},{"v":60,"d":"R 60.00"},{"$f":"F330*O330","v":{"v":360,"d":"R 360.00"}},{"v":6,"d":"6.00"},{"v":158.4,"d":"R 158.40"},{"$f":"Q330*R330","v":{"v":950.4000000000001,"d":"R 950.40"}},{"v":6,"d":"6.00"},{"v":312,"d":"R 312.00"},{"v":1872,"d":"R 1,872.00"},{"v":6,"d":"6.00"},{"v":1566,"d":"R 1,566.00"},{"$f":"W330*X330","v":{"v":9396,"d":"R 9,396.00"}},{"v":6,"d":"6.00"},null,{"$f":"Z330*AA330","v":0},{"v":6,"d":"6.00"},null,{"$f":"AC330*AD330","v":0}]
[{"$nulls":9},{"v":0,"d":"0.00"},null,0,null,0]
[{"$nulls":3},"DOORS, ETC. ",{"$nulls":5},{"v":0,"d":"0.00"},null,0,null,0]
[{"$nulls":9},{"v":0,"d":"0.00"},null,0,null,0]
[{"$nulls":3},"Wrought meranti doors hung to steel frames:",{"$nulls":5},{"v":0,"d":"0.00"},null,0,null,0]
[{"$nulls":9},{"v":0,"d":"0.00"},null,0,null,0]
[null,61,null,"40mm Framed meranti two panel decorators door 813  x 2032mm high with concealed hardwood edges.","No",{"v":1,"d":"1.00"},{"v":7500,"d":"R 7,500.00"},{"$f":"F336*G336","v":{"v":7500,"d":"R 7,500.00"}},{"v":5000,"d":"R 5,000.00"},{"v":5000,"d":"5000.00"},{"v":2850,"d":"R 2,850.00"},{"v":2850,"d":"R 2,850.00"},{"v":7500,"d":"R 7,500.00"},{"v":7500,"d":"R 7,500.00"},{"v":3900,"d":"R 3,900.00"},{"$f":"F336*O336","v":{"v":3900,"d":"R 3,900.00"}},{"v":1,"d":"1.00"},{"v":5803.1,"d":"R 5,803.10"},{"$f":"Q336*R336","v":{"v":5803.1,"d":"R 5,803.10"}},{"v":1,"d":"1.00"},{"v":4500,"d":"R 4,500.00"},{"v":4500,"d":"R 4,500.00"},{"v":1,"d":"1.00"},{"v":2646,"d":"R 2,646.00"},{"$f":"W336*X336","v":{"v":2646,"d":"R 2,646.00"}},{"v":1,"d":"1.00"},null,{"$f":"Z336*AA336","v":0},{"v":1,"d":"1.00"},null,{"$f":"AC336*AD336","v":0}]
[{"$nulls":9},{"v":0,"d":"0.00"},null,0,null,0]
[null,62,null,"40mm Solid hardwood exterior door 813 x 2032 high vertical slatted timber door.","No",{"v":1,"d":"1.00"},{"v":7500,"d":"R 7,500.00"},{"$f":"F338*G338","v":{"v":7500,"d":"R 7,500.00"}},{"v":6500,"d":"R 6,500.00"},{"v":6500,"d":"6500.00"},{"v":3250,"d":"R 3,250.00"},{"v":3250,"d":"R 3,250.00"},{"v":7500,"d":"R 7,500.00"},{"v":7500,"d":"R 7,500.00"},{"v":2350,"d":"R 2,350.00"},{"$f":"F338*O338","v":{"v":2350,"d":"R 2,350.00"}},{"v":1,"d":"1.00"},{"v":3053.51,"d":"R 3,053.51"},{"$f":"Q338*R338","v":{"v":3053.51,"d":"R 3,053.51"}},{"v":1,"d":"1.00"},{"v":4500,"d":"R 4,500.00"},{"v":4500,"d":"R 4,500.00"},{"v":1,"d":"1.00"},{"v":3402,"d":"R 3,402.00"},{"$f":"W338*X338","v":{"v":3402,"d":"R 3,402.00"}},{"v":1,"d":"1.00"},null,{"$f":"Z338*AA338","v":0},{"v":1,"d":"1.00"},null,{"$f":"AC338*AD338","v":0}]
[{"$nulls":9},{"v":0,"d":"0.00"},null,0,null,0]
[{"$nulls":9},{"v":0,"d":"0.00"},null,0,null,0]
[{"$nulls":3},"WORKTOPS",{"$nulls":5},{"v":0,"d":"0.00"},null,0,null,0]
[{"$nulls":9},{"v":0,"d":"0.00"},null,0,null,0]
[{"$nulls":3},"32mm Thick post formed lifeseal worktop, using high moisture resistant bisonboard, to approved colour:",{"$nulls":5},{"v":0,"d":"0.00"},null,0,null,0]
[{"$nulls":9},{"v":0,"d":"0.00"},null,0,null,0]
[null,63,null,"Counter top size 2000mm long x 600mm wide","No",{"v":1,"d":"1.00"},{"v":5000,"d":"R 5,000.00"},{"$f":"F345*G345","v":{"v":5000,"d":"R 5,000.00"}},{"v":4500,"d":"R 4,500.00"},{"v":4500,"d":"4500.00"},{"v":4500,"d":"R 4,500.00"},{"v":4500,"d":"R 4,500.00"},{"v":5000,"d":"R 5,000.00"},{"v":5000,"d":"R 5,000.00"},{"v":6300,"d":"R 6,300.00"},{"$f":"F345*O345","v":{"v":6300,"d":"R 6,300.00"}},{"v":1,"d":"1.00"},{"v":4860,"d":"R 4,860.00"},{"$f":"Q345*R345","v":{"v":4860,"d":"R 4,860.00"}},{"v":1,"d":"1.00"},{"v":6240,"d":"R 6,240.00"},{"v":6240,"d":"R 6,240.00"},{"v":1,"d":"1.00"},{"v":4374,"d":"R 4,374.00"},{"$f":"W345*X345","v":{"v":4374,"d":"R 4,374.00"}},{"v":1,"d":"1.00"},null,{"$f":"Z345*AA345","v":0},{"v":1,"d":"1.00"},null,{"$f":"AC345*AD345","v":0}]
[{"$nulls":9},{"v":0,"d":"0.00"},null,0,null,0,null,0]
[null,64,null,"Extra over for forming bullnose front edge.","m",{"v":3,"d":"3.00"},{"v":80,"d":"R 80.00"},{"$f":"F347*G347","v":{"v":240,"d":"R 240.00"}},{"v":40,"d":"R 40.00"},{"v":120,"d":"120.00"},{"v":6250,"d":"R 6,250.00"},{"v":18750,"d":"R 18,750.00"},{"v":80,"d":"R 80.00"},{"v":240,"d":"R 240.00"},{"v":700,"d":"R 700.00"},{"v":2100,"d":"R 2,100.00"},{"v":3,"d":"3.00"},{"v":1296,"d":"R 1,296.00"},{"$f":"Q347*R347","v":{"v":3888,"d":"R 3,888.00"}},{"v":3,"d":"3.00"},{"v":180,"d":"R 180.00"},{"v":540,"d":"R 540.00"},{"v":3,"d":"3.00"},{"v":6318,"d":"R 6,318.00"},{"$f":"W347*X347","v":{"v":18954,"d":"R 18,954.00"}},{"v":3,"d":"3.00"},null,{"$f":"Z347*AA347","v":0},{"v":3,"d":"3.00"},null,{"$f":"AC347*AD347","v":0}]
[{"$nulls":9},{"v":0,"d":"0.00"},null,0,null,0,null,0]
[{"$nulls":3},"BUILT IN KITCHEN CUPBOARD",{"$nulls":5},{"v":0,"d":"0.00"},null,0,null,0,null,0]
[{"$nulls":9},{"v":0,"d":"0.00"},null,0,null,0,null,0]
[{"$nulls":3},"Cupboards formed of 16mm Bisonlam white melamine faced particle board carcass and shelving, and 18mm white Supalam laminated supawood doors and sides, and all exposed edges to have PVC edging strips:",{"$nulls":5},{"v":0,"d":"0.00"},null,0,null,0,null,0]
[{"$nulls":9},{"v":0,"d":"0.00"},null,0,null,0,null,0]
[null,65,null,"Cupboard size 1600 x 600mm on plan.","No",{"v":1,"d":"1.00"},{"v":6200,"d":"R 6,200.00"},{"$f":"F353*G353","v":{"v":6200,"d":"R 6,200.00"}},{"v":6000,"d":"R 6,000.00"},{"v":6000,"d":"6000.00"},{"v":7850,"d":"R 7,850.00"},{"v":7850,"d":"R 7,850.00"},{"v":6200,"d":"R 6,200.00"},{"v":6200,"d":"R 6,200.00"},{"v":5600,"d":"R 5,600.00"},{"v":5600,"d":"R 5,600.00"},{"v":1,"d":"1.00"},{"v":8100,"d":"R 8,100.00"},{"$f":"Q353*R353","v":{"v":8100,"d":"R 8,100.00"}},{"v":1,"d":"1.00"},{"v":5520,"d":"R 5,520.00"},{"v":5520,"d":"R 5,520.00"},{"v":1,"d":"1.00"},{"v":9990,"d":"R 9,990.00"},{"$f":"W353*X353","v":{"v":9990,"d":"R 9,990.00"}},{"v":1,"d":"1.00"},null,{"$f":"Z353*AA353","v":0},{"v":1,"d":"1.00"},null,{"$f":"AC353*AD353","v":0}]
[{"$nulls":9},{"v":0,"d":"0.00"},{"$nulls":3},0,null,0]
[{"$nulls":3},"SHELVING TO SAFE ROOM (Provisional)"]
[]
[{"$nulls":3},"Linvar Storage Systems:"]
[]
[null,66,null,"Type \"Linspace\" single entry bay 1000 x 2200 x 500mm deep plugged to wall, complete with uprights, top and base, and 4shelves (Order NSBAYSOPK1, Tel: 0800-011-0468).","No",{"v":1,"d":"1.00"},{"v":2500,"d":"R 2,500.00"},{"$f":"F359*G359","v":{"v":2500,"d":"R 2,500.00"}},{"v":4500,"d":"R 4,500.00"},{"$f":"F359*I359","v":{"v":4500,"d":"4500.00"}},{"v":13500,"d":"R 13,500.00"},{"$f":"F359*K359","v":{"v":13500,"d":"R 13,500.00"}},{"$f":"'[18]Bill 19'!N475","v":0},{"$f":"F359*M359","v":0},{"v":3500,"d":"R 3,500.00"},{"$f":"F359*O359","v":{"v":3500,"d":"R 3,500.00"}},{"v":1,"d":"1.00"},{"v":11063.51,"d":"R 11,063.51"},{"$f":"Q359*R359","v":{"v":11063.51,"d":"R 11,063.51"}},{"v":1,"d":"1.00"},{"v":23400,"d":"R 23,400.00"},{"v":23400,"d":"R 23,400.00"},{"v":1,"d":"1.00"},{"v":15390,"d":"R 15,390.00"},{"$f":"W359*X359","v":{"v":15390,"d":"R 15,390.00"}},{"v":1,"d":"1.00"},{"v":1800,"d":"R 1,800.00"},{"$f":"Z359*AA359","v":{"v":1800,"d":"R 1,800.00"}},{"v":1,"d":"1.00"},null,{"$f":"AC359*AD359","v":0}]
[{"$nulls":9},{"v":0,"d":"0.00"},null,0,null,0,null,0]
[{"$nulls":3},"CEILINGS, PARTITIONS AND ACCESS FLOORING",{"$nulls":5},{"v":0,"d":"0.00"},null,0,null,0,null,0]
[{"$nulls":9},{"v":0,"d":"0.00"},null,0,null,0,null,0]
[{"$nulls":3},"CEILINGS, ETC. ",{"$nulls":5},{"v":0,"d":"0.00"},null,0,null,0,null,0]
[{"$nulls":9},{"v":0,"d":"0.00"},null,0,null,0,null,0]
[{"$nulls":3},"NAILED UP CEILINGS ",{"$nulls":5},{"v":0,"d":"0.00"},null,0,null,0,null,0]
[{"$nulls":9},{"v":0,"d":"0.00"},null,0,null,0,null,0]
[{"$nulls":3},"\"Isotherm\" polyester insulation:",{"$nulls":5},{"v":0,"d":"0.00"},null,0,null,0,null,0]
[{"$nulls":9},{"v":0,"d":"0.00"},null,0,null,0,null,0]
[null,67,null,"50mm  Insulation  closely  fitted  and  laid  on top of brandering between roof timbers, etc. (Provisional).","m²",{"v":10,"d":"10.00"},{"v":160,"d":"R 160.00"},{"$f":"F369*G369","v":{"v":1600,"d":"R 1,600.00"}},{"v":100,"d":"R 100.00"},{"v":1000,"d":"1000.00"},{"v":113,"d":"R 113.00"},{"v":1130,"d":"R 1,130.00"},{"v":420,"d":"R 420.00"},{"v":4200,"d":"R 4,200.00"},{"v":80,"d":"R 80.00"},{"v":800,"d":"R 800.00"},{"v":10,"d":"10.00"},{"v":80.21,"d":"R 80.21"},{"$f":"Q369*R369","v":{"v":802.0999999999999,"d":"R 802.10"}},{"v":10,"d":"10.00"},{"v":180,"d":"R 180.00"},{"v":1800,"d":"R 1,800.00"},{"v":10,"d":"10.00"},{"v":120.96,"d":"R 120.96"},{"$f":"W369*X369","v":{"v":1209.6,"d":"R 1,209.60"}},{"v":10,"d":"10.00"},{"v":120,"d":"R 120.00"},{"$f":"Z369*AA369","v":{"v":1200,"d":"R 1,200.00"}},{"v":10,"d":"10.00"},null,{"$f":"AC369*AD369","v":0}]
[{"$nulls":9},{"v":0,"d":"0.00"},null,0,null,0,null,0]
[{"$nulls":3},"METALWORK ",{"$nulls":5},{"v":0,"d":"0.00"},null,0,null,0,null,0]
[{"$nulls":9},{"v":0,"d":"0.00"},null,0,null,0,null,0]
[{"$nulls":3},"SUPPLEMENTARY PREAMBLES ",{"$nulls":5},{"v":0,"d":"0.00"},null,0,null,0,null,0]
[{"$nulls":9},{"v":0,"d":"0.00"},null,0,null,0,null,0]
[{"$nulls":3},"Descriptions",{"$nulls":5},{"v":0,"d":"0.00"},null,0,null,0,null,0]
[{"$nulls":9},{"v":0,"d":"0.00"},null,0,null,0,null,0]
[{"$nulls":3},"Descriptions of bolts shall be deemed to include nuts and washers ",{"$nulls":5},{"v":0,"d":"0.00"},null,0,null,0,null,0]
[{"$nulls":9},{"v":0,"d":"0.00"},null,0,null,0,null,0]
[{"$nulls":3},"Descriptions of expansion anchors and bolts and chemical anchors and bolts shall be deemed to include nuts, washers and mortices in brickwork or concrete ",{"$nulls":5},{"v":0,"d":"0.00"},null,0,null,0,null,0]
[{"$nulls":9},{"v":0,"d":"0.00"},null,0,null,0,null,0]
[{"$nulls":3},"Metalwork described as\" holed for bolt(s)\" shall be deemed to exclude the bolts unless otherwise described ",{"$nulls":5},{"v":0,"d":"0.00"},null,0,null,0,null,0]
[{"$nulls":9},{"v":0,"d":"0.00"},null,0,null,0,null,0]
[{"$nulls":3},"ALUMINIUM WINDOWS",{"$nulls":5},{"v":0,"d":"0.00"},null,0,null,0,null,0]
[{"$nulls":9},{"v":0,"d":"0.00"},null,0,null,0,null,0]
[{"$nulls":3},"Aluminium windows with top hung opening sections and brown anodised finish, all as per AAAMSA specifications and all glazing to be done according to the National Building Regulations - Part N:",{"$nulls":5},{"v":0,"d":"0.00"},null,0,null,0,null,0]
[{"$nulls":9},{"v":0,"d":"0.00"},null,0,null,0,null,0]
[null,68,null,"Window W1 size 900 x 900mm high with 54mm clear bullet proof glass level G3.","No",{"v":3,"d":"3.00"},{"v":2500,"d":"R 2,500.00"},{"$f":"F387*G387","v":{"v":7500,"d":"R 7,500.00"}},{"v":605,"d":"R 605.00"},{"v":1815,"d":"1815.00"},{"v":4187,"d":"R 4,187.00"},{"v":12561,"d":"R 12,561.00"},{"v":2500,"d":"R 2,500.00"},{"v":7500,"d":"R 7,500.00"},{"v":2200,"d":"R 2,200.00"},{"v":6600,"d":"R 6,600.00"},{"v":3,"d":"3.00"},{"v":22566.6,"d":"R 22,566.60"},{"$f":"Q387*R387","v":{"v":67699.79999999999,"d":"R 67,699.80"}},{"v":3,"d":"3.00"},{"v":6600,"d":"R 6,600.00"},{"v":19800,"d":"R 19,800.00"},{"v":3,"d":"3.00"},{"v":4274.64,"d":"R 4,274.64"},{"$f":"W387*X387","v":{"v":12823.920000000002,"d":"R 12,823.92"}},{"v":3,"d":"3.00"},{"v":16500,"d":"R 16,500.00"},{"$f":"Z387*AA387","v":{"v":49500,"d":"R 49,500.00"}},{"v":4,"d":"4.00"},null,{"$f":"AC387*AD387","v":0}]
[]
[{"$nulls":3},"STEEL RECORDROOM AND STRONGROOM DOORS, ETC.",{"$nulls":5},{"v":0,"d":"0.00"},null,0,null,0,null,0]
[{"$nulls":9},{"v":0,"d":"0.00"},null,0,null,0,null,0]
[{"$nulls":3},"Anti Bandit door level G3 with glass viewing panel 28- x 380mm high Inclding Frame 970 x 2110h and Cisa 5 pin Deadlock:",{"$nulls":5},{"v":0,"d":"0.00"},null,0,null,0,null,0]
[{"$nulls":9},{"v":0,"d":"0.00"},null,0,null,0,null,0]
[null,69,null,"Door size 970 x 2130mm high","No",{"v":1,"d":"1.00"},{"v":16000,"d":"R 16,000.00"},{"$f":"F393*G393","v":{"v":16000,"d":"R 16,000.00"}},{"v":24000,"d":"R 24,000.00"},{"v":24000,"d":"24000.00"},{"v":37500,"d":"R 37,500.00"},{"v":37500,"d":"R 37,500.00"},{"v":16000,"d":"R 16,000.00"},{"v":16000,"d":"R 16,000.00"},{"v":38000,"d":"R 38,000.00"},{"v":38000,"d":"R 38,000.00"},{"v":1,"d":"1.00"},{"v":55268.51,"d":"R 55,268.51"},{"$f":"Q393*R393","v":{"v":55268.51,"d":"R 55,268.51"}},{"v":1,"d":"1.00"},{"v":48000,"d":"R 48,000.00"},{"v":48000,"d":"R 48,000.00"},{"v":1,"d":"1.00"},{"v":63450,"d":"R 63,450.00"},{"$f":"W393*X393","v":{"v":63450,"d":"R 63,450.00"}},{"v":1,"d":"1.00"},{"v":68000,"d":"R 68,000.00"},{"$f":"Z393*AA393","v":{"v":68000,"d":"R 68,000.00"}},{"v":1,"d":"1.00"},null,{"$f":"AC393*AD393","v":0}]
[{"$nulls":9},{"v":0,"d":"0.00"},null,0,null,0,null,0]
[{"$nulls":3},"BURGLAR BARS",{"$nulls":5},{"v":0,"d":"0.00"},null,0,null,0,null,0]
[{"$nulls":9},{"v":0,"d":"0.00"},null,0,null,0,null,0]
[{"$nulls":3},"Mild steel burglar bar with hollow section members including anchor bolts, etc.",{"$nulls":5},{"v":0,"d":"0.00"},null,0,null,0,null,0]
[{"$nulls":9},{"v":0,"d":"0.00"},null,0,null,0,null,0]
[{"$nulls":3},"Window W1 size 900 x 900mm high with 54mm clear bullet proof glass level G3.","No",{"$nulls":23},{"v":4,"d":"4.00"},null,{"$f":"AC399*AD399","v":0}]
[]
[null,70,null,"Window size 600mm x 600mm high (W2)","No",{"v":1,"d":"1.00"},{"v":3600,"d":"R 3,600.00"},{"$f":"F401*G401","v":{"v":3600,"d":"R 3,600.00"}},{"v":1050,"d":"R 1,050.00"},{"v":1050,"d":"1050.00"},{"v":5400,"d":"R 5,400.00"},{"v":5400,"d":"R 5,400.00"},{"v":3600,"d":"R 3,600.00"},{"v":3600,"d":"R 3,600.00"},{"v":900,"d":"R 900.00"},{"v":900,"d":"R 900.00"},{"v":1,"d":"1.00"},{"v":786.18,"d":"R 786.18"},{"$f":"Q401*R401","v":{"v":786.18,"d":"R 786.18"}},{"v":1,"d":"1.00"},{"v":1800,"d":"R 1,800.00"},{"v":1800,"d":"R 1,800.00"},{"v":1,"d":"1.00"},{"v":5508,"d":"R 5,508.00"},{"$f":"W401*X401","v":{"v":5508,"d":"R 5,508.00"}},{"v":1,"d":"1.00"},{"v":850,"d":"R 850.00"},{"$f":"Z401*AA401","v":{"v":850,"d":"R 850.00"}},{"v":1,"d":"1.00"},null,{"$f":"AC401*AD401","v":0}]
[{"$nulls":9},{"v":0,"d":"0.00"},null,0,null,0,null,0]
[{"$nulls":9},{"v":0,"d":"0.00"},null,0,null,0,null,0]
[{"$nulls":3},"SUNDRY FITTINGS",{"$nulls":5},{"v":0,"d":"0.00"},null,0,null,0,null,0]
[{"$nulls":9},{"v":0,"d":"0.00"},null,0,null,0,null,0]
[null,71,null,"Supply and suitably fix to brick wall and concrete floor, rifle safe size 500mm wide x 500mm deep x 1400mm high (Order: JQ140KC).","No",{"v":1,"d":"1.00"},{"v":8400,"d":"R 8,400.00"},{"$f":"F406*G406","v":{"v":8400,"d":"R 8,400.00"}},{"v":8000,"d":"R 8,000.00"},{"v":8000,"d":"8000.00"},{"v":5000,"d":"R 5,000.00"},{"v":5000,"d":"R 5,000.00"},{"v":8400,"d":"R 8,400.00"},{"v":8400,"d":"R 8,400.00"},{"v":17000,"d":"R 17,000.00"},{"v":17000,"d":"R 17,000.00"},{"v":1,"d":"1.00"},{"v":31974.48,"d":"R 31,974.48"},{"$f":"Q406*R406","v":{"v":31974.48,"d":"R 31,974.48"}},{"v":1,"d":"1.00"},{"v":18000,"d":"R 18,000.00"},{"v":18000,"d":"R 18,000.00"},{"v":1,"d":"1.00"},{"v":5400,"d":"R 5,400.00"},{"$f":"W406*X406","v":{"v":5400,"d":"R 5,400.00"}},{"v":1,"d":"1.00"},{"v":14500,"d":"R 14,500.00"},{"$f":"Z406*AA406","v":{"v":14500,"d":"R 14,500.00"}},{"v":1,"d":"1.00"},null,{"$f":"AC406*AD406","v":0}]
[{"$nulls":9},{"v":0,"d":"0.00"},null,0,null,0,null,0]
[{"$nulls":3},"IRONMONGERY ",{"$nulls":5},{"v":0,"d":"0.00"},null,0,null,0,null,0]
[{"$nulls":9},{"v":0,"d":"0.00"},null,0,null,0,null,0]
[{"$nulls":3},"HINGES, BOLTS, ETC.",{"$nulls":5},{"v":0,"d":"0.00"},null,0,null,0,null,0]
[{"$nulls":9},{"v":0,"d":"0.00"},null,0,null,0,null,0]
[{"$nulls":3},"Brass:",{"$nulls":5},{"v":0,"d":"0.00"},null,0,null,0,null,0]
[{"$nulls":9},{"v":0,"d":"0.00"},null,0,null,0,null,0]
[null,72,null,"100mm Butt hinge.","No",{"v":4,"d":"4.00"},{"v":250,"d":"R 250.00"},{"$f":"F414*G414","v":{"v":1000,"d":"R 1,000.00"}},{"v":70,"d":"R 70.00"},{"v":280,"d":"280.00"},{"v":1450,"d":"R 1,450.00"},{"v":5800,"d":"R 5,800.00"},{"v":250,"d":"R 250.00"},{"v":1000,"d":"R 1,000.00"},{"v":200,"d":"R 200.00"},{"$f":"F414*O414","v":{"v":800,"d":"R 800.00"}},{"v":4,"d":"4.00"},{"v":155.91,"d":"R 155.91"},{"$f":"Q414*R414","v":{"v":623.64,"d":"R 623.64"}},{"v":4,"d":"4.00"},{"v":240,"d":"R 240.00"},{"v":960,"d":"R 960.00"},{"v":4,"d":"4.00"},{"v":1782,"d":"R 1,782.00"},{"$f":"W414*X414","v":{"v":7128,"d":"R 7,128.00"}},{"v":4,"d":"4.00"},{"v":85,"d":"R 85.00"},{"$f":"Z414*AA414","v":{"v":340,"d":"R 340.00"}},{"v":4,"d":"4.00"},null,{"$f":"AC414*AD414","v":0}]
[{"$nulls":9},{"v":0,"d":"0.00"},{"$nulls":3},0,null,0]
[]
[{"$nulls":3},"LOCKS "]
[]
[null,73,null,"1 Dorma D0365 Euro profile cylinder sash lock ss.","No",{"v":1,"d":"1.00"},{"v":350,"d":"R 350.00"},{"$f":"F419*G419","v":{"v":350,"d":"R 350.00"}},{"v":100,"d":"R 100.00"},{"$f":"F419*I419","v":{"v":100,"d":"100.00"}},{"v":2500,"d":"R 2,500.00"},{"$f":"F419*K419","v":{"v":2500,"d":"R 2,500.00"}},{"$f":"'[18]Bill 18'!N351","v":0},{"$f":"F419*M419","v":0},{"v":800,"d":"R 800.00"},{"$f":"F419*O419","v":{"v":800,"d":"R 800.00"}},{"v":1,"d":"1.00"},{"v":301.5,"d":"R 301.50"},{"$f":"Q419*R419","v":{"v":301.5,"d":"R 301.50"}},{"v":1,"d":"1.00"},{"v":300,"d":"R 300.00"},{"v":300,"d":"R 300.00"},{"v":1,"d":"1.00"},{"v":2268,"d":"R 2,268.00"},{"$f":"W419*X419","v":{"v":2268,"d":"R 2,268.00"}},{"v":1,"d":"1.00"},{"v":350,"d":"R 350.00"},{"$f":"Z419*AA419","v":{"v":350,"d":"R 350.00"}},{"v":1,"d":"1.00"},null,{"$f":"AC419*AD419","v":0}]
[{"$nulls":9},{"v":0,"d":"0.00"},null,0,null,{"$f":"F420*M420","v":0},null,{"$f":"F420*O420","v":0}]
[null,74,null,"1 dorma DKC056500 brass 65mm five pin euro profile knob cylinder.","No",{"v":1,"d":"1.00"},{"v":650,"d":"R 650.00"},{"$f":"F421*G421","v":{"v":650,"d":"R 650.00"}},{"v":400,"d":"R 400.00"},{"v":400,"d":"400.00"},{"v":2500,"d":"R 2,500.00"},{"v":2500,"d":"R 2,500.00"},{"$f":"'[18]Bill 18'!N353","v":0},0,{"v":600,"d":"R 600.00"},{"v":600,"d":"R 600.00"},{"v":1,"d":"1.00"},{"v":317.85,"d":"R 317.85"},{"$f":"Q421*R421","v":{"v":317.85,"d":"R 317.85"}},{"v":1,"d":"1.00"},{"v":300,"d":"R 300.00"},{"v":300,"d":"R 300.00"},{"v":1,"d":"1.00"},{"v":2268,"d":"R 2,268.00"},{"$f":"W421*X421","v":{"v":2268,"d":"R 2,268.00"}},{"v":1,"d":"1.00"},{"v":350,"d":"R 350.00"},{"$f":"Z421*AA421","v":{"v":350,"d":"R 350.00"}},{"v":1,"d":"1.00"},null,{"$f":"AC421*AD421","v":0}]
[{"$nulls":9},{"v":0,"d":"0.00"},null,0,null,0,null,0]
[null,75,null,"1 Set dorma DIB-ss-026 stainless steel bathroom /wc indicator bolt.","No",{"v":1,"d":"1.00"},{"v":450,"d":"R 450.00"},{"$f":"F423*G423","v":{"v":450,"d":"R 450.00"}},{"v":205,"d":"R 205.00"},{"v":205,"d":"205.00"},{"v":2500,"d":"R 2,500.00"},{"v":2500,"d":"R 2,500.00"},{"$f":"'[18]Bill 18'!N355","v":0},0,{"v":800,"d":"R 800.00"},{"v":800,"d":"R 800.00"},{"v":1,"d":"1.00"},{"v":427.67,"d":"R 427.67"},{"$f":"Q423*R423","v":{"v":427.67,"d":"R 427.67"}},{"v":1,"d":"1.00"},{"v":300,"d":"R 300.00"},{"v":300,"d":"R 300.00"},{"v":1,"d":"1.00"},{"v":2268,"d":"R 2,268.00"},{"$f":"W423*X423","v":{"v":2268,"d":"R 2,268.00"}},{"v":1,"d":"1.00"},{"v":350,"d":"R 350.00"},{"$f":"Z423*AA423","v":{"v":350,"d":"R 350.00"}},{"v":1,"d":"1.00"},null,{"$f":"AC423*AD423","v":0}]
[{"$nulls":9},{"v":0,"d":"0.00"},null,0,null,0,null,0]
[null,76,null,"1 Dorma DHC-ss-031B stainless steel hat and coat hook with rubber buffer.","No",{"v":1,"d":"1.00"},{"v":850,"d":"R 850.00"},{"$f":"F425*G425","v":{"v":850,"d":"R 850.00"}},{"v":85,"d":"R 85.00"},{"v":85,"d":"85.00"},{"v":2500,"d":"R 2,500.00"},{"v":2500,"d":"R 2,500.00"},{"v":850,"d":"R 850.00"},{"v":850,"d":"R 850.00"},{"v":200,"d":"R 200.00"},{"v":200,"d":"R 200.00"},{"v":1,"d":"1.00"},{"v":117.68,"d":"R 117.68"},{"$f":"Q425*R425","v":{"v":117.68,"d":"R 117.68"}},{"v":1,"d":"1.00"},{"v":300,"d":"R 300.00"},{"v":300,"d":"R 300.00"},{"v":1,"d":"1.00"},{"v":3132,"d":"R 3,132.00"},{"$f":"W425*X425","v":{"v":3132,"d":"R 3,132.00"}},{"v":1,"d":"1.00"},{"v":150,"d":"R 150.00"},{"$f":"Z425*AA425","v":{"v":150,"d":"R 150.00"}},{"v":1,"d":"1.00"},null,{"$f":"AC425*AD425","v":0}]
[{"$nulls":9},{"v":0,"d":"0.00"},null,0,null,0,null,0]
[null,77,null,"1 Dorma CB17 PB CYL brass lever handle.","No",{"v":1,"d":"1.00"},{"v":650,"d":"R 650.00"},{"$f":"F427*G427","v":{"v":650,"d":"R 650.00"}},{"v":605,"d":"R 605.00"},{"v":605,"d":"605.00"},{"v":2500,"d":"R 2,500.00"},{"v":2500,"d":"R 2,500.00"},{"v":650,"d":"R 650.00"},{"v":650,"d":"R 650.00"},{"v":650,"d":"R 650.00"},{"v":650,"d":"R 650.00"},{"v":1,"d":"1.00"},{"v":865.23,"d":"R 865.23"},{"$f":"Q427*R427","v":{"v":865.23,"d":"R 865.23"}},{"v":1,"d":"1.00"},{"v":420,"d":"R 420.00"},{"v":420,"d":"R 420.00"},{"v":1,"d":"1.00"},{"v":3132,"d":"R 3,132.00"},{"$f":"W427*X427","v":{"v":3132,"d":"R 3,132.00"}},{"v":1,"d":"1.00"},{"v":450,"d":"R 450.00"},{"$f":"Z427*AA427","v":{"v":450,"d":"R 450.00"}},{"v":1,"d":"1.00"},null,{"$f":"AC427*AD427","v":0}]
[{"$nulls":9},{"v":0,"d":"0.00"},null,0,null,0,null,0]
[null,78,null,"Dorma DDS-NP-018 nickel plated floor stop.","No",{"v":1,"d":"1.00"},{"v":650,"d":"R 650.00"},{"$f":"F429*G429","v":{"v":650,"d":"R 650.00"}},{"v":40,"d":"R 40.00"},{"v":40,"d":"40.00"},{"v":2500,"d":"R 2,500.00"},{"v":2500,"d":"R 2,500.00"},{"v":650,"d":"R 650.00"},{"v":650,"d":"R 650.00"},{"v":300,"d":"R 300.00"},{"v":300,"d":"R 300.00"},{"v":1,"d":"1.00"},{"v":63.79,"d":"R 63.79"},{"$f":"Q429*R429","v":{"v":63.79,"d":"R 63.79"}},{"v":1,"d":"1.00"},{"v":300,"d":"R 300.00"},{"v":300,"d":"R 300.00"},{"v":1,"d":"1.00"},{"v":3132,"d":"R 3,132.00"},{"$f":"W429*X429","v":{"v":3132,"d":"R 3,132.00"}},{"v":1,"d":"1.00"},{"v":550,"d":"R 550.00"},{"$f":"Z429*AA429","v":{"v":550,"d":"R 550.00"}},{"v":1,"d":"1.00"},null,{"$f":"AC429*AD429","v":0}]
[{"$nulls":9},{"v":0,"d":"0.00"},null,0,null,0,null,0]
[{"$nulls":9},{"v":0,"d":"0.00"},null,0,null,0,null,0]
[{"$nulls":3},"BATHROOM FITTINGS ",{"$nulls":5},{"v":0,"d":"0.00"},null,0,null,0,null,0]
[{"$nulls":9},{"v":0,"d":"0.00"},null,0,null,0,null,0]
[null,79,null,"19mm Diameter chromium plated towel rail 450mm long including end brackets.","No",{"v":1,"d":"1.00"},{"v":700,"d":"R 700.00"},{"$f":"F434*G434","v":{"v":700,"d":"R 700.00"}},{"v":800,"d":"R 800.00"},{"v":800,"d":"800.00"},{"v":1350,"d":"R 1,350.00"},{"v":1350,"d":"R 1,350.00"},{"v":700,"d":"R 700.00"},{"v":700,"d":"R 700.00"},{"v":720,"d":"R 720.00"},{"v":720,"d":"R 720.00"},{"v":1,"d":"1.00"},{"v":74.2,"d":"R 74.20"},{"$f":"Q434*R434","v":{"v":74.2,"d":"R 74.20"}},{"v":1,"d":"1.00"},{"v":1140,"d":"R 1,140.00"},{"v":1140,"d":"R 1,140.00"},{"v":1,"d":"1.00"},{"v":1350,"d":"R 1,350.00"},{"$f":"W434*X434","v":{"v":1350,"d":"R 1,350.00"}},{"v":1,"d":"1.00"},{"v":450,"d":"R 450.00"},{"$f":"Z434*AA434","v":{"v":450,"d":"R 450.00"}},{"v":1,"d":"1.00"},null,{"$f":"AC434*AD434","v":0}]
[{"$nulls":9},{"v":0,"d":"0.00"},null,0,null,0,null,0]
[{"$nulls":9},{"v":0,"d":"0.00"},null,0,null,0,null,0]
[{"$nulls":3},"SUNDRY FITTINGS",{"$nulls":5},{"v":0,"d":"0.00"},null,0,null,0,null,0]
[{"$nulls":9},{"v":0,"d":"0.00"},null,0,null,0,null,0]
[null,80,null,"Single tier, floor-mounted storage locker, size 305mm wide x 450mm deep x 1750mm high overall, comprising 0.6mm thick galvanized sheet metal with powder-coated finish in 'Hammertone Grey.'","No",{"v":5,"d":"5.00"},{"v":6000,"d":"R 6,000.00"},{"$f":"F439*G439","v":{"v":30000,"d":"R 30,000.00"}},{"v":3050,"d":"R 3,050.00"},{"v":15250,"d":"15250.00"},{"v":8950,"d":"R 8,950.00"},{"v":44750,"d":"R 44,750.00"},{"v":6000,"d":"R 6,000.00"},{"v":30000,"d":"R 30,000.00"},{"v":1950,"d":"R 1,950.00"},{"v":9750,"d":"R 9,750.00"},{"v":5,"d":"5.00"},{"v":10962.89,"d":"R 10,962.89"},{"$f":"Q439*R439","v":{"v":54814.45,"d":"R 54,814.45"}},{"v":5,"d":"5.00"},{"v":4920,"d":"R 4,920.00"},{"v":24600,"d":"R 24,600.00"},{"v":5,"d":"5.00"},{"v":10746,"d":"R 10,746.00"},{"$f":"W439*X439","v":{"v":53730,"d":"R 53,730.00"}},{"v":5,"d":"5.00"},{"v":2200,"d":"R 2,200.00"},{"$f":"Z439*AA439","v":{"v":11000,"d":"R 11,000.00"}},{"v":5,"d":"5.00"},null,{"$f":"AC439*AD439","v":0}]
[{"$nulls":9},{"v":0,"d":"0.00"},null,0,null,0,null,0]
[{"$nulls":3},"PLASTERING ",{"$nulls":5},{"v":0,"d":"0.00"},null,0,null,0,null,0]
[{"$nulls":9},{"v":0,"d":"0.00"},null,0,null,0,null,0]
[{"$nulls":3},"INTERNAL PLASTER ",{"$nulls":5},{"v":0,"d":"0.00"},null,0,null,0,null,0]
[{"$nulls":9},{"v":0,"d":"0.00"},null,0,null,0,null,0]
[{"$nulls":3},"One coat 1:5 cement plaster woodfloated and sponged to receive tiles:",{"$nulls":5},{"v":0,"d":"0.00"},null,0,null,0,null,0]
[{"$nulls":9},{"v":0,"d":"0.00"},null,0,null,0,null,0]
[null,81,null,"On walls. ","m²",{"v":19,"d":"19.00"},{"v":80,"d":"R 80.00"},{"$f":"F447*G447","v":{"v":1520,"d":"R 1,520.00"}},{"v":80,"d":"R 80.00"},{"v":1520,"d":"1520.00"},{"v":190,"d":"R 190.00"},{"v":3610,"d":"R 3,610.00"},{"v":80,"d":"R 80.00"},{"v":1520,"d":"R 1,520.00"},{"v":120,"d":"R 120.00"},{"v":2280,"d":"R 2,280.00"},{"v":19,"d":"19.00"},{"v":141.01,"d":"R 141.01"},{"$f":"Q447*R447","v":{"v":2679.1899999999996,"d":"R 2,679.19"}},{"v":19,"d":"19.00"},{"v":150,"d":"R 150.00"},{"v":2850,"d":"R 2,850.00"},{"v":19,"d":"19.00"},{"v":189,"d":"R 189.00"},{"$f":"W447*X447","v":{"v":3591,"d":"R 3,591.00"}},{"v":19,"d":"19.00"},{"v":120,"d":"R 120.00"},{"$f":"Z447*AA447","v":{"v":2280,"d":"R 2,280.00"}},{"v":19,"d":"19.00"},null,{"$f":"AC447*AD447","v":0}]
[{"$nulls":9},{"v":0,"d":"0.00"},null,0,null,0,null,0]
[null,82,null,"On narrow widths.","m²",{"v":5,"d":"5.00"},{"v":80,"d":"R 80.00"},{"$f":"F449*G449","v":{"v":400,"d":"R 400.00"}},{"v":80,"d":"R 80.00"},{"v":400,"d":"400.00"},{"v":190,"d":"R 190.00"},{"v":950,"d":"R 950.00"},{"v":80,"d":"R 80.00"},{"v":400,"d":"R 400.00"},{"v":120,"d":"R 120.00"},{"v":600,"d":"R 600.00"},{"v":5,"d":"5.00"},{"v":157.21,"d":"R 157.21"},{"$f":"Q449*R449","v":{"v":786.0500000000001,"d":"R 786.05"}},{"v":5,"d":"5.00"},{"v":174,"d":"R 174.00"},{"v":870,"d":"R 870.00"},{"v":5,"d":"5.00"},{"v":189,"d":"R 189.00"},{"$f":"W449*X449","v":{"v":945,"d":"R 945.00"}},{"v":5,"d":"5.00"},{"v":120,"d":"R 120.00"},{"$f":"Z449*AA449","v":{"v":600,"d":"R 600.00"}},{"v":5,"d":"5.00"},null,{"$f":"AC449*AD449","v":0}]
[{"$nulls":9},{"v":0,"d":"0.00"},null,0,null,0,null,0]
[{"$nulls":3},"One coat cement plaster 1:5  wood floated and sponged to smooth finish on brickwork:",{"$nulls":5},{"v":0,"d":"0.00"},null,0,null,0,null,0]
[{"$nulls":9},{"v":0,"d":"0.00"},null,0,null,0,null,0]
[null,83,null,"On walls. (Provisional).","m²",{"v":3,"d":"3.00"},{"v":100,"d":"R 100.00"},{"$f":"F453*G453","v":{"v":300,"d":"R 300.00"}},{"v":80,"d":"R 80.00"},{"v":240,"d":"240.00"},{"v":190,"d":"R 190.00"},{"v":570,"d":"R 570.00"},{"v":100,"d":"R 100.00"},{"v":300,"d":"R 300.00"},{"v":120,"d":"R 120.00"},{"v":360,"d":"R 360.00"},{"v":3,"d":"3.00"},{"v":141.01,"d":"R 141.01"},{"$f":"Q453*R453","v":{"v":423.03,"d":"R 423.03"}},{"v":3,"d":"3.00"},{"v":150,"d":"R 150.00"},{"v":450,"d":"R 450.00"},{"v":3,"d":"3.00"},{"v":189,"d":"R 189.00"},{"$f":"W453*X453","v":{"v":567,"d":"R 567.00"}},{"v":3,"d":"3.00"},{"v":120,"d":"R 120.00"},{"$f":"Z453*AA453","v":{"v":360,"d":"R 360.00"}},{"$f":"AC627","v":{"v":120,"d":"120.00"}},null,{"$f":"AC453*AD453","v":0}]
[{"$nulls":9},{"v":0,"d":"0.00"},null,0,null,0,null,0]
[{"$nulls":3},"EXTERNAL PLASTER",{"$nulls":5},{"v":0,"d":"0.00"},null,0,null,0,null,0]
[{"$nulls":9},{"v":0,"d":"0.00"},null,0,null,0,null,0]
[{"$nulls":3},"One coat 1:5 cement plaster woodfloated and sponged to have smooth finish",{"$nulls":5},{"v":0,"d":"0.00"},null,0,null,0,null,0]
[{"$nulls":9},{"v":0,"d":"0.00"},null,0,null,0,null,0]
[null,84,null,"On walls.","m²",{"v":19,"d":"19.00"},{"v":100,"d":"R 100.00"},{"$f":"F459*G459","v":{"v":1900,"d":"R 1,900.00"}},{"v":80,"d":"R 80.00"},{"v":1520,"d":"1520.00"},{"v":148,"d":"R 148.00"},{"v":2812,"d":"R 2,812.00"},{"v":100,"d":"R 100.00"},{"v":1900,"d":"R 1,900.00"},{"v":120,"d":"R 120.00"},{"v":2280,"d":"R 2,280.00"},{"v":19,"d":"19.00"},{"v":179.96,"d":"R 179.96"},{"$f":"Q459*R459","v":{"v":3419.2400000000002,"d":"R 3,419.24"}},{"v":19,"d":"19.00"},{"v":150,"d":"R 150.00"},{"v":2850,"d":"R 2,850.00"},{"v":19,"d":"19.00"},{"v":153.36,"d":"R 153.36"},{"$f":"W459*X459","v":{"v":2913.84,"d":"R 2,913.84"}},{"v":19,"d":"19.00"},{"v":120,"d":"R 120.00"},{"$f":"Z459*AA459","v":{"v":2280,"d":"R 2,280.00"}},{"$f":"(5.025*3)*2+(6.695*3)*2","v":{"v":70.32000000000001,"d":"70.32"}},null,{"$f":"AC459*AD459","v":0}]
[{"$nulls":9},{"v":0,"d":"0.00"},null,0,null,0,null,0]
[null,85,null,"On columns.","m²",{"v":13,"d":"13.00"},{"v":100,"d":"R 100.00"},{"$f":"F461*G461","v":{"v":1300,"d":"R 1,300.00"}},{"v":80,"d":"R 80.00"},{"v":1040,"d":"1040.00"},{"v":198,"d":"R 198.00"},{"v":2574,"d":"R 2,574.00"},{"v":100,"d":"R 100.00"},{"v":1300,"d":"R 1,300.00"},{"v":120,"d":"R 120.00"},{"v":1560,"d":"R 1,560.00"},{"v":13,"d":"13.00"},{"v":179.96,"d":"R 179.96"},{"$f":"Q461*R461","v":{"v":2339.48,"d":"R 2,339.48"}},{"v":13,"d":"13.00"},{"v":150,"d":"R 150.00"},{"v":1950,"d":"R 1,950.00"},{"v":13,"d":"13.00"},{"v":196.56,"d":"R 196.56"},{"$f":"W461*X461","v":{"v":2555.28,"d":"R 2,555.28"}},{"v":13,"d":"13.00"},{"v":120,"d":"R 120.00"},{"$f":"Z461*AA461","v":{"v":1560,"d":"R 1,560.00"}},{"v":13,"d":"13.00"},null,{"$f":"AC461*AD461","v":0}]
[{"$nulls":9},{"v":0,"d":"0.00"},null,0,null,0,null,0]
[{"$nulls":3},"TILING ",{"$nulls":5},{"v":0,"d":"0.00"},null,0,null,0,null,0]
[{"$nulls":9},{"v":0,"d":"0.00"},null,0,null,0,null,0]
[{"$nulls":3},"SUPPLEMENTARY PREAMBLES ",{"$nulls":5},{"v":0,"d":"0.00"},null,0,null,0,null,0]
[{"$nulls":9},{"v":0,"d":"0.00"},null,0,null,0,null,0]
[{"$nulls":3},"Descriptions:",{"$nulls":5},{"v":0,"d":"0.00"},null,0,null,0,null,0]
[{"$nulls":9},{"v":0,"d":"0.00"},null,0,null,0,null,0]
[{"$nulls":3},"Unless described as \"fixed with adhesive to plaster (plaster elsewhere)\" descriptions of tiling on brick or concrete walls,  columns, etc. shall be deemed to include 1:4 cement plaster backing and descriptions of tiling on concrete floors etc. shall be deemed to include 1:3 plaster bedding:",{"$nulls":5},{"v":0,"d":"0.00"},null,0,null,0,null,0]
[{"$nulls":9},{"v":0,"d":"0.00"},null,0,null,0,null,0]
[{"$nulls":9},{"v":0,"d":"0.00"},null,0,null,0,null,0]
[{"$nulls":3},"WALL TILING",{"$nulls":5},{"v":0,"d":"0.00"},null,0,null,0,null,0]
[{"$nulls":9},{"v":0,"d":"0.00"},null,0,null,0,null,0]
[{"$nulls":3},"Provide the PC amount of R120/m2 supplied and delivered to site for 300 x 300mm CTM Kilimanjaro range ceramic tiles fixed with adhesive to plaster (plaster elsewhere):",{"$nulls":5},{"v":0,"d":"0.00"},null,0,null,0,null,0]
[{"$nulls":9},{"v":0,"d":"0.00"},null,0,null,0,null,0]
[null,86,null,"On walls.","m²",{"v":48,"d":"48.00"},{"v":450,"d":"R 450.00"},{"$f":"F476*G476","v":{"v":21600,"d":"R 21,600.00"}},{"v":260,"d":"R 260.00"},{"v":12480,"d":"12480.00"},{"v":450,"d":"R 450.00"},{"v":21600,"d":"R 21,600.00"},{"v":450,"d":"R 450.00"},{"v":21600,"d":"R 21,600.00"},{"v":300,"d":"R 300.00"},{"v":14400,"d":"R 14,400.00"},{"v":48,"d":"48.00"},{"v":268.38,"d":"R 268.38"},{"$f":"Q476*R476","v":{"v":12882.24,"d":"R 12,882.24"}},{"v":48,"d":"48.00"},{"v":408,"d":"R 408.00"},{"v":19584,"d":"R 19,584.00"},{"v":48,"d":"48.00"},{"v":469.8,"d":"R 469.80"},{"$f":"W476*X476","v":{"v":22550.4,"d":"R 22,550.40"}},{"v":48,"d":"48.00"},{"v":365,"d":"R 365.00"},{"$f":"Z476*AA476","v":{"v":17520,"d":"R 17,520.00"}},{"v":48,"d":"48.00"},null,{"$f":"AC476*AD476","v":0}]
[{"$nulls":9},{"v":0,"d":"0.00"},null,0,null,0,null,0]
[{"$nulls":3},"FLOOR TILING ",{"$nulls":5},{"v":0,"d":"0.00"},null,0,null,0,null,0]
[{"$nulls":9},{"v":0,"d":"0.00"},null,0,null,0,null,0]
[{"$nulls":3},"Provide the PC amount of R120/m2 supplied and delivered to site for CTM Kilimanjaro range, colour \"dark brown\", 350 x 350mm ceramic tiles fixed with adhesive to plaster (plaster elsewhere):",{"$nulls":5},{"v":0,"d":"0.00"},null,0,null,0,null,0]
[{"$nulls":9},{"v":0,"d":"0.00"},null,0,null,0,null,0]
[null,87,null,"On floors","m²",{"v":60,"d":"60.00"},{"v":189,"d":"R 189.00"},{"$f":"F482*G482","v":{"v":11340,"d":"R 11,340.00"}},{"v":260,"d":"R 260.00"},{"v":15600,"d":"15600.00"},{"v":562,"d":"R 562.00"},{"v":33720,"d":"R 33,720.00"},{"v":120,"d":"R 120.00"},{"v":7200,"d":"R 7,200.00"},{"v":350,"d":"R 350.00"},{"v":21000,"d":"R 21,000.00"},{"v":60,"d":"60.00"},{"v":268.38,"d":"R 268.38"},{"$f":"Q482*R482","v":{"v":16102.8,"d":"R 16,102.80"}},{"v":60,"d":"60.00"},{"v":384,"d":"R 384.00"},{"v":23040,"d":"R 23,040.00"},{"v":60,"d":"60.00"},{"v":577.8,"d":"R 577.80"},{"$f":"W482*X482","v":{"v":34668,"d":"R 34,668.00"}},{"v":60,"d":"60.00"},{"v":365,"d":"R 365.00"},{"$f":"Z482*AA482","v":{"v":21900,"d":"R 21,900.00"}},{"v":60,"d":"60.00"},null,{"$f":"AC482*AD482","v":0}]
[{"$nulls":9},{"$f":"F483*I483","v":{"v":0,"d":"0.00"}},null,{"$f":"F483*K483","v":0},null,0,null,0]
[null,88,null,"75mm High skirting tile fixed with uncut edge to top.","m",{"v":40,"d":"40.00"},{"v":100,"d":"R 100.00"},{"$f":"F484*G484","v":{"v":4000,"d":"R 4,000.00"}},{"v":40,"d":"R 40.00"},{"v":1600,"d":"1600.00"},{"v":89,"d":"R 89.00"},{"v":3560,"d":"R 3,560.00"},{"v":60,"d":"R 60.00"},{"$f":"F484*M484","v":{"v":2400,"d":"R 2,400.00"}},{"v":30,"d":"R 30.00"},{"$f":"F484*O484","v":{"v":1200,"d":"R 1,200.00"}},{"v":40,"d":"40.00"},{"v":39.42,"d":"R 39.42"},{"$f":"Q484*R484","v":{"v":1576.8000000000002,"d":"R 1,576.80"}},{"v":40,"d":"40.00"},{"v":78,"d":"R 78.00"},{"v":3120,"d":"R 3,120.00"},{"v":40,"d":"40.00"},{"v":88.56,"d":"R 88.56"},{"$f":"W484*X484","v":{"v":3542.4,"d":"R 3,542.40"}},{"v":40,"d":"40.00"},{"v":45,"d":"R 45.00"},{"$f":"Z484*AA484","v":{"v":1800,"d":"R 1,800.00"}},{"v":40,"d":"40.00"},null,{"$f":"AC484*AD484","v":0}]
[{"$nulls":13},0]
[]
[{"$nulls":3},"TOILET PAPER HOLDERS, ETC. "]
[]
[{"$nulls":3},"\"Cobra\" white glazed ceramic:"]
[]
[null,89,null,"150  x 150mm 'COBRA' Semi-recessed white vitreous china toilet paper holder. ","No",{"v":1,"d":"1.00"},{"v":650,"d":"R 650.00"},{"$f":"F491*G491","v":{"v":650,"d":"R 650.00"}},{"v":550,"d":"R 550.00"},{"$f":"F491*I491","v":{"v":550,"d":"550.00"}},{"v":540,"d":"R 540.00"},{"$f":"F491*K491","v":{"v":540,"d":"R 540.00"}},{"v":650,"d":"R 650.00"},{"$f":"F491*M491","v":{"v":650,"d":"R 650.00"}},{"v":4950,"d":"R 4,950.00"},{"$f":"F491*O491","v":{"v":4950,"d":"R 4,950.00"}},{"v":1,"d":"1.00"},{"v":167.4,"d":"R 167.40"},{"$f":"Q491*R491","v":{"v":167.4,"d":"R 167.40"}},{"v":1,"d":"1.00"},{"v":540,"d":"R 540.00"},{"v":540,"d":"R 540.00"},{"v":1,"d":"1.00"},{"v":550.8,"d":"R 550.80"},{"$f":"W491*X491","v":{"v":550.8,"d":"R 550.80"}},{"v":1,"d":"1.00"},{"v":450,"d":"R 450.00"},{"$f":"Z491*AA491","v":{"v":450,"d":"R 450.00"}},{"v":1,"d":"1.00"},null,{"$f":"AC491*AD491","v":0}]
[]
[{"$nulls":3},"PLUMBING AND DRAINAGE (PROVISIONAL) "]
[]
[{"$nulls":3},"SUPPLEMENTARY PREAMBLES "]
[]
[{"$nulls":3},"uPVC pipes and fittings: "]
[]
[{"$nulls":3},"Soil, waste and vent pipes and fittings shall be solvent weld jointed."]
[]
[{"$nulls":3},"uPVC pressure pipes and fittings:"]
[]
[{"$nulls":3},"Pipes for water supply shall be of the class stated."]
[]
[{"$nulls":3},"Pipes of 40mm diameter and smaller shall be plain ended with solvent welded uPVC loose sockets and fittings."]
[]
[{"$nulls":3},"Pipes of 50mm diameter and greater shall have sockets and spigots with push in type integral rubber ring joints.  Bends shall be uPVC and all other fittings shall be cast iron, all with similar push-in type joints. "]
[]
[{"$nulls":3},"Copper pipes:"]
[]
[{"$nulls":3},"Pipes shall be hard drawn and half-hard pipes of the class stated.  Class 0 (thin walled hard drawn) pipes shall not be bent.  Class 1 (thin walled half-hard), class 2 (half-hard) and class 3 (heavy walled half-hard) pipes shall only be bent with benders with inner and outer formers.  Fittings to copper waste, vent and anti-syphon pipes, capillary solder fittings and compression fittings shall be \"Cobra Watertech\" type.  Capillary solder fittings shall comply with ISO 2016.  Only compression fittings shall be used in walls or in ground "]
[]
[{"$nulls":3},"Exposed concrete surfaces:"]
[]
[{"$nulls":3},"Exposed surfaces of concrete stormwater channels, cover slabs, inspection eye marker slabs, gulley tops, cleaning eye tops, catchpits, inspection chambers, etc. shall be finished smooth with plaster "]
[]
[{"$nulls":3},"Excavations:"]
[]
[{"$nulls":3},"No claim for rock excavation will be entertained unless the contractor has timeously notified the quantity surveyor thereof prior to backfilling "]
[]
[{"$nulls":3},"\"Earth\", \"Soft rock\" and \"hard rock\" shall be as defined in \"Earthworks\" "]
[]
[{"$nulls":3},"Laying, backfilling, bedding, etc. of pipes"]
[]
[{"$nulls":3},"Pipes shall be laid and bedded and trenches shall be carefully backfilled in accordance with manufacturers' instructions "]
[]
[{"$nulls":3},"Where no manufacturers' instructions exist pipes shall be laid in accordance with clauses 5.1 and 5.2 of each of the following:  "]
[]
[{"$nulls":3},"SABS 1200 L : Medium-pressure pipelines  "]
[]
[{"$nulls":3},"LD : Sewers  "]
[]
[{"$nulls":3},"LE : Stormwater drainage  "]
[]
[{"$nulls":3},"Pipe trenches etc. shall be backfilled in accordance with clauses 3, 5.5, 5.6, 5.7 and 7 of SABS 1200  "]
[]
[{"$nulls":3},"DB : Earthworks (Pipe trenches)  "]
[]
[{"$nulls":3},"Pipes shall be bedded in accordance with clauses 3.1 to 3.4.1, 5.1 to 5.3 and 7 of SABS 1200  "]
[]
[{"$nulls":3},"LB : Bedding (Pipes).  "]
[]
[{"$nulls":3},"Unless otherwise described bedding of rigid pipes shall be class B bedding "]
[]
[{"$nulls":3},"Flush pans"]
[]
[{"$nulls":3},"Flush pans shall have straight or side outlets and \"P\" or \"S\" traps as necessary "]
[]
[]
[{"$nulls":3},"Stainless steel basins, sinks, wash troughs, urinals, etc."]
[]
[{"$nulls":3},"Units shall have standard aprons on all exposed edges and tiling keys against walls where applicable "]
[]
[{"$nulls":3},"Waste unions"]
[]
[{"$nulls":3},"Descriptions of waste unions shall be deemed to include rubber or vulcanite plugs and chains fixed to fittings "]
[]
[{"$nulls":3},"RAINWATER DISPOSAL (Provisional)"]
[]
[{"$nulls":3},"GUTTERS, ETC.  "]
[]
[{"$nulls":3},"0,8mm Thick pre-painted aluminium sheeting in:"]
[]
[null,90,null,"150 x 150mm Eaves gutters ","m",{"v":7,"d":"7.00"},{"v":210,"d":"R 210.00"},{"$f":"F564*G564","v":{"v":1470,"d":"R 1,470.00"}},{"v":130,"d":"R 130.00"},{"$f":"F564*I564","v":{"v":910,"d":"910.00"}},{"v":485,"d":"R 485.00"},{"$f":"F564*K564","v":{"v":3395,"d":"R 3,395.00"}},{"$f":"'[18]Bill 19'!N609","v":0},{"$f":"F564*M564","v":0},{"v":110,"d":"R 110.00"},{"$f":"F564*O564","v":{"v":770,"d":"R 770.00"}},{"v":7,"d":"7.00"},{"v":521.64,"d":"R 521.64"},{"$f":"Q564*R564","v":{"v":3651.48,"d":"R 3,651.48"}},{"v":7,"d":"7.00"},{"v":300,"d":"R 300.00"},{"v":2100,"d":"R 2,100.00"},{"v":7,"d":"7.00"},{"v":442.8,"d":"R 442.80"},{"$f":"W564*X564","v":{"v":3099.6,"d":"R 3,099.60"}},{"v":7,"d":"7.00"},{"v":210,"d":"R 210.00"},{"$f":"Z564*AA564","v":{"v":1470,"d":"R 1,470.00"}},{"v":7,"d":"7.00"},null,{"$f":"AC564*AD564","v":0}]
[{"$nulls":9},{"v":0,"d":"0.00"},null,{"$f":"F565*K565","v":0},null,{"$f":"F565*M565","v":0},null,0]
[null,91,null,"Extra over 150 x 150mm eaves gutter for outlet for 100 x 100mm pipe ","No",{"v":2,"d":"2.00"},{"v":120,"d":"R 120.00"},{"$f":"F566*G566","v":{"v":240,"d":"R 240.00"}},{"v":110,"d":"R 110.00"},{"v":220,"d":"220.00"},{"v":315,"d":"R 315.00"},{"v":630,"d":"R 630.00"},{"$f":"'[18]Bill 19'!N611","v":0},0,{"v":105,"d":"R 105.00"},{"v":210,"d":"R 210.00"},{"v":2,"d":"2.00"},{"v":228.22,"d":"R 228.22"},{"$f":"Q566*R566","v":{"v":456.44,"d":"R 456.44"}},{"v":2,"d":"2.00"},{"v":360,"d":"R 360.00"},{"v":720,"d":"R 720.00"},{"v":2,"d":"2.00"},{"v":324,"d":"R 324.00"},{"$f":"W566*X566","v":{"v":648,"d":"R 648.00"}},{"v":2,"d":"2.00"},{"v":160,"d":"R 160.00"},{"$f":"Z566*AA566","v":{"v":320,"d":"R 320.00"}},{"v":2,"d":"2.00"},null,{"$f":"AC566*AD566","v":0}]
[{"$nulls":9},{"v":0,"d":"0.00"},null,0,null,0,null,0]
[null,92,null,"Extra over 150 x 150mm eaves gutter for angle or stopped end","No",{"v":4,"d":"4.00"},{"v":120,"d":"R 120.00"},{"$f":"F568*G568","v":{"v":480,"d":"R 480.00"}},{"v":100,"d":"R 100.00"},{"v":400,"d":"400.00"},{"v":315,"d":"R 315.00"},{"v":1260,"d":"R 1,260.00"},{"$f":"'[18]Bill 19'!N613","v":0},0,{"v":105,"d":"R 105.00"},{"v":420,"d":"R 420.00"},{"v":4,"d":"4.00"},{"v":136.93,"d":"R 136.93"},{"$f":"Q568*R568","v":{"v":547.72,"d":"R 547.72"}},{"v":4,"d":"4.00"},{"v":360,"d":"R 360.00"},{"v":1440,"d":"R 1,440.00"},{"v":4,"d":"4.00"},{"v":324,"d":"R 324.00"},{"$f":"W568*X568","v":{"v":1296,"d":"R 1,296.00"}},{"v":4,"d":"4.00"},{"v":150,"d":"R 150.00"},{"$f":"Z568*AA568","v":{"v":600,"d":"R 600.00"}},{"v":4,"d":"4.00"},null,{"$f":"AC568*AD568","v":0}]
[{"$nulls":9},{"v":0,"d":"0.00"},null,0,null,0,null,0]
[null,93,null,"100 x 100mm Downpipes ","m",{"v":7,"d":"7.00"},{"v":210,"d":"R 210.00"},{"$f":"F570*G570","v":{"v":1470,"d":"R 1,470.00"}},{"v":125,"d":"R 125.00"},{"v":875,"d":"875.00"},{"v":240,"d":"R 240.00"},{"v":1680,"d":"R 1,680.00"},{"$f":"'[18]Bill 19'!N615","v":0},0,{"v":240,"d":"R 240.00"},{"v":1680,"d":"R 1,680.00"},{"v":7,"d":"7.00"},{"v":228.22,"d":"R 228.22"},{"$f":"Q570*R570","v":{"v":1597.54,"d":"R 1,597.54"}},{"v":7,"d":"7.00"},{"v":288,"d":"R 288.00"},{"v":2016,"d":"R 2,016.00"},{"v":7,"d":"7.00"},{"v":232.2,"d":"R 232.20"},{"$f":"W570*X570","v":{"v":1625.3999999999999,"d":"R 1,625.40"}},{"v":7,"d":"7.00"},{"v":150,"d":"R 150.00"},{"$f":"Z570*AA570","v":{"v":1050,"d":"R 1,050.00"}},{"v":7,"d":"7.00"},null,{"$f":"AC570*AD570","v":0}]
[{"$nulls":9},{"v":0,"d":"0.00"},null,0,null,0,null,0]
[null,94,null,"Extra over 100 x 100mm rainwater pipe for shoe ","No",{"v":2,"d":"2.00"},{"v":120,"d":"R 120.00"},{"$f":"F572*G572","v":{"v":240,"d":"R 240.00"}},{"v":110,"d":"R 110.00"},{"v":220,"d":"220.00"},{"v":318,"d":"R 318.00"},{"v":636,"d":"R 636.00"},{"$f":"'[18]Bill 19'!N617","v":0},0,{"v":240,"d":"R 240.00"},{"v":480,"d":"R 480.00"},{"v":2,"d":"2.00"},{"v":163.011,"d":"R 163.01"},{"$f":"Q572*R572","v":{"v":326.022,"d":"R 326.02"}},{"v":2,"d":"2.00"},{"v":240,"d":"R 240.00"},{"v":480,"d":"R 480.00"},{"v":2,"d":"2.00"},{"v":324,"d":"R 324.00"},{"$f":"W572*X572","v":{"v":648,"d":"R 648.00"}},{"v":2,"d":"2.00"},{"v":150,"d":"R 150.00"},{"$f":"Z572*AA572","v":{"v":300,"d":"R 300.00"}},{"v":2,"d":"2.00"},null,{"$f":"AC572*AD572","v":0}]
[{"$nulls":9},{"v":0,"d":"0.00"},null,0,null,0,null,0]
[null,95,null,"Extra over 100 x 100mm  rainwater pipe for eaves or plinth offset 700mm projection ","No",{"v":2,"d":"2.00"},{"v":120,"d":"R 120.00"},{"$f":"F574*G574","v":{"v":240,"d":"R 240.00"}},{"v":125,"d":"R 125.00"},{"v":250,"d":"250.00"},{"v":625,"d":"R 625.00"},{"v":1250,"d":"R 1,250.00"},{"$f":"'[18]Bill 19'!N619","v":0},0,{"v":290,"d":"R 290.00"},{"v":580,"d":"R 580.00"},{"v":2,"d":"2.00"},{"v":163.01,"d":"R 163.01"},{"$f":"Q574*R574","v":{"v":326.02,"d":"R 326.02"}},{"v":2,"d":"2.00"},{"v":360,"d":"R 360.00"},{"v":720,"d":"R 720.00"},{"v":2,"d":"2.00"},{"v":653.4,"d":"R 653.40"},{"$f":"W574*X574","v":{"v":1306.8,"d":"R 1,306.80"}},{"v":2,"d":"2.00"},{"v":180,"d":"R 180.00"},{"$f":"Z574*AA574","v":{"v":360,"d":"R 360.00"}},{"v":2,"d":"2.00"},null,{"$f":"AC574*AD574","v":0}]
[{"$nulls":9},{"v":0,"d":"0.00"},null,0,null,0,null,0]
[{"$nulls":3},"SANITARY FITTINGS  ",{"$nulls":5},{"v":0,"d":"0.00"},null,0,null,0,null,0]
[{"$nulls":9},{"v":0,"d":"0.00"},null,0,null,0,null,0]
[{"$nulls":3},"\"Vaal\":",{"$nulls":5},{"v":0,"d":"0.00"},null,0,null,0,null,0]
[{"$nulls":9},{"v":0,"d":"0.00"},null,0,null,0,null,0]
[null,96,null,"White vitreous china close coupled WC suite, complete with matching 9 litre inlet cistern, lid, flush pipe, handle and seat.","No",{"v":1,"d":"1.00"},{"v":3200,"d":"R 3,200.00"},{"$f":"F580*G580","v":{"v":3200,"d":"R 3,200.00"}},{"v":600,"d":"R 600.00"},{"v":600,"d":"600.00"},{"v":3950,"d":"R 3,950.00"},{"v":3950,"d":"R 3,950.00"},{"v":3200,"d":"R 3,200.00"},{"v":3200,"d":"R 3,200.00"},{"v":5000,"d":"R 5,000.00"},{"v":5000,"d":"R 5,000.00"},{"v":1,"d":"1.00"},{"v":4157.29,"d":"R 4,157.29"},{"$f":"Q580*R580","v":{"v":4157.29,"d":"R 4,157.29"}},{"v":1,"d":"1.00"},{"v":4680,"d":"R 4,680.00"},{"v":4680,"d":"R 4,680.00"},{"v":1,"d":"1.00"},{"v":4087.8,"d":"R 4,087.80"},{"$f":"W580*X580","v":{"v":4087.8,"d":"R 4,087.80"}},{"v":1,"d":"1.00"},{"v":2500,"d":"R 2,500.00"},{"$f":"Z580*AA580","v":{"v":2500,"d":"R 2,500.00"}},{"v":1,"d":"1.00"},null,{"$f":"AC580*AD580","v":0}]
[{"$nulls":9},{"v":0,"d":"0.00"},null,0,null,0,null,0]
[{"$nulls":3},"\"Vaal Flamingo\" type:",{"$nulls":5},{"v":0,"d":"0.00"},null,0,null,0,null,0]
[{"$nulls":9},{"v":0,"d":"0.00"},null,0,null,0,null,0]
[null,97,null,"455 x 290 mm Bantam white vitreous china wash hand basin with one taphole configuration, complete with waste, grid, plug, chain and chrome plated bottle trap. The basin should be fixed to the wall with two 10mm bolts.","No",{"v":1,"d":"1.00"},{"v":2500,"d":"R 2,500.00"},{"$f":"F584*G584","v":{"v":2500,"d":"R 2,500.00"}},{"v":1200,"d":"R 1,200.00"},{"v":1200,"d":"1200.00"},{"v":5250,"d":"R 5,250.00"},{"v":5250,"d":"R 5,250.00"},{"v":2500,"d":"R 2,500.00"},{"v":2500,"d":"R 2,500.00"},{"v":2000,"d":"R 2,000.00"},{"v":2000,"d":"R 2,000.00"},{"v":1,"d":"1.00"},{"v":1425.36,"d":"R 1,425.36"},{"$f":"Q584*R584","v":{"v":1425.36,"d":"R 1,425.36"}},{"v":1,"d":"1.00"},{"v":3900,"d":"R 3,900.00"},{"v":3900,"d":"R 3,900.00"},{"v":1,"d":"1.00"},{"v":5508,"d":"R 5,508.00"},{"$f":"W584*X584","v":{"v":5508,"d":"R 5,508.00"}},{"v":1,"d":"1.00"},{"v":2600,"d":"R 2,600.00"},{"$f":"Z584*AA584","v":{"v":2600,"d":"R 2,600.00"}},{"v":1,"d":"1.00"},null,{"$f":"AC584*AD584","v":0}]
[{"$nulls":9},{"v":0,"d":"0.00"},null,0,null,0,null,0]
[{"$nulls":3},"Preparation bowl:",{"$nulls":5},{"v":0,"d":"0.00"},null,0,null,0,null,0]
[{"$nulls":9},{"v":0,"d":"0.00"},null,0,null,0,null,0]
[null,98,null,"\"Citimetal\" stainless steel economy type grade 430 preparation bowl complete with waste, grid, plug and chain and complete with \"Cobra 166/041\" sink mixer (Provisional).","No",{"v":1,"d":"1.00"},{"v":2250,"d":"R 2,250.00"},{"$f":"F588*G588","v":{"v":2250,"d":"R 2,250.00"}},{"v":750,"d":"R 750.00"},{"v":750,"d":"750.00"},{"v":3850,"d":"R 3,850.00"},{"v":3850,"d":"R 3,850.00"},{"v":2250,"d":"R 2,250.00"},{"v":2250,"d":"R 2,250.00"},{"v":3500,"d":"R 3,500.00"},{"v":3500,"d":"R 3,500.00"},{"v":1,"d":"1.00"},{"v":4988.75,"d":"R 4,988.75"},{"$f":"Q588*R588","v":{"v":4988.75,"d":"R 4,988.75"}},{"v":1,"d":"1.00"},{"v":3900,"d":"R 3,900.00"},{"v":3900,"d":"R 3,900.00"},{"v":1,"d":"1.00"},{"v":4050,"d":"R 4,050.00"},{"$f":"W588*X588","v":{"v":4050,"d":"R 4,050.00"}},{"v":1,"d":"1.00"},{"v":1850,"d":"R 1,850.00"},{"$f":"Z588*AA588","v":{"v":1850,"d":"R 1,850.00"}},{"v":1,"d":"1.00"},null,{"$f":"AC588*AD588","v":0}]
[{"$nulls":9},{"v":0,"d":"0.00"},null,0,null,0,null,0]
[{"$nulls":3},"TRAPS, ETC.",{"$nulls":5},{"v":0,"d":"0.00"},null,0,null,0,null,0]
[{"$nulls":9},{"v":0,"d":"0.00"},null,0,null,0,null,0]
[null,99,null,"40mm x 32 mm \"Cobra\" (350) CP bottle trap with 75mm seal, inlet screwed female and outlet male.","No",{"v":1,"d":"1.00"},{"v":1350,"d":"R 1,350.00"},{"$f":"F592*G592","v":{"v":1350,"d":"R 1,350.00"}},{"v":350,"d":"R 350.00"},{"v":350,"d":"350.00"},{"v":250,"d":"R 250.00"},{"v":250,"d":"R 250.00"},{"v":1350,"d":"R 1,350.00"},{"v":1350,"d":"R 1,350.00"},{"v":800,"d":"R 800.00"},{"v":800,"d":"R 800.00"},{"v":1,"d":"1.00"},{"v":1137.91,"d":"R 1,137.91"},{"$f":"Q592*R592","v":{"v":1137.91,"d":"R 1,137.91"}},{"v":1,"d":"1.00"},{"v":900,"d":"R 900.00"},{"v":900,"d":"R 900.00"},{"v":1,"d":"1.00"},{"v":264.6,"d":"R 264.60"},{"$f":"W592*X592","v":{"v":264.6,"d":"R 264.60"}},{"v":1,"d":"1.00"},{"v":600,"d":"R 600.00"},{"$f":"Z592*AA592","v":{"v":600,"d":"R 600.00"}},{"v":1,"d":"1.00"},null,{"$f":"AC592*AD592","v":0}]
[{"$nulls":9},{"v":0,"d":"0.00"},null,0,null,0,null,0]
[{"$nulls":3},"TAPS, ETC.",{"$nulls":5},{"v":0,"d":"0.00"},null,0,null,0,null,0]
[{"$nulls":9},{"v":0,"d":"0.00"},null,0,null,0,null,0]
[{"$nulls":3},"Chromium-plated:",{"$nulls":5},{"v":0,"d":"0.00"},null,0,null,0,null,0]
[{"$nulls":9},{"v":0,"d":"0.00"},null,0,null,0,null,0]
[null,100,null,"\"Cobra\" (111/15) 1/2 star CP pillar  tap, angle regulating valve with 350mm long supply tube and capnut.","No",{"v":1,"d":"1.00"},{"v":750,"d":"R 750.00"},{"$f":"F598*G598","v":{"v":750,"d":"R 750.00"}},{"v":1050,"d":"R 1,050.00"},{"v":1050,"d":"1050.00"},{"v":450,"d":"R 450.00"},{"v":450,"d":"R 450.00"},{"v":750,"d":"R 750.00"},{"v":750,"d":"R 750.00"},{"v":1500,"d":"R 1,500.00"},{"v":1500,"d":"R 1,500.00"},{"v":1,"d":"1.00"},{"v":99.77,"d":"R 99.77"},{"$f":"Q598*R598","v":{"v":99.77,"d":"R 99.77"}},{"v":1,"d":"1.00"},{"v":2400,"d":"R 2,400.00"},{"v":2400,"d":"R 2,400.00"},{"v":1,"d":"1.00"},{"v":480.6,"d":"R 480.60"},{"$f":"W598*X598","v":{"v":480.6,"d":"R 480.60"}},{"v":1,"d":"1.00"},{"v":350,"d":"R 350.00"},{"$f":"Z598*AA598","v":{"v":350,"d":"R 350.00"}},{"v":1,"d":"1.00"},null,{"$f":"AC598*AD598","v":0}]
[{"$nulls":9},{"v":0,"d":"0.00"},null,0,null,0,null,0]
[null,101,null,"\"Cobra\" CP classic star 266-041-10 wall mounted, swivel outlet with star type handles.","No",{"v":1,"d":"1.00"},{"v":1250,"d":"R 1,250.00"},{"$f":"F600*G600","v":{"v":1250,"d":"R 1,250.00"}},{"v":1050,"d":"R 1,050.00"},{"v":1050,"d":"1050.00"},{"v":450,"d":"R 450.00"},{"v":450,"d":"R 450.00"},{"v":1250,"d":"R 1,250.00"},{"v":1250,"d":"R 1,250.00"},{"v":3000,"d":"R 3,000.00"},{"v":3000,"d":"R 3,000.00"},{"v":1,"d":"1.00"},{"v":1472.87,"d":"R 1,472.87"},{"$f":"Q600*R600","v":{"v":1472.87,"d":"R 1,472.87"}},{"v":1,"d":"1.00"},{"v":2400,"d":"R 2,400.00"},{"v":2400,"d":"R 2,400.00"},{"v":1,"d":"1.00"},{"v":480.6,"d":"R 480.60"},{"$f":"W600*X600","v":{"v":480.6,"d":"R 480.60"}},{"v":1,"d":"1.00"},{"v":750,"d":"R 750.00"},{"$f":"Z600*AA600","v":{"v":750,"d":"R 750.00"}},{"v":1,"d":"1.00"},null,{"$f":"AC600*AD600","v":0}]
[]
[{"$nulls":3},"FIRE EXSTINGUISHERS - Supply and Install",{"$nulls":5},{"v":0,"d":"0.00"},null,0,null,0,null,0]
[{"$nulls":9},{"v":0,"d":"0.00"},null,0,null,0,null,0]
[{"$nulls":3},"Approved:",{"$nulls":5},{"v":0,"d":"0.00"},null,0,null,0,null,0]
[{"$nulls":9},{"v":0,"d":"0.00"},null,0,null,0,null,0]
[null,102,null,"4.5kg Dry chemical powder fire extinguisher including hanger fixed to and including 25mm thick hardwood backing board with chamfered edges, plugged and screwed to wall, hook height to be 1m above floor including 300mm x 300mm perspex sign over","No",{"v":1,"d":"1.00"},{"v":2500,"d":"R 2,500.00"},{"$f":"F606*G606","v":{"v":2500,"d":"R 2,500.00"}},{"v":723,"d":"R 723.00"},{"v":723,"d":"723.00"},{"v":2450,"d":"R 2,450.00"},{"v":2450,"d":"R 2,450.00"},{"v":2500,"d":"R 2,500.00"},{"v":2500,"d":"R 2,500.00"},{"v":1200,"d":"R 1,200.00"},{"v":1200,"d":"R 1,200.00"},{"v":1,"d":"1.00"},{"v":1092.77,"d":"R 1,092.77"},{"$f":"Q606*R606","v":{"v":1092.77,"d":"R 1,092.77"}},{"v":1,"d":"1.00"},{"v":1800,"d":"R 1,800.00"},{"v":1800,"d":"R 1,800.00"},{"v":1,"d":"1.00"},{"v":1776.6,"d":"R 1,776.60"},{"$f":"W606*X606","v":{"v":1776.6,"d":"R 1,776.60"}},{"v":1,"d":"1.00"},{"v":850,"d":"R 850.00"},{"$f":"Z606*AA606","v":{"v":850,"d":"R 850.00"}},{"v":1,"d":"1.00"},null,{"$f":"AC606*AD606","v":0}]
[]
[]
[{"$nulls":3},"GLAZING "]
[]
[{"$nulls":3},"TOPS, SHELVES, DOORS, MIRRORS, ETC."]
[]
[{"$nulls":3},"6mm Silvered float glass copper backed mirrors with polished edges holed for and fixed with chromium plated dome capped mirror screws with rubber buffers to plugs in brickwork or concrete:"]
[]
[null,{"v":103,"d":"103.0"},null,"Mirror 400 x 600 mm high.","No",{"v":1,"d":"1.00"},{"v":850,"d":"R 850.00"},{"$f":"F615*G615","v":{"v":850,"d":"R 850.00"}},{"v":590,"d":"R 590.00"},{"$f":"F615*I615","v":{"v":590,"d":"590.00"}},{"v":855,"d":"R 855.00"},{"$f":"F615*K615","v":{"v":855,"d":"R 855.00"}},{"v":850,"d":"R 850.00"},{"$f":"F615*M615","v":{"v":850,"d":"R 850.00"}},{"v":1800,"d":"R 1,800.00"},{"$f":"F615*O615","v":{"v":1800,"d":"R 1,800.00"}},{"v":1,"d":"1.00"},{"v":499.71,"d":"R 499.71"},{"$f":"Q615*R615","v":{"v":499.71,"d":"R 499.71"}},{"v":1,"d":"1.00"},{"v":540,"d":"R 540.00"},{"v":540,"d":"R 540.00"},{"v":1,"d":"1.00"},{"v":869.4,"d":"R 869.40"},{"$f":"W615*X615","v":{"v":869.4,"d":"R 869.40"}},{"v":1,"d":"1.00"},{"v":750,"d":"R 750.00"},{"$f":"Z615*AA615","v":{"v":750,"d":"R 750.00"}},{"v":1,"d":"1.00"},null,{"$f":"AC615*AD615","v":0}]
[]
[{"$nulls":3},"Windows"]
[]
[null,{"v":104,"d":"104.0"},null,"Supply and Install 4mm obscure glass to fit existing frame (W2).","No",{"$nulls":23},{"v":1,"d":"1.00"},null,{"$f":"AC619*AD619","v":0}]
[{"$nulls":9},{"v":0,"d":"0.00"},null,0,null,0,null,0]
[{"$nulls":3},"PAINTWORK ",{"$nulls":5},{"v":0,"d":"0.00"},null,0,null,0,null,0]
[{"$nulls":9},{"v":0,"d":"0.00"},null,0,null,0,null,0]
[{"$nulls":3},"ON FLOATED PLASTER ",{"$nulls":5},{"v":0,"d":"0.00"},null,0,null,0,null,0]
[{"$nulls":9},{"v":0,"d":"0.00"},null,0,null,0,null,0]
[{"$nulls":3},"Prepare, stop and apply two coats alkali resistant plaster primer and two full coats prominent sheen acrylic interior paint:",{"$nulls":5},{"v":0,"d":"0.00"},null,0,null,0,null,0]
[{"$nulls":9},{"v":0,"d":"0.00"},null,0,null,0,null,0]
[null,105,null,"On internal walls.","m²",{"v":120,"d":"120.00"},{"v":92,"d":"R 92.00"},{"$f":"F627*G627","v":{"v":11040,"d":"R 11,040.00"}},{"v":65,"d":"R 65.00"},{"v":7800,"d":"7800.00"},{"v":190,"d":"R 190.00"},{"v":22800,"d":"R 22,800.00"},{"v":320,"d":"R 320.00"},{"v":38400,"d":"R 38,400.00"},{"v":120,"d":"R 120.00"},{"v":14400,"d":"R 14,400.00"},{"v":120,"d":"120.00"},{"v":112.65,"d":"R 112.65"},{"$f":"Q627*R627","v":{"v":13518,"d":"R 13,518.00"}},{"v":120,"d":"120.00"},{"v":312,"d":"R 312.00"},{"v":37440,"d":"R 37,440.00"},{"v":120,"d":"120.00"},{"v":196.56,"d":"R 196.56"},{"$f":"W627*X627","v":{"v":23587.2,"d":"R 23,587.20"}},{"v":120,"d":"120.00"},{"v":90,"d":"R 90.00"},{"$f":"Z627*AA627","v":{"v":10800,"d":"R 10,800.00"}},{"v":120,"d":"120.00"},null,{"$f":"AC627*AD627","v":0}]
[{"$nulls":9},{"v":0,"d":"0.00"},null,0,null,0,null,0]
[{"$nulls":3},"Prepare, stop and apply one coat alkali resistant plaster primer and two full coats satin acrylic paint:",{"$nulls":5},{"v":0,"d":"0.00"},null,0,null,0,null,0]
[{"$nulls":9},{"v":0,"d":"0.00"},null,0,null,0,null,0]
[null,106,null,"On external walls.","m²",{"v":60,"d":"60.00"},{"v":92,"d":"R 92.00"},{"$f":"F631*G631","v":{"v":5520,"d":"R 5,520.00"}},{"v":65,"d":"R 65.00"},{"v":3900,"d":"3900.00"},{"v":190,"d":"R 190.00"},{"v":11400,"d":"R 11,400.00"},{"v":320,"d":"R 320.00"},{"v":19200,"d":"R 19,200.00"},{"v":120,"d":"R 120.00"},{"v":7200,"d":"R 7,200.00"},{"v":60,"d":"60.00"},{"v":102.24,"d":"R 102.24"},{"$f":"Q631*R631","v":{"v":6134.4,"d":"R 6,134.40"}},{"v":60,"d":"60.00"},{"v":264,"d":"R 264.00"},{"v":15840,"d":"R 15,840.00"},{"v":60,"d":"60.00"},{"v":196.56,"d":"R 196.56"},{"$f":"W631*X631","v":{"v":11793.6,"d":"R 11,793.60"}},{"v":60,"d":"60.00"},{"v":90,"d":"R 90.00"},{"$f":"Z631*AA631","v":{"v":5400,"d":"R 5,400.00"}},{"$f":"AC459","v":{"v":70.32000000000001,"d":"70.32"}},null,{"$f":"AC631*AD631","v":0}]
[{"$nulls":9},{"v":0,"d":"0.00"},null,0,null,0,null,0]
[{"$nulls":3},"ON PLASTERBOARD ",{"$nulls":5},{"v":0,"d":"0.00"},null,0,null,0,null,0]
[{"$nulls":9},{"v":0,"d":"0.00"},null,0,null,0,null,0]
[{"$nulls":3},"Prepare, stop and apply two full coats acrylic paint:",{"$nulls":5},{"v":0,"d":"0.00"},null,0,null,0,null,0]
[{"$nulls":9},{"v":0,"d":"0.00"},null,0,null,0,null,0]
[null,107,null,"On ceilings and soffits.","m²",{"v":48,"d":"48.00"},{"v":92,"d":"R 92.00"},{"$f":"F637*G637","v":{"v":4416,"d":"R 4,416.00"}},{"v":65,"d":"R 65.00"},{"v":3120,"d":"3120.00"},{"v":675,"d":"R 675.00"},{"v":32400,"d":"R 32,400.00"},{"v":320,"d":"R 320.00"},{"v":15360,"d":"R 15,360.00"},{"v":120,"d":"R 120.00"},{"v":5760,"d":"R 5,760.00"},{"v":48,"d":"48.00"},{"v":91.46,"d":"R 91.46"},{"$f":"Q637*R637","v":{"v":4390.08,"d":"R 4,390.08"}},{"v":48,"d":"48.00"},{"v":264,"d":"R 264.00"},{"v":12672,"d":"R 12,672.00"},{"v":48,"d":"48.00"},{"v":664.2,"d":"R 664.20"},{"$f":"W637*X637","v":{"v":31881.600000000002,"d":"R 31,881.60"}},{"v":48,"d":"48.00"},{"v":90,"d":"R 90.00"},{"$f":"Z637*AA637","v":{"v":4320,"d":"R 4,320.00"}},{"v":48,"d":"48.00"},null,{"$f":"AC637*AD637","v":0}]
[{"$nulls":9},{"v":0,"d":"0.00"},null,0,null,0,null,0]
[{"$nulls":3},"On cornices, etc. not exceeding 300mm girth.","m",{"v":14,"d":"14.00"},{"v":52,"d":"R 52.00"},{"$f":"F639*G639","v":{"v":728,"d":"R 728.00"}},{"v":21,"d":"R 21.00"},{"v":294,"d":"294.00"},{"v":675,"d":"R 675.00"},{"v":9450,"d":"R 9,450.00"},{"v":100,"d":"R 100.00"},{"v":1400,"d":"R 1,400.00"},{"v":40,"d":"R 40.00"},{"v":560,"d":"R 560.00"},{"v":14,"d":"14.00"},{"v":36.59,"d":"R 36.59"},{"$f":"Q639*R639","v":{"v":512.26,"d":"R 512.26"}},{"v":14,"d":"14.00"},{"v":48,"d":"R 48.00"},{"v":672,"d":"R 672.00"},{"v":14,"d":"14.00"},{"v":664.2,"d":"R 664.20"},{"$f":"W639*X639","v":{"v":9298.800000000001,"d":"R 9,298.80"}},{"v":14,"d":"14.00"},{"v":90,"d":"R 90.00"},{"$f":"Z639*AA639","v":{"v":1260,"d":"R 1,260.00"}},{"v":14,"d":"14.00"},null,{"$f":"AC639*AD639","v":0}]
[{"$nulls":9},{"v":0,"d":"0.00"},null,0,null,0,null,0]
[{"$nulls":3},"ON FIBRE-CEMENT ",{"$nulls":5},{"v":0,"d":"0.00"},null,0,null,0,null,0]
[{"$nulls":9},{"v":0,"d":"0.00"},null,0,null,0,null,0]
[{"$nulls":3},"Prepare and apply one coat alkali resistant primer, one universal undercoat and two coats satin acrylic exterior paint:",{"$nulls":5},{"v":0,"d":"0.00"},null,0,null,0,null,0]
[{"$nulls":9},{"v":0,"d":"0.00"},null,0,null,0,null,0]
[null,108,null,"On fascias and barge boards.","m²",{"v":16.4,"d":"16.40"},{"v":92,"d":"R 92.00"},{"$f":"F645*G645","v":{"v":1508.8,"d":"R 1,508.80"}},{"v":65,"d":"R 65.00"},{"v":1066,"d":"1066.00"},{"v":315,"d":"R 315.00"},{"v":5166,"d":"R 5,166.00"},{"v":320,"d":"R 320.00"},{"v":5248,"d":"R 5,248.00"},{"v":120,"d":"R 120.00"},{"v":1967.9999999999998,"d":"R 1,968.00"},{"v":16.4,"d":"16.40"},{"v":114.08,"d":"R 114.08"},{"$f":"Q645*R645","v":{"v":1870.9119999999998,"d":"R 1,870.91"}},{"v":16.4,"d":"16.40"},{"v":264,"d":"R 264.00"},{"v":4329.599999999999,"d":"R 4,329.60"},{"v":16.4,"d":"16.40"},{"v":324,"d":"R 324.00"},{"$f":"W645*X645","v":{"v":5313.599999999999,"d":"R 5,313.60"}},{"v":16.4,"d":"16.40"},{"v":90,"d":"R 90.00"},{"$f":"Z645*AA645","v":{"v":1475.9999999999998,"d":"R 1,476.00"}},{"v":16.4,"d":"16.40"},null,{"$f":"AC645*AD645","v":0}]
[{"$nulls":9},{"v":0,"d":"0.00"},null,0,null,0,null,0]
[{"$nulls":3},"Prepare and apply one coat alkali resistant primer, one universal undercoat and two coats prominent enamel light paint:",{"$nulls":5},{"v":0,"d":"0.00"},null,0,null,0,null,0]
[{"$nulls":9},{"v":0,"d":"0.00"},null,0,null,0,null,0]
[null,109,null,"On cills not exceeding 300mm girth.","m",{"v":4,"d":"4.00"},{"v":52,"d":"R 52.00"},{"$f":"F649*G649","v":{"v":208,"d":"R 208.00"}},{"v":35,"d":"R 35.00"},{"v":140,"d":"140.00"},{"v":450,"d":"R 450.00"},{"v":1800,"d":"R 1,800.00"},{"v":100,"d":"R 100.00"},{"v":400,"d":"R 400.00"},{"v":110,"d":"R 110.00"},{"v":440,"d":"R 440.00"},{"v":4,"d":"4.00"},{"v":80.38,"d":"R 80.38"},{"$f":"Q649*R649","v":{"v":321.52,"d":"R 321.52"}},{"v":4,"d":"4.00"},{"v":48,"d":"R 48.00"},{"v":192,"d":"R 192.00"},{"v":4,"d":"4.00"},{"v":459,"d":"R 459.00"},{"$f":"W649*X649","v":{"v":1836,"d":"R 1,836.00"}},{"v":4,"d":"4.00"},{"v":20,"d":"R 20.00"},{"$f":"Z649*AA649","v":{"v":80,"d":"R 80.00"}},{"v":4,"d":"4.00"},null,{"$f":"AC649*AD649","v":0}]
[{"$nulls":9},{"v":0,"d":"0.00"},null,0,null,0,null,0]
[{"$nulls":3},"ON METAL",{"$nulls":5},{"v":0,"d":"0.00"},null,0,null,0,null,0]
[{"$nulls":9},{"v":0,"d":"0.00"},null,0,null,0,null,0]
[{"$nulls":3},"Prepare, touch up factory primer and apply one coat universal undercoat and two full coats Plascon Velvaglo with a sponge roller:",{"$nulls":5},{"v":0,"d":"0.00"},null,0,null,0,null,0]
[{"$nulls":9},{"v":0,"d":"0.00"},null,0,null,0,null,0]
[null,110,null,"On steel door frames","m²",{"v":4,"d":"4.00"},{"v":92,"d":"R 92.00"},{"$f":"F655*G655","v":{"v":368,"d":"R 368.00"}},{"v":65,"d":"R 65.00"},{"v":260,"d":"260.00"},{"v":255,"d":"R 255.00"},{"v":1020,"d":"R 1,020.00"},{"v":320,"d":"R 320.00"},{"v":1280,"d":"R 1,280.00"},{"v":120,"d":"R 120.00"},{"v":480,"d":"R 480.00"},{"v":4,"d":"4.00"},{"v":166.98,"d":"R 166.98"},{"$f":"Q655*R655","v":{"v":667.92,"d":"R 667.92"}},{"v":4,"d":"4.00"},{"v":216,"d":"R 216.00"},{"v":864,"d":"R 864.00"},{"v":4,"d":"4.00"},{"v":253.8,"d":"R 253.80"},{"$f":"W655*X655","v":{"v":1015.2,"d":"R 1,015.20"}},{"v":4,"d":"4.00"},{"v":90,"d":"R 90.00"},{"$f":"Z655*AA655","v":{"v":360,"d":"R 360.00"}},{"v":4,"d":"4.00"},null,{"$f":"AC655*AD655","v":0}]
[]
[{"$nulls":3},"On windows","m²",{"v":4,"d":"4.00"},{"v":92,"d":"R 92.00"},{"v":368,"d":"R 368.00"},{"v":65,"d":"R 65.00"},{"v":260,"d":"260.00"},{"v":255,"d":"R 255.00"},{"v":1020,"d":"R 1,020.00"},{"v":320,"d":"R 320.00"},{"v":1280,"d":"R 1,280.00"},{"v":120,"d":"R 120.00"},{"v":480,"d":"R 480.00"},{"v":4,"d":"4.00"},{"v":166.98,"d":"R 166.98"},{"v":667.92,"d":"R 667.92"},{"v":4,"d":"4.00"},{"v":216,"d":"R 216.00"},{"v":864,"d":"R 864.00"},{"v":4,"d":"4.00"},{"v":253.8,"d":"R 253.80"},{"v":1015.2,"d":"R 1,015.20"},{"v":4,"d":"4.00"},{"v":90,"d":"R 90.00"},{"v":360,"d":"R 360.00"},{"v":4,"d":"4.00"},null,{"$f":"AC657*AD657","v":0}]
[{"$nulls":3},"Prepare and apply one coat zinc phosphate alkyd resin primer, one coat universal undercoat and two full coats high gloss enamel paint:",{"$nulls":5},{"v":0,"d":"0.00"},null,0,null,0,null,0]
[{"$nulls":9},{"v":0,"d":"0.00"},null,0,null,0,null,0]
[null,111,null,"On buglar bars (both sides measured on flat)","m²",{"v":2,"d":"2.00"},{"v":92,"d":"R 92.00"},{"$f":"F660*G660","v":{"v":184,"d":"R 184.00"}},{"v":65,"d":"R 65.00"},{"v":130,"d":"130.00"},{"v":400,"d":"R 400.00"},{"v":800,"d":"R 800.00"},{"v":320,"d":"R 320.00"},{"v":640,"d":"R 640.00"},{"v":120,"d":"R 120.00"},{"v":240,"d":"R 240.00"},{"v":2,"d":"2.00"},{"v":166.98,"d":"R 166.98"},{"$f":"Q660*R660","v":{"v":333.96,"d":"R 333.96"}},{"v":2,"d":"2.00"},{"v":216,"d":"R 216.00"},{"v":432,"d":"R 432.00"},{"v":2,"d":"2.00"},{"v":410.4,"d":"R 410.40"},{"$f":"W660*X660","v":{"v":820.8,"d":"R 820.80"}},{"v":2,"d":"2.00"},{"v":90,"d":"R 90.00"},{"$f":"Z660*AA660","v":{"v":180,"d":"R 180.00"}},{"v":2,"d":"2.00"},null,{"$f":"AC660*AD660","v":0}]
[{"$nulls":9},{"v":0,"d":"0.00"},null,0,null,0,null,0]
[{"$nulls":3},"Prepare and apply 1 coat zinc red oxide, one coat universal metal primer and two coats prominent enamel black applied with a sponge roller, (painted on both sides):",{"$nulls":5},{"v":0,"d":"0.00"},null,0,null,0,null,0]
[{"$nulls":9},{"v":0,"d":"0.00"},null,0,null,0,null,0]
[null,112,null,"On trench steel cover plate","m²",{"v":24,"d":"24.00"},{"v":92,"d":"R 92.00"},{"$f":"F664*G664","v":{"v":2208,"d":"R 2,208.00"}},{"v":65,"d":"R 65.00"},{"v":1560,"d":"1560.00"},{"v":400,"d":"R 400.00"},{"v":9600,"d":"R 9,600.00"},{"v":320,"d":"R 320.00"},{"v":7680,"d":"R 7,680.00"},{"v":120,"d":"R 120.00"},{"v":2880,"d":"R 2,880.00"},{"v":24,"d":"24.00"},{"v":166.98,"d":"R 166.98"},{"$f":"Q664*R664","v":{"v":4007.5199999999995,"d":"R 4,007.52"}},{"v":24,"d":"24.00"},{"v":312,"d":"R 312.00"},{"v":7488,"d":"R 7,488.00"},{"v":24,"d":"24.00"},{"v":410.4,"d":"R 410.40"},{"$f":"W664*X664","v":{"v":9849.599999999999,"d":"R 9,849.60"}},{"v":24,"d":"24.00"},{"v":120,"d":"R 120.00"},{"$f":"Z664*AA664","v":{"v":2880,"d":"R 2,880.00"}},{"v":24,"d":"24.00"},null,{"$f":"AC664*AD664","v":0}]
[{"$nulls":9},{"v":0,"d":"0.00"},null,0,null,0,null,0]
[{"$nulls":3},"Prepare and apply Duram acrylic roof paint or similar, to manufacturer's specifications:",{"$nulls":5},{"v":0,"d":"0.00"},null,0,null,0,null,0]
[{"$nulls":9},{"v":0,"d":"0.00"},null,0,null,0,null,0]
[null,113,null,"On roof tiles.","m²",{"v":5,"d":"5.00"},{"v":92,"d":"R 92.00"},{"$f":"F668*G668","v":{"v":460,"d":"R 460.00"}},{"v":65,"d":"R 65.00"},{"v":325,"d":"325.00"},{"v":895,"d":"R 895.00"},{"v":4475,"d":"R 4,475.00"},{"v":320,"d":"R 320.00"},{"v":1600,"d":"R 1,600.00"},{"v":120,"d":"R 120.00"},{"v":600,"d":"R 600.00"},{"v":5,"d":"5.00"},{"v":103.8,"d":"R 103.80"},{"$f":"Q668*R668","v":{"v":519,"d":"R 519.00"}},{"v":5,"d":"5.00"},{"v":312,"d":"R 312.00"},{"v":1560,"d":"R 1,560.00"},{"v":5,"d":"5.00"},{"v":912.6,"d":"R 912.60"},{"$f":"W668*X668","v":{"v":4563,"d":"R 4,563.00"}},{"v":5,"d":"5.00"},{"v":120,"d":"R 120.00"},{"$f":"Z668*AA668","v":{"v":600,"d":"R 600.00"}},{"v":5,"d":"5.00"},null,{"$f":"AC668*AD668","v":0}]
[{"$nulls":9},{"v":0,"d":"0.00"},null,0,null,0,null,0]
[{"$nulls":3},"ON WOOD ",{"$nulls":5},{"v":0,"d":"0.00"},null,0,null,0,null,0]
[{"$nulls":9},{"v":0,"d":"0.00"},null,0,null,0,null,0]
[{"$nulls":3},"Two coats polyurethane varnish:",{"$nulls":5},{"v":0,"d":"0.00"},null,0,null,0,null,0]
[{"$nulls":9},{"v":0,"d":"0.00"},null,0,null,0,null,0]
[null,114,null,"On doors.","m²",{"v":2.5,"d":"2.50"},{"v":92,"d":"R 92.00"},{"$f":"F674*G674","v":{"v":230,"d":"R 230.00"}},{"v":65,"d":"R 65.00"},{"v":162.5,"d":"162.50"},{"v":184,"d":"R 184.00"},{"v":460,"d":"R 460.00"},{"v":320,"d":"R 320.00"},{"v":800,"d":"R 800.00"},{"v":120,"d":"R 120.00"},{"v":300,"d":"R 300.00"},{"v":2.5,"d":"2.50"},{"v":175,"d":"R 175.00"},{"$f":"Q674*R674","v":{"v":437.5,"d":"R 437.50"}},{"v":2.5,"d":"2.50"},{"v":216,"d":"R 216.00"},{"v":540,"d":"R 540.00"},{"v":2.5,"d":"2.50"},{"v":253.8,"d":"R 253.80"},{"$f":"W674*X674","v":{"v":634.5,"d":"R 634.50"}},{"v":2.5,"d":"2.50"},{"v":120,"d":"R 120.00"},{"$f":"Z674*AA674","v":{"v":300,"d":"R 300.00"}},{"v":14.044296,"d":"14.04"},null,{"$f":"AC674*AD674","v":0}]
[{"$nulls":9},{"v":0,"d":"0.00"},null,0,null,0,null,0]
[{"$nulls":3},"One coat wood primer and two coats enamel paint:",{"$nulls":5},{"v":0,"d":"0.00"},null,0,null,0,null,0]
[{"$nulls":9},{"v":0,"d":"0.00"},null,0,null,0,null,0]
[null,115,null,"On skirtings not exceeding 300mm girth, painted before fixing in position (Provisional).","m",{"v":38,"d":"38.00"},{"v":52,"d":"R 52.00"},{"$f":"F678*G678","v":{"v":1976,"d":"R 1,976.00"}},{"v":36,"d":"R 36.00"},{"v":1368,"d":"1368.00"},{"v":244,"d":"R 244.00"},{"v":9272,"d":"R 9,272.00"},{"v":100,"d":"R 100.00"},{"v":3800,"d":"R 3,800.00"},{"v":40,"d":"R 40.00"},{"v":1520,"d":"R 1,520.00"},{"v":38,"d":"38.00"},{"v":83.68,"d":"R 83.68"},{"$f":"Q678*R678","v":{"v":3179.84,"d":"R 3,179.84"}},{"v":38,"d":"38.00"},{"v":144,"d":"R 144.00"},{"v":5472,"d":"R 5,472.00"},{"v":38,"d":"38.00"},{"v":253.8,"d":"R 253.80"},{"$f":"W678*X678","v":{"v":9644.4,"d":"R 9,644.40"}},{"v":38,"d":"38.00"},{"v":25,"d":"R 25.00"},{"$f":"Z678*AA678","v":{"v":950,"d":"R 950.00"}},{"v":38,"d":"38.00"},null,{"$f":"AC678*AD678","v":0}]
[{"$nulls":9},{"v":0,"d":"0.00"},{"$nulls":5},0]
[]
[{"$nulls":3},"ELECTRICAL INSTALLATION (PROVISIONAL)"]
[]
[{"$nulls":3},"SHEET 3 Rev 1: Access Control Building Electrical Installation Schematic Diagram"]
[]
[{"$nulls":3},"DB1 and DB2 400/230V AC SHEET 3"]
[]
[null,116,null,"Remove  all existing electrical wiring and equipment in the existing electrical DB1 and DB2","Sum",{"v":1,"d":"1.00"},{"v":11500,"d":"R 11,500.00"},{"$f":"F687*G687","v":{"v":11500,"d":"R 11,500.00"}},{"v":400,"d":"R 400.00"},{"$f":"F687*I687","v":{"v":400,"d":"400.00"}},{"v":20500,"d":"R 20,500.00"},{"$f":"F687*K687","v":{"v":20500,"d":"R 20,500.00"}},{"v":1500,"d":"R 1,500.00"},{"$f":"F687*M687","v":{"v":1500,"d":"R 1,500.00"}},{"v":6000,"d":"R 6,000.00"},{"$f":"F687*O687","v":{"v":6000,"d":"R 6,000.00"}},{"v":1,"d":"1.00"},{"v":5913.18,"d":"R 5,913.18"},{"$f":"Q687*R687","v":{"v":5913.18,"d":"R 5,913.18"}},{"v":1,"d":"1.00"},{"v":96000,"d":"R 96,000.00"},{"v":96000,"d":"R 96,000.00"},{"v":1,"d":"1.00"},{"v":11340,"d":"R 11,340.00"},{"$f":"W687*X687","v":{"v":11340,"d":"R 11,340.00"}},{"v":1,"d":"1.00"},{"v":2000,"d":"R 2,000.00"},{"$f":"Z687*AA687","v":{"v":2000,"d":"R 2,000.00"}},{"v":1,"d":"1.00"},null,{"$f":"AC687*AD687","v":0}]
[{"$nulls":9},{"v":0,"d":"0.00"},null,0,null,0]
[null,117,null,"Supply and install the electrical equipment and new wiring as per the drawing layout into the existing DB Boxes.","Sum",{"v":1,"d":"1.00"},{"v":43125,"d":"R 43,125.00"},{"$f":"F689*G689","v":{"v":43125,"d":"R 43,125.00"}},{"v":12800,"d":"R 12,800.00"},{"v":12800,"d":"12800.00"},{"v":24500,"d":"R 24,500.00"},{"v":24500,"d":"R 24,500.00"},{"v":3500,"d":"R 3,500.00"},{"v":3500,"d":"R 3,500.00"},{"v":10000,"d":"R 10,000.00"},{"v":10000,"d":"R 10,000.00"},{"v":1,"d":"1.00"},{"v":23652.73,"d":"R 23,652.73"},{"$f":"Q689*R689","v":{"v":23652.73,"d":"R 23,652.73"}},{"v":1,"d":"1.00"},{"v":156000,"d":"R 156,000.00"},{"v":156000,"d":"R 156,000.00"},{"v":1,"d":"1.00"},{"v":15660,"d":"R 15,660.00"},{"$f":"W689*X689","v":{"v":15660,"d":"R 15,660.00"}},{"v":1,"d":"1.00"},{"v":5000,"d":"R 5,000.00"},{"$f":"Z689*AA689","v":{"v":5000,"d":"R 5,000.00"}},{"v":1,"d":"1.00"},null,{"$f":"AC689*AD689","v":0}]
[{"$nulls":9},{"v":0,"d":"0.00"},null,0,null,0,null,0]
[{"$nulls":3},"AIRCONDITIONING UNITS:",{"$nulls":5},{"v":0,"d":"0.00"},null,0,null,0,null,0]
[{"$nulls":9},{"v":0,"d":"0.00"},null,0,null,0,null,0]
[null,118,null,"Supply and Install ACU/AHU1 Wall Mounted Units with Heatpump, 3.5kW MAX Carrier make : 42QHC0120S 38QHC0120S.","Sum",{"v":2,"d":"2.00"},{"v":57500,"d":"R 57,500.00"},{"$f":"F693*G693","v":{"v":115000,"d":"R 115,000.00"}},{"v":31800,"d":"R 31,800.00"},{"v":63600,"d":"63600.00"},{"v":10500,"d":"R 10,500.00"},{"v":21000,"d":"R 21,000.00"},{"v":12000,"d":"R 12,000.00"},{"v":24000,"d":"R 24,000.00"},{"v":40000,"d":"R 40,000.00"},{"v":80000,"d":"R 80,000.00"},{"v":2,"d":"2.00"},{"v":29419.2,"d":"R 29,419.20"},{"$f":"Q693*R693","v":{"v":58838.4,"d":"R 58,838.40"}},{"v":2,"d":"2.00"},{"v":46800,"d":"R 46,800.00"},{"v":93600,"d":"R 93,600.00"},{"v":2,"d":"2.00"},{"v":11340,"d":"R 11,340.00"},{"$f":"W693*X693","v":{"v":22680,"d":"R 22,680.00"}},{"v":2,"d":"2.00"},{"v":26500,"d":"R 26,500.00"},{"$f":"Z693*AA693","v":{"v":53000,"d":"R 53,000.00"}},{"v":2,"d":"2.00"},null,{"$f":"AC693*AD693","v":0}]
[{"$nulls":9},{"v":0,"d":"0.00"},null,0,null,0,null,0]
[{"$nulls":3},"Mounting brackets (Outdoor Units):",{"$nulls":5},{"v":0,"d":"0.00"},null,0,null,0,null,0]
[{"$nulls":9},{"v":0,"d":"0.00"},null,0,null,0,null,0]
[null,119,null,"Cantilever Support Arms Type OL-CAO from O-Line or equal with Stainless Steel Bolts/Washers/Nuts for ACU1 and ACU2","Sum",{"v":2,"d":"2.00"},{"v":173,"d":"R 173.00"},{"$f":"F697*G697","v":{"v":346,"d":"R 346.00"}},{"v":605,"d":"R 605.00"},{"v":1210,"d":"1210.00"},{"v":19500,"d":"R 19,500.00"},{"v":39000,"d":"R 39,000.00"},{"v":1000,"d":"R 1,000.00"},{"v":2000,"d":"R 2,000.00"},{"v":3500,"d":"R 3,500.00"},{"v":7000,"d":"R 7,000.00"},{"v":2,"d":"2.00"},{"v":1944,"d":"R 1,944.00"},{"$f":"Q697*R697","v":{"v":3888,"d":"R 3,888.00"}},{"v":2,"d":"2.00"},{"v":24720,"d":"R 24,720.00"},{"v":49440,"d":"R 49,440.00"},{"v":2,"d":"2.00"},{"v":13500,"d":"R 13,500.00"},{"$f":"W697*X697","v":{"v":27000,"d":"R 27,000.00"}},{"v":2,"d":"2.00"},{"v":300,"d":"R 300.00"},{"$f":"Z697*AA697","v":{"v":600,"d":"R 600.00"}},{"v":2,"d":"2.00"},null,{"$f":"AC697*AD697","v":0}]
[{"$nulls":9},{"v":0,"d":"0.00"},null,0,null,0,null,0]
[{"$nulls":3},"Drainage Pipes (Handling Units):",{"$nulls":5},{"v":0,"d":"0.00"},null,0,null,0,null,0]
[{"$nulls":9},{"v":0,"d":"0.00"},null,0,null,0,null,0]
[null,120,null,"22mm Polycop Pipe including suitable connectors. Type JG Speedfit or Connex, between polycop and unit drain pipes. (Lot)","No",{"v":2,"d":"2.00"},{"v":17,"d":"R 17.00"},{"$f":"F701*G701","v":{"v":34,"d":"R 34.00"}},{"v":310,"d":"R 310.00"},{"v":620,"d":"620.00"},{"v":25000,"d":"R 25,000.00"},{"v":50000,"d":"R 50,000.00"},{"$f":"40*30","v":{"v":1200,"d":"R 1,200.00"}},{"v":2400,"d":"R 2,400.00"},{"v":1050,"d":"R 1,050.00"},{"v":2100,"d":"R 2,100.00"},{"v":2,"d":"2.00"},{"v":1188,"d":"R 1,188.00"},{"$f":"Q701*R701","v":{"v":2376,"d":"R 2,376.00"}},{"v":2,"d":"2.00"},{"v":5388,"d":"R 5,388.00"},{"v":10776,"d":"R 10,776.00"},{"v":2,"d":"2.00"},{"v":22140,"d":"R 22,140.00"},{"$f":"W701*X701","v":{"v":44280,"d":"R 44,280.00"}},{"v":2,"d":"2.00"},{"v":950,"d":"R 950.00"},{"$f":"Z701*AA701","v":{"v":1900,"d":"R 1,900.00"}},{"v":2,"d":"2.00"},null,{"$f":"AC701*AD701","v":0}]
[{"$nulls":9},{"v":0,"d":"0.00"},null,0,null,0,null,0]
[{"$nulls":3},"LUMINAIRES",{"$nulls":5},{"v":0,"d":"0.00"},null,0,null,0,null,0]
[{"$nulls":9},{"v":0,"d":"0.00"},null,0,null,0,null,0]
[{"$nulls":3},"Installed and mounted to round boxes in brickwork or ceiling including all fixings, brackets, supports, connectors,\tconnections and lamps, see Part 2:",{"$nulls":5},{"v":0,"d":"0.00"},null,0,null,0,null,0]
[{"$nulls":9},{"v":0,"d":"0.00"},null,0,null,0,null,0]
[{"$nulls":3},"Type A (Surface mounted LED luminaire with low glare, specular aluminium louvre, 2 cell 44W LED luminaire, 4000K colour temp).",{"$nulls":5},{"v":0,"d":"0.00"},null,0,null,0,null,0]
[{"$nulls":9},{"v":0,"d":"0.00"},null,0,null,0,null,0]
[null,121,null,"Supply","No",{"v":3,"d":"3.00"},{"v":7935,"d":"R 7,935.00"},{"$f":"F709*G709","v":{"v":23805,"d":"R 23,805.00"}},{"v":332,"d":"R 332.00"},{"v":996,"d":"996.00"},{"v":18500,"d":"R 18,500.00"},{"v":55500,"d":"R 55,500.00"},{"v":650,"d":"R 650.00"},{"v":1950,"d":"R 1,950.00"},{"v":3000,"d":"R 3,000.00"},{"v":9000,"d":"R 9,000.00"},{"v":3,"d":"3.00"},{"v":3547.91,"d":"R 3,547.91"},{"$f":"Q709*R709","v":{"v":10643.73,"d":"R 10,643.73"}},{"v":3,"d":"3.00"},{"v":4200,"d":"R 4,200.00"},{"v":12600,"d":"R 12,600.00"},{"v":3,"d":"3.00"},{"v":17820,"d":"R 17,820.00"},{"$f":"W709*X709","v":{"v":53460,"d":"R 53,460.00"}},{"v":3,"d":"3.00"},{"v":1250,"d":"R 1,250.00"},{"$f":"Z709*AA709","v":{"v":3750,"d":"R 3,750.00"}},{"v":3,"d":"3.00"},null,{"$f":"AC709*AD709","v":0}]
[{"$nulls":9},{"v":0,"d":"0.00"},null,0,null,0,null,0]
[null,122,null,"Install","No",{"v":3,"d":"3.00"},{"v":794,"d":"R 794.00"},{"$f":"F711*G711","v":{"v":2382,"d":"R 2,382.00"}},{"v":41,"d":"R 41.00"},{"v":123,"d":"123.00"},{"v":4500,"d":"R 4,500.00"},{"v":13500,"d":"R 13,500.00"},{"v":250,"d":"R 250.00"},{"v":750,"d":"R 750.00"},{"v":400,"d":"R 400.00"},{"v":1200,"d":"R 1,200.00"},{"v":3,"d":"3.00"},{"v":1182.64,"d":"R 1,182.64"},{"$f":"Q711*R711","v":{"v":3547.92,"d":"R 3,547.92"}},{"v":3,"d":"3.00"},{"v":1440,"d":"R 1,440.00"},{"v":4320,"d":"R 4,320.00"},{"v":3,"d":"3.00"},{"v":3780,"d":"R 3,780.00"},{"$f":"W711*X711","v":{"v":11340,"d":"R 11,340.00"}},{"v":3,"d":"3.00"},{"v":100,"d":"R 100.00"},{"$f":"Z711*AA711","v":{"v":300,"d":"R 300.00"}},{"v":3,"d":"3.00"},null,{"$f":"AC711*AD711","v":0}]
[{"$nulls":9},{"v":0,"d":"0.00"},null,0,null,0,null,0]
[{"$nulls":3},"Type B (As \"A\" with built in 110V DC/230V AC inverter from Eclat lighting for one 36W lamp, include a NI-CAD battery pack maintained mode, Duration 3 hours)).",{"$nulls":5},{"v":0,"d":"0.00"},null,0,null,0,null,0]
[{"$nulls":9},{"v":0,"d":"0.00"},null,0,null,0,null,0]
[null,123,null,"Supply","No",{"v":1,"d":"1.00"},{"v":14548,"d":"R 14,548.00"},{"$f":"F715*G715","v":{"v":14548,"d":"R 14,548.00"}},{"v":370,"d":"R 370.00"},{"v":370,"d":"370.00"},{"v":20000,"d":"R 20,000.00"},{"v":20000,"d":"R 20,000.00"},{"v":850,"d":"R 850.00"},{"v":850,"d":"R 850.00"},{"v":3250,"d":"R 3,250.00"},{"v":3250,"d":"R 3,250.00"},{"v":1,"d":"1.00"},{"v":5321.86,"d":"R 5,321.86"},{"$f":"Q715*R715","v":{"v":5321.86,"d":"R 5,321.86"}},{"v":1,"d":"1.00"},{"v":19200,"d":"R 19,200.00"},{"v":19200,"d":"R 19,200.00"},{"v":1,"d":"1.00"},{"v":21600,"d":"R 21,600.00"},{"$f":"W715*X715","v":{"v":21600,"d":"R 21,600.00"}},{"v":1,"d":"1.00"},{"v":1300,"d":"R 1,300.00"},{"$f":"Z715*AA715","v":{"v":1300,"d":"R 1,300.00"}},{"v":1,"d":"1.00"},null,{"$f":"AC715*AD715","v":0}]
[{"$nulls":9},{"v":0,"d":"0.00"},null,0,null,0,null,0]
[null,124,null,"Install","No",{"v":1,"d":"1.00"},{"v":1455,"d":"R 1,455.00"},{"$f":"F717*G717","v":{"v":1455,"d":"R 1,455.00"}},{"v":41,"d":"R 41.00"},{"v":41,"d":"41.00"},{"v":2500,"d":"R 2,500.00"},{"v":2500,"d":"R 2,500.00"},{"v":250,"d":"R 250.00"},{"v":250,"d":"R 250.00"},{"v":420,"d":"R 420.00"},{"v":420,"d":"R 420.00"},{"v":1,"d":"1.00"},{"v":1182.64,"d":"R 1,182.64"},{"$f":"Q717*R717","v":{"v":1182.64,"d":"R 1,182.64"}},{"v":1,"d":"1.00"},{"v":5400,"d":"R 5,400.00"},{"v":5400,"d":"R 5,400.00"},{"v":1,"d":"1.00"},{"v":2700,"d":"R 2,700.00"},{"$f":"W717*X717","v":{"v":2700,"d":"R 2,700.00"}},{"v":1,"d":"1.00"},{"v":100,"d":"R 100.00"},{"$f":"Z717*AA717","v":{"v":100,"d":"R 100.00"}},{"v":1,"d":"1.00"},null,{"$f":"AC717*AD717","v":0}]
[{"$nulls":9},{"v":0,"d":"0.00"},null,0,null,0,null,0]
[{"$nulls":3},"Type C (A decorative bulkhead injected moulded polycarbonate, lens diffuser prismatic, lamps 22W)",{"$nulls":5},{"v":0,"d":"0.00"},null,0,null,0,null,0]
[{"$nulls":9},{"v":0,"d":"0.00"},null,0,null,0,null,0]
[null,125,null,"Supply","No",{"v":3,"d":"3.00"},{"v":6613,"d":"R 6,613.00"},{"$f":"F721*G721","v":{"v":19839,"d":"R 19,839.00"}},{"v":1050,"d":"R 1,050.00"},{"v":3150,"d":"3150.00"},{"v":10000,"d":"R 10,000.00"},{"v":30000,"d":"R 30,000.00"},{"v":1000,"d":"R 1,000.00"},{"v":3000,"d":"R 3,000.00"},{"v":1725,"d":"R 1,725.00"},{"v":5175,"d":"R 5,175.00"},{"v":3,"d":"3.00"},{"v":3547.91,"d":"R 3,547.91"},{"$f":"Q721*R721","v":{"v":10643.73,"d":"R 10,643.73"}},{"v":3,"d":"3.00"},{"v":10200,"d":"R 10,200.00"},{"v":30600,"d":"R 30,600.00"},{"v":3,"d":"3.00"},{"v":10800,"d":"R 10,800.00"},{"$f":"W721*X721","v":{"v":32400,"d":"R 32,400.00"}},{"v":3,"d":"3.00"},{"v":850,"d":"R 850.00"},{"$f":"Z721*AA721","v":{"v":2550,"d":"R 2,550.00"}},{"v":3,"d":"3.00"},null,{"$f":"AC721*AD721","v":0}]
[{"$nulls":9},{"v":0,"d":"0.00"},null,0,null,0,null,0]
[null,126,null,"Install","No",{"v":3,"d":"3.00"},{"v":661,"d":"R 661.00"},{"$f":"F723*G723","v":{"v":1983,"d":"R 1,983.00"}},{"v":92,"d":"R 92.00"},{"v":276,"d":"276.00"},{"v":3000,"d":"R 3,000.00"},{"$f":"F723*K723","v":{"v":9000,"d":"R 9,000.00"}},{"v":250,"d":"R 250.00"},{"v":750,"d":"R 750.00"},{"v":225,"d":"R 225.00"},{"v":675,"d":"R 675.00"},{"v":3,"d":"3.00"},{"v":1182.64,"d":"R 1,182.64"},{"$f":"Q723*R723","v":{"v":3547.92,"d":"R 3,547.92"}},{"v":3,"d":"3.00"},{"v":5400,"d":"R 5,400.00"},{"v":16200,"d":"R 16,200.00"},{"v":3,"d":"3.00"},{"v":3078,"d":"R 3,078.00"},{"$f":"W723*X723","v":{"v":9234,"d":"R 9,234.00"}},{"v":3,"d":"3.00"},{"v":100,"d":"R 100.00"},{"$f":"Z723*AA723","v":{"v":300,"d":"R 300.00"}},{"v":3,"d":"3.00"},null,{"$f":"AC723*AD723","v":0}]
[{"$nulls":9},{"v":0,"d":"0.00"},{"$nulls":3},0,null,0]
[{"$nulls":3},"SMALL POWER AND LIGHTING"]
[]
[{"$nulls":3},"Conduit and accessories as specified. Conduit placed in position for casting into concrete or screed, for building or chased into concrete or brickwork and for surface mounted in ceiling void including bending, threading, jointing, short lengths, draw boxes, couplings, bends, tees and saddles."]
[]
[{"$nulls":3},"20mm PVC"]
[]
[null,127,null,"Supply","m",{"v":130,"d":"130.00"},{"v":48,"d":"R 48.00"},{"$f":"F731*G731","v":{"v":6240,"d":"R 6,240.00"}},{"v":35,"d":"R 35.00"},{"$f":"F731*I731","v":{"v":4550,"d":"4550.00"}},{"v":215,"d":"R 215.00"},{"$f":"F731*K731","v":{"v":27950,"d":"R 27,950.00"}},{"v":20,"d":"R 20.00"},{"$f":"F731*M731","v":{"v":2600,"d":"R 2,600.00"}},{"$f":"6.5+1","v":{"v":7.5,"d":"R 7.50"}},{"$f":"F731*O731","v":{"v":975,"d":"R 975.00"}},{"v":130,"d":"130.00"},{"v":88.7,"d":"R 88.70"},{"$f":"Q731*R731","v":{"v":11531,"d":"R 11,531.00"}},{"v":130,"d":"130.00"},{"v":264,"d":"R 264.00"},{"v":34320,"d":"R 34,320.00"},{"v":130,"d":"130.00"},{"v":207.36,"d":"R 207.36"},{"$f":"W731*X731","v":{"v":26956.800000000003,"d":"R 26,956.80"}},{"v":130,"d":"130.00"},{"v":55,"d":"R 55.00"},{"$f":"Z731*AA731","v":{"v":7150,"d":"R 7,150.00"}},{"v":130,"d":"130.00"},null,{"$f":"AC731*AD731","v":0}]
[{"$nulls":9},{"v":0,"d":"0.00"},null,{"$f":"F732*K732","v":0},null,0,null,0]
[null,128,null,"Install","m",{"v":130,"d":"130.00"},{"v":5,"d":"R 5.00"},{"$f":"F733*G733","v":{"v":650,"d":"R 650.00"}},{"v":6.5,"d":"R 6.50"},{"v":845,"d":"845.00"},{"v":45,"d":"R 45.00"},{"v":5850,"d":"R 5,850.00"},{"v":20,"d":"R 20.00"},{"v":2600,"d":"R 2,600.00"},{"v":2,"d":"R 2.00"},{"v":260,"d":"R 260.00"},{"v":130,"d":"130.00"},{"v":41.39,"d":"R 41.39"},{"$f":"Q733*R733","v":{"v":5380.7,"d":"R 5,380.70"}},{"v":130,"d":"130.00"},{"v":90,"d":"R 90.00"},{"v":11700,"d":"R 11,700.00"},{"v":130,"d":"130.00"},{"v":48.6,"d":"R 48.60"},{"$f":"W733*X733","v":{"v":6318,"d":"R 6,318.00"}},{"v":130,"d":"130.00"},{"v":10,"d":"R 10.00"},{"$f":"Z733*AA733","v":{"v":1300,"d":"R 1,300.00"}},{"v":130,"d":"130.00"},null,{"$f":"AC733*AD733","v":0}]
[{"$nulls":9},{"v":0,"d":"0.00"},null,0,null,0,null,0]
[{"$nulls":3},"25mm PVC (Provisional)",{"$nulls":5},{"v":0,"d":"0.00"},null,0,null,0,null,0]
[{"$nulls":9},{"v":0,"d":"0.00"},null,0,null,0,null,0]
[null,129,null,"Supply","m",{"v":50,"d":"50.00"},{"v":56,"d":"R 56.00"},{"$f":"F737*G737","v":{"v":2800,"d":"R 2,800.00"}},{"v":35,"d":"R 35.00"},{"v":1750,"d":"1750.00"},{"v":215,"d":"R 215.00"},{"v":10750,"d":"R 10,750.00"},{"v":25,"d":"R 25.00"},{"v":1250,"d":"R 1,250.00"},{"v":10,"d":"R 10.00"},{"v":500,"d":"R 500.00"},{"v":50,"d":"50.00"},{"v":94.61,"d":"R 94.61"},{"$f":"Q737*R737","v":{"v":4730.5,"d":"R 4,730.50"}},{"v":50,"d":"50.00"},{"v":295.2,"d":"R 295.20"},{"v":14760,"d":"R 14,760.00"},{"v":50,"d":"50.00"},{"v":207.36,"d":"R 207.36"},{"$f":"W737*X737","v":{"v":10368,"d":"R 10,368.00"}},{"v":50,"d":"50.00"},{"v":55,"d":"R 55.00"},{"$f":"Z737*AA737","v":{"v":2750,"d":"R 2,750.00"}},{"v":50,"d":"50.00"},null,{"$f":"AC737*AD737","v":0}]
[{"$nulls":9},{"v":0,"d":"0.00"},null,0,null,0,null,0]
[null,130,null,"Install","m",{"v":50,"d":"50.00"},{"v":6,"d":"R 6.00"},{"$f":"F739*G739","v":{"v":300,"d":"R 300.00"}},{"v":6.5,"d":"R 6.50"},{"v":325,"d":"325.00"},{"v":45,"d":"R 45.00"},{"v":2250,"d":"R 2,250.00"},{"v":25,"d":"R 25.00"},{"v":1250,"d":"R 1,250.00"},{"v":2.5,"d":"R 2.50"},{"v":125,"d":"R 125.00"},{"v":50,"d":"50.00"},{"v":41.39,"d":"R 41.39"},{"$f":"Q739*R739","v":{"v":2069.5,"d":"R 2,069.50"}},{"v":50,"d":"50.00"},{"v":90,"d":"R 90.00"},{"v":4500,"d":"R 4,500.00"},{"v":50,"d":"50.00"},{"v":48.6,"d":"R 48.60"},{"$f":"W739*X739","v":{"v":2430,"d":"R 2,430.00"}},{"v":50,"d":"50.00"},{"v":10,"d":"R 10.00"},{"$f":"Z739*AA739","v":{"v":500,"d":"R 500.00"}},{"v":50,"d":"50.00"},null,{"$f":"AC739*AD739","v":0}]
[{"$nulls":9},{"v":0,"d":"0.00"},null,0,null,0,null,0]
[{"$nulls":3},"Round conduit box as specified. Placed in position for casting into concrete, building or chased into brickwork or surface mounted including locknuts and bushes.",{"$nulls":5},{"v":0,"d":"0.00"},null,0,null,0,null,0]
[{"$nulls":9},{"v":0,"d":"0.00"},null,0,null,0,null,0]
[{"$nulls":3},"60mm deep",{"$nulls":5},{"v":0,"d":"0.00"},null,0,null,0,null,0]
[{"$nulls":9},{"v":0,"d":"0.00"},null,0,null,0,null,0]
[null,131,null,"Supply","No",{"v":15,"d":"15.00"},{"v":182,"d":"R 182.00"},{"$f":"F745*G745","v":{"v":2730,"d":"R 2,730.00"}},{"v":87,"d":"R 87.00"},{"v":1305,"d":"1305.00"},{"v":185,"d":"R 185.00"},{"v":2775,"d":"R 2,775.00"},{"v":150,"d":"R 150.00"},{"v":2250,"d":"R 2,250.00"},{"$f":"90+30","v":{"v":120,"d":"R 120.00"}},{"v":1800,"d":"R 1,800.00"},{"v":15,"d":"15.00"},{"v":59.13,"d":"R 59.13"},{"$f":"Q745*R745","v":{"v":886.95,"d":"R 886.95"}},{"v":15,"d":"15.00"},{"v":307.2,"d":"R 307.20"},{"v":4608,"d":"R 4,608.00"},{"v":15,"d":"15.00"},{"v":1568.16,"d":"R 1,568.16"},{"$f":"W745*X745","v":{"v":23522.4,"d":"R 23,522.40"}},{"v":15,"d":"15.00"},{"v":80,"d":"R 80.00"},{"$f":"Z745*AA745","v":{"v":1200,"d":"R 1,200.00"}},{"v":15,"d":"15.00"},null,{"$f":"AC745*AD745","v":0}]
[{"$nulls":9},{"v":0,"d":"0.00"},null,0,null,0,null,0]
[null,132,null,"Install","No",{"v":15,"d":"15.00"},{"v":18,"d":"R 18.00"},{"$f":"F747*G747","v":{"v":270,"d":"R 270.00"}},{"v":17,"d":"R 17.00"},{"v":255,"d":"255.00"},{"v":18.5,"d":"R 18.50"},{"v":277.5,"d":"R 277.50"},{"v":150,"d":"R 150.00"},{"v":2250,"d":"R 2,250.00"},{"v":30,"d":"R 30.00"},{"v":450,"d":"R 450.00"},{"v":15,"d":"15.00"},{"v":23.65,"d":"R 23.65"},{"$f":"Q747*R747","v":{"v":354.75,"d":"R 354.75"}},{"v":15,"d":"15.00"},{"v":105.6,"d":"R 105.60"},{"v":1584,"d":"R 1,584.00"},{"v":15,"d":"15.00"},{"v":380.16,"d":"R 380.16"},{"$f":"W747*X747","v":{"v":5702.400000000001,"d":"R 5,702.40"}},{"v":15,"d":"15.00"},{"v":10,"d":"R 10.00"},{"$f":"Z747*AA747","v":{"v":150,"d":"R 150.00"}},{"v":15,"d":"15.00"},null,{"$f":"AC747*AD747","v":0}]
[{"$nulls":9},{"v":0,"d":"0.00"},null,0,null,0,null,0]
[{"$nulls":3},"ISOLATORS",{"$nulls":5},{"v":0,"d":"0.00"},null,0,null,0,null,0]
[{"$nulls":9},{"v":0,"d":"0.00"},null,0,null,0,null,0]
[{"$nulls":3},"Supply and install the following isolators complete with cover plate in the position as indicated on the drawings, draw boxes measured elsewhere.",{"$nulls":5},{"v":0,"d":"0.00"},null,0,null,0,null,0]
[{"$nulls":9},{"v":0,"d":"0.00"},null,0,null,0,null,0]
[{"$nulls":3},"20A 2-pole ",{"$nulls":5},{"v":0,"d":"0.00"},null,0,null,0,null,0]
[{"$nulls":9},{"v":0,"d":"0.00"},null,0,null,0,null,0]
[null,133,null,"Supply","No",{"v":3,"d":"3.00"},{"v":192,"d":"R 192.00"},{"$f":"F755*G755","v":{"v":576,"d":"R 576.00"}},{"v":210,"d":"R 210.00"},{"v":630,"d":"630.00"},{"v":4500,"d":"R 4,500.00"},{"v":13500,"d":"R 13,500.00"},{"v":250,"d":"R 250.00"},{"v":750,"d":"R 750.00"},{"v":350,"d":"R 350.00"},{"v":1050,"d":"R 1,050.00"},{"v":3,"d":"3.00"},{"v":1182.64,"d":"R 1,182.64"},{"$f":"Q755*R755","v":{"v":3547.92,"d":"R 3,547.92"}},{"v":3,"d":"3.00"},{"v":1440,"d":"R 1,440.00"},{"v":4320,"d":"R 4,320.00"},{"v":3,"d":"3.00"},{"v":4428,"d":"R 4,428.00"},{"$f":"W755*X755","v":{"v":13284,"d":"R 13,284.00"}},{"v":3,"d":"3.00"},{"v":350,"d":"R 350.00"},{"$f":"Z755*AA755","v":{"v":1050,"d":"R 1,050.00"}},{"v":3,"d":"3.00"},null,{"$f":"AC755*AD755","v":0}]
[{"$nulls":9},{"v":0,"d":"0.00"},null,0,null,0,null,0]
[null,134,null,"Install","No",{"v":3,"d":"3.00"},{"v":19,"d":"R 19.00"},{"$f":"F757*G757","v":{"v":57,"d":"R 57.00"}},{"v":35,"d":"R 35.00"},{"v":105,"d":"105.00"},{"v":45,"d":"R 45.00"},{"v":135,"d":"R 135.00"},{"v":100,"d":"R 100.00"},{"v":300,"d":"R 300.00"},{"v":50,"d":"R 50.00"},{"v":150,"d":"R 150.00"},{"v":3,"d":"3.00"},{"v":236.53,"d":"R 236.53"},{"$f":"Q757*R757","v":{"v":709.59,"d":"R 709.59"}},{"v":3,"d":"3.00"},{"v":300,"d":"R 300.00"},{"v":900,"d":"R 900.00"},{"v":3,"d":"3.00"},{"v":324,"d":"R 324.00"},{"$f":"W757*X757","v":{"v":972,"d":"R 972.00"}},{"v":3,"d":"3.00"},{"v":20,"d":"R 20.00"},{"$f":"Z757*AA757","v":{"v":60,"d":"R 60.00"}},{"v":3,"d":"3.00"},null,{"$f":"AC757*AD757","v":0}]
[{"$nulls":9},{"v":0,"d":"0.00"},null,0,null,0,null,0]
[{"$nulls":3},"Wall boxes as specified. Position for casting into concrete, building or chased into brickwork including locknuts and bushes Where cavity walls or face brick walls are encountered tenderers must allow to install deep back to back (one end closed) wall boxes",{"$nulls":5},{"v":0,"d":"0.00"},null,0,null,0,null,0]
[{"$nulls":9},{"v":0,"d":"0.00"},null,0,null,0,null,0]
[{"$nulls":3},"100 x 50mm",{"$nulls":5},{"v":0,"d":"0.00"},null,0,null,0,null,0]
[{"$nulls":9},{"v":0,"d":"0.00"},null,0,null,0,null,0]
[{"$nulls":3},"Supply","No",{"v":17,"d":"17.00"},{"v":8,"d":"R 8.00"},{"$f":"F763*G763","v":{"v":136,"d":"R 136.00"}},{"v":87,"d":"R 87.00"},{"v":1479,"d":"1479.00"},{"v":550,"d":"R 550.00"},{"v":9350,"d":"R 9,350.00"},{"v":150,"d":"R 150.00"},{"v":2550,"d":"R 2,550.00"},{"v":170,"d":"R 170.00"},{"v":2890,"d":"R 2,890.00"},{"v":17,"d":"17.00"},{"v":59.13,"d":"R 59.13"},{"$f":"Q763*R763","v":{"v":1005.21,"d":"R 1,005.21"}},{"v":17,"d":"17.00"},{"v":667.2,"d":"R 667.20"},{"v":11342.400000000001,"d":"R 11,342.40"},{"v":17,"d":"17.00"},{"v":594,"d":"R 594.00"},{"$f":"W763*X763","v":{"v":10098,"d":"R 10,098.00"}},{"v":17,"d":"17.00"},{"v":55,"d":"R 55.00"},{"$f":"Z763*AA763","v":{"v":935,"d":"R 935.00"}},{"v":17,"d":"17.00"},null,{"$f":"AC763*AD763","v":0}]
[{"$nulls":9},{"v":0,"d":"0.00"},null,0,null,0,null,0]
[{"$nulls":3},"Install","No",{"v":17,"d":"17.00"},{"v":1,"d":"R 1.00"},{"$f":"F765*G765","v":{"v":17,"d":"R 17.00"}},{"v":17,"d":"R 17.00"},{"v":289,"d":"289.00"},{"v":85,"d":"R 85.00"},{"v":1445,"d":"R 1,445.00"},{"v":100,"d":"R 100.00"},{"v":1700,"d":"R 1,700.00"},{"v":30,"d":"R 30.00"},{"v":510,"d":"R 510.00"},{"v":17,"d":"17.00"},{"v":23.65,"d":"R 23.65"},{"$f":"Q765*R765","v":{"v":402.04999999999995,"d":"R 402.05"}},{"v":17,"d":"17.00"},{"v":126,"d":"R 126.00"},{"v":2142,"d":"R 2,142.00"},{"v":17,"d":"17.00"},{"v":91.8,"d":"R 91.80"},{"$f":"W765*X765","v":{"v":1560.6,"d":"R 1,560.60"}},{"v":17,"d":"17.00"},{"v":10,"d":"R 10.00"},{"$f":"Z765*AA765","v":{"v":170,"d":"R 170.00"}},{"v":17,"d":"17.00"},null,{"$f":"AC765*AD765","v":0}]
[{"$nulls":9},{"v":0,"d":"0.00"},null,0,null,0,null,0]
[{"$nulls":3},"100 x 100mm",{"$nulls":5},{"v":0,"d":"0.00"},null,0,null,0,null,0]
[{"$nulls":9},{"v":0,"d":"0.00"},null,0,null,0,null,0]
[null,135,null,"Supply","No",{"v":8,"d":"8.00"},{"v":10,"d":"R 10.00"},{"$f":"F769*G769","v":{"v":80,"d":"R 80.00"}},{"v":87,"d":"R 87.00"},{"v":696,"d":"696.00"},{"v":550,"d":"R 550.00"},{"v":4400,"d":"R 4,400.00"},{"v":200,"d":"R 200.00"},{"v":1600,"d":"R 1,600.00"},{"v":350,"d":"R 350.00"},{"v":2800,"d":"R 2,800.00"},{"v":8,"d":"8.00"},{"v":59.13,"d":"R 59.13"},{"$f":"Q769*R769","v":{"v":473.04,"d":"R 473.04"}},{"v":8,"d":"8.00"},{"v":816,"d":"R 816.00"},{"v":6528,"d":"R 6,528.00"},{"v":8,"d":"8.00"},{"v":594,"d":"R 594.00"},{"$f":"W769*X769","v":{"v":4752,"d":"R 4,752.00"}},{"v":8,"d":"8.00"},{"v":75,"d":"R 75.00"},{"$f":"Z769*AA769","v":{"v":600,"d":"R 600.00"}},{"v":8,"d":"8.00"},null,{"$f":"AC769*AD769","v":0}]
[{"$nulls":9},{"v":0,"d":"0.00"},null,0,null,0,null,0]
[null,136,null,"Install","No",{"v":8,"d":"8.00"},{"v":1,"d":"R 1.00"},{"$f":"F771*G771","v":{"v":8,"d":"R 8.00"}},{"v":17,"d":"R 17.00"},{"v":136,"d":"136.00"},{"v":1000,"d":"R 1,000.00"},{"v":8000,"d":"R 8,000.00"},{"v":100,"d":"R 100.00"},{"v":800,"d":"R 800.00"},{"v":60,"d":"R 60.00"},{"v":480,"d":"R 480.00"},{"v":8,"d":"8.00"},{"v":23.65,"d":"R 23.65"},{"$f":"Q771*R771","v":{"v":189.2,"d":"R 189.20"}},{"v":8,"d":"8.00"},{"v":145.2,"d":"R 145.20"},{"v":1161.6,"d":"R 1,161.60"},{"v":8,"d":"8.00"},{"v":486,"d":"R 486.00"},{"$f":"W771*X771","v":{"v":3888,"d":"R 3,888.00"}},{"v":8,"d":"8.00"},{"v":10,"d":"R 10.00"},{"$f":"Z771*AA771","v":{"v":80,"d":"R 80.00"}},{"v":8,"d":"8.00"},null,{"$f":"AC771*AD771","v":0}]
[{"$nulls":9},{"v":0,"d":"0.00"},null,0,null,0,null,0]
[{"$nulls":3},"Blank Covers",{"$nulls":5},{"v":0,"d":"0.00"},null,0,null,0,null,0]
[{"$nulls":9},{"v":0,"d":"0.00"},null,0,null,0,null,0]
[{"$nulls":3},"100 dia",{"$nulls":5},{"v":0,"d":"0.00"},null,0,null,0,null,0]
[{"$nulls":9},{"v":0,"d":"0.00"},null,0,null,0,null,0]
[null,137,null,"Supply","No",{"v":2,"d":"2.00"},{"v":7,"d":"R 7.00"},{"$f":"F777*G777","v":{"v":14,"d":"R 14.00"}},{"v":35,"d":"R 35.00"},{"v":70,"d":"70.00"},{"v":650,"d":"R 650.00"},{"v":1300,"d":"R 1,300.00"},{"v":100,"d":"R 100.00"},{"v":200,"d":"R 200.00"},{"v":60,"d":"R 60.00"},{"v":120,"d":"R 120.00"},{"v":2,"d":"2.00"},{"v":35.48,"d":"R 35.48"},{"$f":"Q777*R777","v":{"v":70.96,"d":"R 70.96"}},{"v":2,"d":"2.00"},{"v":1056,"d":"R 1,056.00"},{"v":2112,"d":"R 2,112.00"},{"v":2,"d":"2.00"},{"v":810,"d":"R 810.00"},{"$f":"W777*X777","v":{"v":1620,"d":"R 1,620.00"}},{"v":2,"d":"2.00"},{"v":45,"d":"R 45.00"},{"$f":"Z777*AA777","v":{"v":90,"d":"R 90.00"}},{"v":2,"d":"2.00"},null,{"$f":"AC777*AD777","v":0}]
[{"$nulls":9},{"v":0,"d":"0.00"},null,0,null,0,null,0]
[null,138,null,"Install","No",{"v":2,"d":"2.00"},{"v":1,"d":"R 1.00"},{"$f":"F779*G779","v":{"v":2,"d":"R 2.00"}},{"v":6.5,"d":"R 6.50"},{"v":13,"d":"13.00"},{"v":1000,"d":"R 1,000.00"},{"v":2000,"d":"R 2,000.00"},{"v":50,"d":"R 50.00"},{"v":100,"d":"R 100.00"},{"v":20,"d":"R 20.00"},{"v":40,"d":"R 40.00"},{"v":2,"d":"2.00"},{"v":23.65,"d":"R 23.65"},{"$f":"Q779*R779","v":{"v":47.3,"d":"R 47.30"}},{"v":2,"d":"2.00"},{"v":102,"d":"R 102.00"},{"v":204,"d":"R 204.00"},{"v":2,"d":"2.00"},{"v":378,"d":"R 378.00"},{"$f":"W779*X779","v":{"v":756,"d":"R 756.00"}},{"v":2,"d":"2.00"},{"v":5,"d":"R 5.00"},{"$f":"Z779*AA779","v":{"v":10,"d":"R 10.00"}},{"v":2,"d":"2.00"},null,{"$f":"AC779*AD779","v":0}]
[{"$nulls":9},{"v":0,"d":"0.00"},null,0,null,0,null,0]
[{"$nulls":3},"100 x 100mm",{"$nulls":5},{"v":0,"d":"0.00"},null,0,null,0,null,0]
[{"$nulls":9},{"v":0,"d":"0.00"},null,0,null,0,null,0]
[null,139,null,"Supply","No",{"v":2,"d":"2.00"},{"v":46,"d":"R 46.00"},{"$f":"F783*G783","v":{"v":92,"d":"R 92.00"}},{"v":55,"d":"R 55.00"},{"v":110,"d":"110.00"},{"v":800,"d":"R 800.00"},{"v":1600,"d":"R 1,600.00"},{"v":100,"d":"R 100.00"},{"v":200,"d":"R 200.00"},{"v":60,"d":"R 60.00"},{"v":120,"d":"R 120.00"},{"v":2,"d":"2.00"},{"v":59.13,"d":"R 59.13"},{"$f":"Q783*R783","v":{"v":118.26,"d":"R 118.26"}},{"v":2,"d":"2.00"},{"v":816,"d":"R 816.00"},{"v":1632,"d":"R 1,632.00"},{"v":2,"d":"2.00"},{"v":4698,"d":"R 4,698.00"},{"$f":"W783*X783","v":{"v":9396,"d":"R 9,396.00"}},{"v":2,"d":"2.00"},{"v":55,"d":"R 55.00"},{"$f":"Z783*AA783","v":{"v":110,"d":"R 110.00"}},{"v":2,"d":"2.00"},null,{"$f":"AC783*AD783","v":0}]
[{"$nulls":9},{"v":0,"d":"0.00"},null,0,null,0,null,0]
[null,140,null,"Install","No",{"v":2,"d":"2.00"},{"v":5,"d":"R 5.00"},{"$f":"F785*G785","v":{"v":10,"d":"R 10.00"}},{"v":6.5,"d":"R 6.50"},{"v":13,"d":"13.00"},{"v":1000,"d":"R 1,000.00"},{"$f":"F785*K785","v":{"v":2000,"d":"R 2,000.00"}},{"v":50,"d":"R 50.00"},{"v":100,"d":"R 100.00"},{"v":20,"d":"R 20.00"},{"v":40,"d":"R 40.00"},{"v":2,"d":"2.00"},{"v":23.65,"d":"R 23.65"},{"$f":"Q785*R785","v":{"v":47.3,"d":"R 47.30"}},{"v":2,"d":"2.00"},{"v":145.2,"d":"R 145.20"},{"v":290.4,"d":"R 290.40"},{"v":2,"d":"2.00"},{"v":918,"d":"R 918.00"},{"$f":"W785*X785","v":{"v":1836,"d":"R 1,836.00"}},{"v":2,"d":"2.00"},{"v":10,"d":"R 10.00"},{"$f":"Z785*AA785","v":{"v":20,"d":"R 20.00"}},{"v":2,"d":"2.00"},null,{"$f":"AC785*AD785","v":0}]
[{"$nulls":13},{"$f":"F786*M786","v":0}]
[{"$nulls":3},"CONDUCTORS",{"$nulls":9},0]
[{"$nulls":13},0]
[{"$nulls":3},"600/1000V grade PVC insulated stranded copper conductors drawn into conduit",{"$nulls":9},0]
[{"$nulls":13},0]
[{"$nulls":3},"1,5mm²",{"$nulls":9},0]
[{"$nulls":13},0]
[null,141,null,"Supply","m",{"v":50,"d":"50.00"},{"v":8,"d":"R 8.00"},{"$f":"F793*G793","v":{"v":400,"d":"R 400.00"}},{"v":21,"d":"R 21.00"},{"$f":"F793*I793","v":{"v":1050,"d":"1050.00"}},{"v":198,"d":"R 198.00"},{"$f":"F793*K793","v":{"v":9900,"d":"R 9,900.00"}},{"v":80,"d":"R 80.00"},{"v":4000,"d":"R 4,000.00"},{"v":10,"d":"R 10.00"},{"$f":"F793*O793","v":{"v":500,"d":"R 500.00"}},{"v":50,"d":"50.00"},{"v":47.31,"d":"R 47.31"},{"$f":"Q793*R793","v":{"v":2365.5,"d":"R 2,365.50"}},{"v":50,"d":"50.00"},{"v":264,"d":"R 264.00"},{"v":13200,"d":"R 13,200.00"},{"v":50,"d":"50.00"},{"v":213.84,"d":"R 213.84"},{"$f":"W793*X793","v":{"v":10692,"d":"R 10,692.00"}},{"v":50,"d":"50.00"},{"v":35,"d":"R 35.00"},{"$f":"Z793*AA793","v":{"v":1750,"d":"R 1,750.00"}},{"v":50,"d":"50.00"},null,{"$f":"AC793*AD793","v":0}]
[{"$nulls":9},{"v":0,"d":"0.00"},null,0,null,0,null,0]
[null,142,null,"Install","m",{"v":50,"d":"50.00"},{"v":1,"d":"R 1.00"},{"$f":"F795*G795","v":{"v":50,"d":"R 50.00"}},{"v":3.5,"d":"R 3.50"},{"v":175,"d":"175.00"},{"v":45,"d":"R 45.00"},{"v":2250,"d":"R 2,250.00"},{"v":20,"d":"R 20.00"},{"v":1000,"d":"R 1,000.00"},{"v":4,"d":"R 4.00"},{"v":200,"d":"R 200.00"},{"v":50,"d":"50.00"},{"v":11.83,"d":"R 11.83"},{"$f":"Q795*R795","v":{"v":591.5,"d":"R 591.50"}},{"v":50,"d":"50.00"},{"v":103.2,"d":"R 103.20"},{"v":5160,"d":"R 5,160.00"},{"v":50,"d":"50.00"},{"v":48.6,"d":"R 48.60"},{"$f":"W795*X795","v":{"v":2430,"d":"R 2,430.00"}},{"v":50,"d":"50.00"},{"v":10,"d":"R 10.00"},{"$f":"Z795*AA795","v":{"v":500,"d":"R 500.00"}},{"v":50,"d":"50.00"},null,{"$f":"AC795*AD795","v":0}]
[{"$nulls":9},{"v":0,"d":"0.00"},null,0,null,0,null,0]
[{"$nulls":3},"2,5mm²",{"$nulls":5},{"v":0,"d":"0.00"},null,0,null,0,null,0]
[{"$nulls":9},{"v":0,"d":"0.00"},null,0,null,0,null,0]
[null,143,null,"Supply","m",{"v":150,"d":"150.00"},{"v":8,"d":"R 8.00"},{"$f":"F799*G799","v":{"v":1200,"d":"R 1,200.00"}},{"v":41,"d":"R 41.00"},{"v":6150,"d":"6150.00"},{"v":198,"d":"R 198.00"},{"v":29700,"d":"R 29,700.00"},{"v":100,"d":"R 100.00"},{"v":15000,"d":"R 15,000.00"},{"v":10,"d":"R 10.00"},{"v":1500,"d":"R 1,500.00"},{"v":150,"d":"150.00"},{"v":59.13,"d":"R 59.13"},{"$f":"Q799*R799","v":{"v":8869.5,"d":"R 8,869.50"}},{"v":150,"d":"150.00"},{"v":346.8,"d":"R 346.80"},{"v":52020,"d":"R 52,020.00"},{"v":150,"d":"150.00"},{"v":213.84,"d":"R 213.84"},{"$f":"W799*X799","v":{"v":32076,"d":"R 32,076.00"}},{"v":150,"d":"150.00"},{"v":35,"d":"R 35.00"},{"$f":"Z799*AA799","v":{"v":5250,"d":"R 5,250.00"}},{"v":150,"d":"150.00"},null,{"$f":"AC799*AD799","v":0}]
[{"$nulls":9},{"v":0,"d":"0.00"},null,0,null,0,null,0]
[null,144,null,"Install","m",{"v":150,"d":"150.00"},{"v":1,"d":"R 1.00"},{"$f":"F801*G801","v":{"v":150,"d":"R 150.00"}},{"v":3.5,"d":"R 3.50"},{"v":525,"d":"525.00"},{"v":45,"d":"R 45.00"},{"v":6750,"d":"R 6,750.00"},{"v":20,"d":"R 20.00"},{"v":3000,"d":"R 3,000.00"},{"v":4,"d":"R 4.00"},{"v":600,"d":"R 600.00"},{"v":150,"d":"150.00"},{"v":23.65,"d":"R 23.65"},{"$f":"Q801*R801","v":{"v":3547.5,"d":"R 3,547.50"}},{"v":150,"d":"150.00"},{"v":132,"d":"R 132.00"},{"v":19800,"d":"R 19,800.00"},{"v":150,"d":"150.00"},{"v":48.6,"d":"R 48.60"},{"$f":"W801*X801","v":{"v":7290,"d":"R 7,290.00"}},{"v":150,"d":"150.00"},{"v":10,"d":"R 10.00"},{"$f":"Z801*AA801","v":{"v":1500,"d":"R 1,500.00"}},{"v":150,"d":"150.00"},null,{"$f":"AC801*AD801","v":0}]
[{"$nulls":9},{"v":0,"d":"0.00"},null,0,null,0,null,0]
[{"$nulls":3},"4,0mm²",{"$nulls":5},{"v":0,"d":"0.00"},null,0,null,0,null,0]
[{"$nulls":9},{"v":0,"d":"0.00"},null,0,null,0,null,0]
[null,145,null,"Supply","m",{"v":70,"d":"70.00"},{"v":21,"d":"R 21.00"},{"$f":"F805*G805","v":{"v":1470,"d":"R 1,470.00"}},{"v":37,"d":"R 37.00"},{"v":2590,"d":"2590.00"},{"v":175,"d":"R 175.00"},{"v":12250,"d":"R 12,250.00"},{"v":120,"d":"R 120.00"},{"v":8400,"d":"R 8,400.00"},{"v":10,"d":"R 10.00"},{"v":700,"d":"R 700.00"},{"v":70,"d":"70.00"},{"v":70.96,"d":"R 70.96"},{"$f":"Q805*R805","v":{"v":4967.2,"d":"R 4,967.20"}},{"v":70,"d":"70.00"},{"v":420,"d":"R 420.00"},{"v":29400,"d":"R 29,400.00"},{"v":70,"d":"70.00"},{"v":199.8,"d":"R 199.80"},{"$f":"W805*X805","v":{"v":13986,"d":"R 13,986.00"}},{"v":70,"d":"70.00"},{"v":50,"d":"R 50.00"},{"$f":"Z805*AA805","v":{"v":3500,"d":"R 3,500.00"}},{"v":70,"d":"70.00"},null,{"$f":"AC805*AD805","v":0}]
[{"$nulls":9},{"v":0,"d":"0.00"},null,0,null,0,null,0]
[null,146,null,"Install","m",{"v":70,"d":"70.00"},{"v":2,"d":"R 2.00"},{"$f":"F807*G807","v":{"v":140,"d":"R 140.00"}},{"v":3.5,"d":"R 3.50"},{"v":245,"d":"245.00"},{"v":45,"d":"R 45.00"},{"v":3150,"d":"R 3,150.00"},{"v":20,"d":"R 20.00"},{"$f":"F807*M807","v":{"v":1400,"d":"R 1,400.00"}},{"v":4,"d":"R 4.00"},{"v":280,"d":"R 280.00"},{"v":70,"d":"70.00"},{"v":23.65,"d":"R 23.65"},{"$f":"Q807*R807","v":{"v":1655.5,"d":"R 1,655.50"}},{"v":70,"d":"70.00"},{"v":180,"d":"R 180.00"},{"v":12600,"d":"R 12,600.00"},{"v":70,"d":"70.00"},{"v":48.6,"d":"R 48.60"},{"$f":"W807*X807","v":{"v":3402,"d":"R 3,402.00"}},{"v":70,"d":"70.00"},{"v":10,"d":"R 10.00"},{"$f":"Z807*AA807","v":{"v":700,"d":"R 700.00"}},{"v":70,"d":"70.00"},null,{"$f":"AC807*AD807","v":0}]
[{"$nulls":9},{"v":0,"d":"0.00"},null,0,null,0,null,0]
[{"$nulls":3},"Bare stranded copper earth conductors drawn into conduits",{"$nulls":5},{"v":0,"d":"0.00"},null,0,null,0,null,0]
[{"$nulls":9},{"v":0,"d":"0.00"},null,0,null,0,null,0]
[{"$nulls":3},"2,5mm²",{"$nulls":5},{"v":0,"d":"0.00"},null,0,null,0,null,0]
[{"$nulls":9},{"v":0,"d":"0.00"},null,0,null,0,null,0]
[null,147,null,"Supply","m",{"v":75,"d":"75.00"},{"v":8,"d":"R 8.00"},{"$f":"F813*G813","v":{"v":600,"d":"R 600.00"}},{"v":17,"d":"R 17.00"},{"v":1275,"d":"1275.00"},{"v":215,"d":"R 215.00"},{"v":16125,"d":"R 16,125.00"},{"v":60,"d":"R 60.00"},{"v":4500,"d":"R 4,500.00"},{"v":12,"d":"R 12.00"},{"v":900,"d":"R 900.00"},{"v":75,"d":"75.00"},{"v":59.13,"d":"R 59.13"},{"$f":"Q813*R813","v":{"v":4434.75,"d":"R 4,434.75"}},{"v":75,"d":"75.00"},{"v":264,"d":"R 264.00"},{"v":19800,"d":"R 19,800.00"},{"v":75,"d":"75.00"},{"v":213.84,"d":"R 213.84"},{"$f":"W813*X813","v":{"v":16038,"d":"R 16,038.00"}},{"v":75,"d":"75.00"},{"v":20,"d":"R 20.00"},{"$f":"Z813*AA813","v":{"v":1500,"d":"R 1,500.00"}},{"v":75,"d":"75.00"},null,{"$f":"AC813*AD813","v":0}]
[{"$nulls":9},{"v":0,"d":"0.00"},null,0,null,0,null,0]
[null,148,null,"Install","m",{"v":75,"d":"75.00"},{"v":1,"d":"R 1.00"},{"$f":"F815*G815","v":{"v":75,"d":"R 75.00"}},{"v":3.5,"d":"R 3.50"},{"v":262.5,"d":"262.50"},{"v":45,"d":"R 45.00"},{"v":3375,"d":"R 3,375.00"},{"v":20,"d":"R 20.00"},{"v":1500,"d":"R 1,500.00"},{"v":8,"d":"R 8.00"},{"v":600,"d":"R 600.00"},{"v":75,"d":"75.00"},{"v":23.65,"d":"R 23.65"},{"$f":"Q815*R815","v":{"v":1773.75,"d":"R 1,773.75"}},{"v":75,"d":"75.00"},{"v":132,"d":"R 132.00"},{"v":9900,"d":"R 9,900.00"},{"v":75,"d":"75.00"},{"v":51.84,"d":"R 51.84"},{"$f":"W815*X815","v":{"v":3888.0000000000005,"d":"R 3,888.00"}},{"v":75,"d":"75.00"},{"v":5,"d":"R 5.00"},{"$f":"Z815*AA815","v":{"v":375,"d":"R 375.00"}},{"v":75,"d":"75.00"},null,{"$f":"AC815*AD815","v":0}]
[{"$nulls":9},{"v":0,"d":"0.00"},null,0,null,0,null,0]
[{"$nulls":3},"4,0mm²",{"$nulls":5},{"v":0,"d":"0.00"},null,0,null,0,null,0]
[{"$nulls":9},{"v":0,"d":"0.00"},null,0,null,0,null,0]
[null,149,null,"Supply","m",{"v":35,"d":"35.00"},{"v":21,"d":"R 21.00"},{"$f":"F819*G819","v":{"v":735,"d":"R 735.00"}},{"v":21,"d":"R 21.00"},{"v":735,"d":"735.00"},{"v":215,"d":"R 215.00"},{"v":7525,"d":"R 7,525.00"},{"v":80,"d":"R 80.00"},{"v":2800,"d":"R 2,800.00"},{"v":12,"d":"R 12.00"},{"v":420,"d":"R 420.00"},{"v":35,"d":"35.00"},{"v":70.96,"d":"R 70.96"},{"$f":"Q819*R819","v":{"v":2483.6,"d":"R 2,483.60"}},{"v":35,"d":"35.00"},{"v":372,"d":"R 372.00"},{"v":13020,"d":"R 13,020.00"},{"v":35,"d":"35.00"},{"v":221.4,"d":"R 221.40"},{"$f":"W819*X819","v":{"v":7749,"d":"R 7,749.00"}},{"v":35,"d":"35.00"},{"v":25,"d":"R 25.00"},{"$f":"Z819*AA819","v":{"v":875,"d":"R 875.00"}},{"v":35,"d":"35.00"},null,{"$f":"AC819*AD819","v":0}]
[{"$nulls":9},{"v":0,"d":"0.00"},null,0,null,0,null,0]
[null,150,null,"Install","m",{"v":35,"d":"35.00"},{"v":2,"d":"R 2.00"},{"$f":"F821*G821","v":{"v":70,"d":"R 70.00"}},{"v":3.5,"d":"R 3.50"},{"v":122.5,"d":"122.50"},{"v":45,"d":"R 45.00"},{"v":1575,"d":"R 1,575.00"},{"v":20,"d":"R 20.00"},{"v":700,"d":"R 700.00"},{"v":8,"d":"R 8.00"},{"v":280,"d":"R 280.00"},{"v":35,"d":"35.00"},{"v":23.65,"d":"R 23.65"},{"$f":"Q821*R821","v":{"v":827.75,"d":"R 827.75"}},{"v":35,"d":"35.00"},{"v":180,"d":"R 180.00"},{"v":6300,"d":"R 6,300.00"},{"v":35,"d":"35.00"},{"v":48.6,"d":"R 48.60"},{"$f":"W821*X821","v":{"v":1701,"d":"R 1,701.00"}},{"v":35,"d":"35.00"},{"v":5,"d":"R 5.00"},{"$f":"Z821*AA821","v":{"v":175,"d":"R 175.00"}},{"v":35,"d":"35.00"},null,{"$f":"AC821*AD821","v":0}]
[{"$nulls":9},{"v":0,"d":"0.00"},null,0,null,0,null,0]
[{"$nulls":3},"APPLIANCES",{"$nulls":5},{"v":0,"d":"0.00"},null,0,null,0,null,0]
[{"$nulls":9},{"v":0,"d":"0.00"},null,0,null,0,null,0]
[{"$nulls":3},"Complete with cover plate fixed in flush boxes (boxes elsewhere measured)",{"$nulls":5},{"v":0,"d":"0.00"},null,0,null,0,null,0]
[{"$nulls":9},{"v":0,"d":"0.00"},null,0,null,0,null,0]
[{"$nulls":3},"Socket Outlets",{"$nulls":5},{"v":0,"d":"0.00"},null,0,null,0,null,0]
[{"$nulls":9},{"v":0,"d":"0.00"},null,0,null,0,null,0]
[{"$nulls":3},"16 Ampere round 3-pin 250V grade Switched socket outlet",{"$nulls":5},{"v":0,"d":"0.00"},null,0,null,0,null,0]
[{"$nulls":9},{"v":0,"d":"0.00"},null,0,null,0,null,0]
[null,151,null,"Supply","No",{"v":5,"d":"5.00"},{"v":104,"d":"R 104.00"},{"$f":"F831*G831","v":{"v":520,"d":"R 520.00"}},{"v":48,"d":"R 48.00"},{"v":240,"d":"240.00"},{"v":280,"d":"R 280.00"},{"v":1400,"d":"R 1,400.00"},{"v":200,"d":"R 200.00"},{"v":1000,"d":"R 1,000.00"},{"v":150,"d":"R 150.00"},{"v":750,"d":"R 750.00"},{"v":5,"d":"5.00"},{"v":709.58,"d":"R 709.58"},{"$f":"Q831*R831","v":{"v":3547.9,"d":"R 3,547.90"}},{"v":5,"d":"5.00"},{"v":1056,"d":"R 1,056.00"},{"v":5280,"d":"R 5,280.00"},{"v":5,"d":"5.00"},{"v":2511,"d":"R 2,511.00"},{"$f":"W831*X831","v":{"v":12555,"d":"R 12,555.00"}},{"v":5,"d":"5.00"},{"v":300,"d":"R 300.00"},{"$f":"Z831*AA831","v":{"v":1500,"d":"R 1,500.00"}},{"v":5,"d":"5.00"},null,{"$f":"AC831*AD831","v":0}]
[{"$nulls":9},{"v":0,"d":"0.00"},null,0,null,0,null,0]
[null,152,null,"Install","No",{"v":5,"d":"5.00"},{"v":10,"d":"R 10.00"},{"$f":"F833*G833","v":{"v":50,"d":"R 50.00"}},{"v":7,"d":"R 7.00"},{"v":35,"d":"35.00"},{"v":45,"d":"R 45.00"},{"v":225,"d":"R 225.00"},{"v":50,"d":"R 50.00"},{"v":250,"d":"R 250.00"},{"v":50,"d":"R 50.00"},{"v":250,"d":"R 250.00"},{"v":5,"d":"5.00"},{"v":236.53,"d":"R 236.53"},{"$f":"Q833*R833","v":{"v":1182.65,"d":"R 1,182.65"}},{"v":5,"d":"5.00"},{"v":345.6,"d":"R 345.60"},{"v":1728,"d":"R 1,728.00"},{"v":5,"d":"5.00"},{"v":153.74,"d":"R 153.74"},{"$f":"W833*X833","v":{"v":768.7,"d":"R 768.70"}},{"v":5,"d":"5.00"},{"v":50,"d":"R 50.00"},{"$f":"Z833*AA833","v":{"v":250,"d":"R 250.00"}},{"v":5,"d":"5.00"},null,{"$f":"AC833*AD833","v":0}]
[{"$nulls":9},{"v":0,"d":"0.00"},null,0,null,0,null,0]
[{"$nulls":3},"Light Switches",{"$nulls":5},{"v":0,"d":"0.00"},null,0,null,0,null,0]
[{"$nulls":9},{"v":0,"d":"0.00"},null,0,null,0,null,0]
[{"$nulls":3},"16 Ampere 250V grade single lever one way",{"$nulls":5},{"v":0,"d":"0.00"},null,0,null,0,null,0]
[{"$nulls":9},{"v":0,"d":"0.00"},null,0,null,{"$f":"F838*M838","v":0},null,0]
[null,153,null,"Supply","No",{"v":3,"d":"3.00"},{"v":77,"d":"R 77.00"},{"$f":"F839*G839","v":{"v":231,"d":"R 231.00"}},{"v":68,"d":"R 68.00"},{"v":204,"d":"204.00"},{"v":280,"d":"R 280.00"},{"v":840,"d":"R 840.00"},{"v":200,"d":"R 200.00"},{"v":600,"d":"R 600.00"},{"v":270,"d":"R 270.00"},{"v":810,"d":"R 810.00"},{"v":3,"d":"3.00"},{"v":354.79,"d":"R 354.79"},{"$f":"Q839*R839","v":{"v":1064.3700000000001,"d":"R 1,064.37"}},{"v":3,"d":"3.00"},{"v":1560,"d":"R 1,560.00"},{"v":4680,"d":"R 4,680.00"},{"v":3,"d":"3.00"},{"v":1360.8,"d":"R 1,360.80"},{"$f":"W839*X839","v":{"v":4082.3999999999996,"d":"R 4,082.40"}},{"v":3,"d":"3.00"},{"v":350,"d":"R 350.00"},{"$f":"Z839*AA839","v":{"v":1050,"d":"R 1,050.00"}},{"v":3,"d":"3.00"},null,{"$f":"AC839*AD839","v":0}]
[{"$nulls":9},{"v":0,"d":"0.00"},null,0,null,0,null,0]
[null,154,null,"Install","No",{"v":3,"d":"3.00"},{"v":8,"d":"R 8.00"},{"$f":"F841*G841","v":{"v":24,"d":"R 24.00"}},{"v":6.5,"d":"R 6.50"},{"v":19.5,"d":"19.50"},{"v":45,"d":"R 45.00"},{"v":135,"d":"R 135.00"},{"v":50,"d":"R 50.00"},{"v":150,"d":"R 150.00"},{"v":80,"d":"R 80.00"},{"v":240,"d":"R 240.00"},{"v":3,"d":"3.00"},{"v":118.26,"d":"R 118.26"},{"$f":"Q841*R841","v":{"v":354.78000000000003,"d":"R 354.78"}},{"v":3,"d":"3.00"},{"v":345.6,"d":"R 345.60"},{"v":1036.8000000000002,"d":"R 1,036.80"},{"v":3,"d":"3.00"},{"v":153.74,"d":"R 153.74"},{"$f":"W841*X841","v":{"v":461.22,"d":"R 461.22"}},{"v":3,"d":"3.00"},{"v":50,"d":"R 50.00"},{"$f":"Z841*AA841","v":{"v":150,"d":"R 150.00"}},{"v":3,"d":"3.00"},null,{"$f":"AC841*AD841","v":0}]
[{"$nulls":9},{"v":0,"d":"0.00"},null,0,null,0,null,0]
[{"$nulls":3},"16 Ampere 250V grade double lever one way",{"$nulls":5},{"v":0,"d":"0.00"},null,0,null,0,null,0]
[{"$nulls":9},{"v":0,"d":"0.00"},null,0,null,0,null,0]
[null,155,null,"Supply","No",{"v":1,"d":"1.00"},{"v":112,"d":"R 112.00"},{"$f":"F845*G845","v":{"v":112,"d":"R 112.00"}},{"v":65,"d":"R 65.00"},{"v":65,"d":"65.00"},{"v":280,"d":"R 280.00"},{"v":280,"d":"R 280.00"},{"v":200,"d":"R 200.00"},{"v":200,"d":"R 200.00"},{"v":270,"d":"R 270.00"},{"v":270,"d":"R 270.00"},{"v":1,"d":"1.00"},{"v":354.79,"d":"R 354.79"},{"$f":"Q845*R845","v":{"v":354.79,"d":"R 354.79"}},{"v":1,"d":"1.00"},0,0,{"v":1,"d":"1.00"},{"v":280.8,"d":"R 280.80"},{"$f":"W845*X845","v":{"v":280.8,"d":"R 280.80"}},{"v":1,"d":"1.00"},{"v":450,"d":"R 450.00"},{"$f":"Z845*AA845","v":{"v":450,"d":"R 450.00"}},{"v":1,"d":"1.00"},null,{"$f":"AC845*AD845","v":0}]
[{"$nulls":9},{"v":0,"d":"0.00"},null,0,null,0,null,0]
[null,156,null,"Install","No",{"v":1,"d":"1.00"},{"v":11,"d":"R 11.00"},{"$f":"F847*G847","v":{"v":11,"d":"R 11.00"}},{"v":6.5,"d":"R 6.50"},{"v":6.5,"d":"6.50"},{"v":45,"d":"R 45.00"},{"v":45,"d":"R 45.00"},{"v":50,"d":"R 50.00"},{"v":50,"d":"R 50.00"},{"v":80,"d":"R 80.00"},{"v":80,"d":"R 80.00"},{"v":1,"d":"1.00"},{"v":118.26,"d":"R 118.26"},{"$f":"Q847*R847","v":{"v":118.26,"d":"R 118.26"}},{"v":1,"d":"1.00"},0,0,{"v":1,"d":"1.00"},{"v":153.74,"d":"R 153.74"},{"$f":"W847*X847","v":{"v":153.74,"d":"R 153.74"}},{"v":1,"d":"1.00"},{"v":50,"d":"R 50.00"},{"$f":"Z847*AA847","v":{"v":50,"d":"R 50.00"}},{"v":1,"d":"1.00"},null,{"$f":"AC847*AD847","v":0}]
[{"$nulls":9},{"v":0,"d":"0.00"},null,0,null,0,null,0]
[{"$nulls":3},"SLEEVES",{"$nulls":5},{"v":0,"d":"0.00"},null,0,null,0,null,0]
[{"$nulls":9},{"v":0,"d":"0.00"},null,0,null,0,null,0]
[{"$nulls":3},"50mm dia",{"$nulls":5},{"v":0,"d":"0.00"},null,0,null,0,null,0]
[{"$nulls":9},{"v":0,"d":"0.00"},null,0,null,0,null,0]
[null,157,null,"Supply","m",{"v":15,"d":"15.00"},{"v":40,"d":"R 40.00"},{"$f":"F853*G853","v":{"v":600,"d":"R 600.00"}},{"v":38,"d":"R 38.00"},{"v":570,"d":"570.00"},{"v":300,"d":"R 300.00"},{"v":4500,"d":"R 4,500.00"},{"v":50,"d":"R 50.00"},{"v":750,"d":"R 750.00"},{"v":90,"d":"R 90.00"},{"v":1350,"d":"R 1,350.00"},{"v":15,"d":"15.00"},{"v":177.4,"d":"R 177.40"},{"$f":"Q853*R853","v":{"v":2661,"d":"R 2,661.00"}},{"v":15,"d":"15.00"},{"v":1020,"d":"R 1,020.00"},{"v":15300,"d":"R 15,300.00"},{"v":15,"d":"15.00"},{"v":1360.8,"d":"R 1,360.80"},{"$f":"W853*X853","v":{"v":20412,"d":"R 20,412.00"}},{"v":15,"d":"15.00"},{"v":65,"d":"R 65.00"},{"$f":"Z853*AA853","v":{"v":975,"d":"R 975.00"}},{"v":15,"d":"15.00"},null,{"$f":"AC853*AD853","v":0}]
[{"$nulls":9},{"v":0,"d":"0.00"},null,0,null,0,null,0]
[null,158,null,"Install","m",{"v":15,"d":"15.00"},{"v":4,"d":"R 4.00"},{"$f":"F855*G855","v":{"v":60,"d":"R 60.00"}},{"v":6.5,"d":"R 6.50"},{"v":97.5,"d":"97.50"},{"v":45,"d":"R 45.00"},{"v":675,"d":"R 675.00"},{"v":20,"d":"R 20.00"},{"v":300,"d":"R 300.00"},{"v":30,"d":"R 30.00"},{"v":450,"d":"R 450.00"},{"v":15,"d":"15.00"},{"v":236.53,"d":"R 236.53"},{"$f":"Q855*R855","v":{"v":3547.95,"d":"R 3,547.95"}},{"v":15,"d":"15.00"},{"v":264,"d":"R 264.00"},{"v":3960,"d":"R 3,960.00"},{"v":15,"d":"15.00"},{"v":64.8,"d":"R 64.80"},{"$f":"W855*X855","v":{"v":972,"d":"R 972.00"}},{"v":15,"d":"15.00"},{"v":20,"d":"R 20.00"},{"$f":"Z855*AA855","v":{"v":300,"d":"R 300.00"}},{"v":15,"d":"15.00"},null,{"$f":"AC855*AD855","v":0}]
[{"$nulls":9},{"v":0,"d":"0.00"},null,0,null,0,null,0]
[{"$nulls":3},"Surface mounted appliance complete",{"$nulls":5},{"$f":"F857*I857","v":{"v":0,"d":"0.00"}},null,{"$f":"F857*K857","v":0},null,0,null,{"$f":"F857*O857","v":0}]
[{"$nulls":9},{"v":0,"d":"0.00"},null,0,null,0,null,0]
[{"$nulls":3},"16 Ampere photo cell in an empty luminaire",{"$nulls":5},{"v":0,"d":"0.00"},null,0,null,0,null,0]
[{"$nulls":9},{"v":0,"d":"0.00"},null,0,null,0,null,0]
[null,159,null,"Supply","No",{"v":1,"d":"1.00"},{"v":397,"d":"R 397.00"},{"$f":"F861*G861","v":{"v":397,"d":"R 397.00"}},{"v":38,"d":"R 38.00"},{"v":38,"d":"38.00"},{"v":38500,"d":"R 38,500.00"},{"v":38500,"d":"R 38,500.00"},{"v":200,"d":"R 200.00"},{"v":200,"d":"R 200.00"},{"v":400,"d":"R 400.00"},{"v":400,"d":"R 400.00"},{"v":1,"d":"1.00"},{"v":2956.59,"d":"R 2,956.59"},{"$f":"Q861*R861","v":{"v":2956.59,"d":"R 2,956.59"}},{"v":1,"d":"1.00"},{"v":5400,"d":"R 5,400.00"},{"v":5400,"d":"R 5,400.00"},{"v":1,"d":"1.00"},{"v":1684.8,"d":"R 1,684.80"},{"$f":"W861*X861","v":{"v":1684.8,"d":"R 1,684.80"}},{"v":1,"d":"1.00"},{"v":650,"d":"R 650.00"},{"$f":"Z861*AA861","v":{"v":650,"d":"R 650.00"}},{"v":1,"d":"1.00"},null,{"$f":"AC861*AD861","v":0}]
[{"$nulls":9},{"v":0,"d":"0.00"},null,0,null,0,null,0]
[null,160,null,"Install","No",{"v":1,"d":"1.00"},{"v":40,"d":"R 40.00"},{"$f":"F863*G863","v":{"v":40,"d":"R 40.00"}},{"v":6.5,"d":"R 6.50"},{"v":6.5,"d":"6.50"},{"v":1850,"d":"R 1,850.00"},{"v":1850,"d":"R 1,850.00"},{"v":50,"d":"R 50.00"},{"v":50,"d":"R 50.00"},{"v":50,"d":"R 50.00"},{"v":50,"d":"R 50.00"},{"v":1,"d":"1.00"},{"v":591.32,"d":"R 591.32"},{"$f":"Q863*R863","v":{"v":591.32,"d":"R 591.32"}},{"v":1,"d":"1.00"},{"v":1440,"d":"R 1,440.00"},{"v":1440,"d":"R 1,440.00"},{"v":1,"d":"1.00"},{"v":60.48,"d":"R 60.48"},{"$f":"W863*X863","v":{"v":60.48,"d":"R 60.48"}},{"v":1,"d":"1.00"},{"v":100,"d":"R 100.00"},{"$f":"Z863*AA863","v":{"v":100,"d":"R 100.00"}},{"v":1,"d":"1.00"},null,{"$f":"AC863*AD863","v":0}]
[]
[{"$nulls":3},"TRUNKING-ELECTRICAL WIRING"]
[]
[{"$nulls":3},"Supply and install trunking as specified in the position as indicated on the drawings."]
[]
[{"$nulls":3},"Trunking - 1mm Sheet steel, 127x76,2 with clip-on cover. Corrosion Protection: Hot-Dipped Galvanised to SANS 1763. Exposed surfaces on outside wall shall be beiged epoxy-powder coating."]
[]
[null,161,null,"Supply","m",{"v":25,"d":"25.00"},{"v":317,"d":"R 317.00"},{"$f":"F871*G871","v":{"v":7925,"d":"R 7,925.00"}},{"v":210,"d":"R 210.00"},{"$f":"F871*I871","v":{"v":5250,"d":"5250.00"}},{"v":345,"d":"R 345.00"},{"$f":"F871*K871","v":{"v":8625,"d":"R 8,625.00"}},{"$f":"650/2.5","v":{"v":260,"d":"R 260.00"}},{"$f":"F871*M871","v":{"v":6500,"d":"R 6,500.00"}},{"v":80,"d":"R 80.00"},{"$f":"F871*O871","v":{"v":2000,"d":"R 2,000.00"}},{"v":25,"d":"25.00"},{"v":354.79,"d":"R 354.79"},{"$f":"Q871*R871","v":{"v":8869.75,"d":"R 8,869.75"}},{"v":25,"d":"25.00"},{"v":264,"d":"R 264.00"},{"v":6600,"d":"R 6,600.00"},{"v":25,"d":"25.00"},{"v":340.2,"d":"R 340.20"},{"$f":"W871*X871","v":{"v":8505,"d":"R 8,505.00"}},{"v":25,"d":"25.00"},{"v":450,"d":"R 450.00"},{"$f":"Z871*AA871","v":{"v":11250,"d":"R 11,250.00"}},{"v":25,"d":"25.00"},null,{"$f":"AC871*AD871","v":0}]
[{"$nulls":9},{"v":0,"d":"0.00"},null,0,null,0,null,0]
[null,162,null,"Install","m",{"v":25,"d":"25.00"},{"v":48,"d":"R 48.00"},{"$f":"F873*G873","v":{"v":1200,"d":"R 1,200.00"}},{"v":38,"d":"R 38.00"},{"v":950,"d":"950.00"},{"v":200,"d":"R 200.00"},{"v":5000,"d":"R 5,000.00"},{"v":50,"d":"R 50.00"},{"v":1250,"d":"R 1,250.00"},{"v":15,"d":"R 15.00"},{"v":375,"d":"R 375.00"},{"v":25,"d":"25.00"},{"v":177.4,"d":"R 177.40"},{"$f":"Q873*R873","v":{"v":4435,"d":"R 4,435.00"}},{"v":25,"d":"25.00"},{"v":120,"d":"R 120.00"},{"v":3000,"d":"R 3,000.00"},{"v":25,"d":"25.00"},{"v":400,"d":"R 400.00"},{"$f":"W873*X873","v":{"v":10000,"d":"R 10,000.00"}},{"v":25,"d":"25.00"},{"v":65,"d":"R 65.00"},{"$f":"Z873*AA873","v":{"v":1625,"d":"R 1,625.00"}},{"v":25,"d":"25.00"},null,{"$f":"AC873*AD873","v":0}]
[{"$nulls":9},{"v":0,"d":"0.00"},null,0,null,0,null,0]
[{"$nulls":3},"Cover plate",{"$nulls":5},{"v":0,"d":"0.00"},null,0,null,0,null,0]
[{"$nulls":9},{"v":0,"d":"0.00"},null,0,null,0,null,0]
[null,163,null,"Supply","m",{"v":25,"d":"25.00"},{"v":106,"d":"R 106.00"},{"$f":"F877*G877","v":{"v":2650,"d":"R 2,650.00"}},{"v":110,"d":"R 110.00"},{"v":2750,"d":"2750.00"},{"v":600,"d":"R 600.00"},{"v":15000,"d":"R 15,000.00"},{"v":60,"d":"R 60.00"},{"v":1500,"d":"R 1,500.00"},{"v":20,"d":"R 20.00"},{"v":500,"d":"R 500.00"},{"v":25,"d":"25.00"},{"v":177.4,"d":"R 177.40"},{"$f":"Q877*R877","v":{"v":4435,"d":"R 4,435.00"}},{"v":25,"d":"25.00"},{"v":2268,"d":"R 2,268.00"},{"v":56700,"d":"R 56,700.00"},{"v":25,"d":"25.00"},{"v":540,"d":"R 540.00"},{"$f":"W877*X877","v":{"v":13500,"d":"R 13,500.00"}},{"v":25,"d":"25.00"},{"v":160,"d":"R 160.00"},{"$f":"Z877*AA877","v":{"v":4000,"d":"R 4,000.00"}},{"v":25,"d":"25.00"},null,{"$f":"AC877*AD877","v":0}]
[{"$nulls":9},{"v":0,"d":"0.00"},null,0,null,0,null,0]
[null,164,null,"Install","m",{"v":25,"d":"25.00"},{"v":16,"d":"R 16.00"},{"$f":"F879*G879","v":{"v":400,"d":"R 400.00"}},{"v":17,"d":"R 17.00"},{"v":425,"d":"425.00"},{"v":200,"d":"R 200.00"},{"v":5000,"d":"R 5,000.00"},{"v":20,"d":"R 20.00"},{"v":500,"d":"R 500.00"},{"v":8,"d":"R 8.00"},{"v":200,"d":"R 200.00"},{"v":25,"d":"25.00"},{"v":118.26,"d":"R 118.26"},{"$f":"Q879*R879","v":{"v":2956.5,"d":"R 2,956.50"}},{"v":25,"d":"25.00"},{"v":264,"d":"R 264.00"},{"v":6600,"d":"R 6,600.00"},{"v":25,"d":"25.00"},{"v":702,"d":"R 702.00"},{"$f":"W879*X879","v":{"v":17550,"d":"R 17,550.00"}},{"v":25,"d":"25.00"},{"v":20,"d":"R 20.00"},{"$f":"Z879*AA879","v":{"v":500,"d":"R 500.00"}},{"v":25,"d":"25.00"},null,{"$f":"AC879*AD879","v":0}]
[{"$nulls":9},{"v":0,"d":"0.00"},null,0,null,0,null,0]
[{"$nulls":3},"90º Elbow",{"$nulls":5},{"v":0,"d":"0.00"},null,0,null,0,null,0]
[{"$nulls":9},{"v":0,"d":"0.00"},null,0,null,0,null,0]
[null,165,null,"Supply","No",{"v":3,"d":"3.00"},{"v":112,"d":"R 112.00"},{"$f":"F883*G883","v":{"v":336,"d":"R 336.00"}},{"v":110,"d":"R 110.00"},{"$f":"F883*I883","v":{"v":330,"d":"330.00"}},{"v":800,"d":"R 800.00"},{"v":2400,"d":"R 2,400.00"},{"v":150,"d":"R 150.00"},{"v":450,"d":"R 450.00"},{"v":60,"d":"R 60.00"},{"v":180,"d":"R 180.00"},{"v":3,"d":"3.00"},{"v":354.79,"d":"R 354.79"},{"$f":"Q883*R883","v":{"v":1064.3700000000001,"d":"R 1,064.37"}},{"v":3,"d":"3.00"},{"v":540,"d":"R 540.00"},{"v":1620,"d":"R 1,620.00"},{"v":3,"d":"3.00"},{"v":2322,"d":"R 2,322.00"},{"$f":"W883*X883","v":{"v":6966,"d":"R 6,966.00"}},{"v":3,"d":"3.00"},{"v":160,"d":"R 160.00"},{"$f":"Z883*AA883","v":{"v":480,"d":"R 480.00"}},{"v":3,"d":"3.00"},null,{"$f":"AC883*AD883","v":0}]
[{"$nulls":9},{"v":0,"d":"0.00"},null,0,null,0,null,0]
[null,166,null,"Install","No",{"v":3,"d":"3.00"},{"v":17,"d":"R 17.00"},{"$f":"F885*G885","v":{"v":51,"d":"R 51.00"}},{"v":17,"d":"R 17.00"},{"v":51,"d":"51.00"},{"v":250,"d":"R 250.00"},{"v":750,"d":"R 750.00"},{"v":50,"d":"R 50.00"},{"v":150,"d":"R 150.00"},{"v":12,"d":"R 12.00"},{"v":36,"d":"R 36.00"},{"v":3,"d":"3.00"},{"v":177.4,"d":"R 177.40"},{"$f":"Q885*R885","v":{"v":532.2,"d":"R 532.20"}},{"v":3,"d":"3.00"},{"v":62.4,"d":"R 62.40"},{"v":187.2,"d":"R 187.20"},{"v":3,"d":"3.00"},{"v":3834,"d":"R 3,834.00"},{"$f":"W885*X885","v":{"v":11502,"d":"R 11,502.00"}},{"v":3,"d":"3.00"},{"v":20,"d":"R 20.00"},{"$f":"Z885*AA885","v":{"v":60,"d":"R 60.00"}},{"v":3,"d":"3.00"},null,{"$f":"AC885*AD885","v":0}]
[{"$nulls":9},{"v":0,"d":"0.00"},null,0,null,0,null,0]
[{"$nulls":3},"Tee",{"$nulls":5},{"v":0,"d":"0.00"},null,0,null,0,null,0]
[{"$nulls":9},{"v":0,"d":"0.00"},null,0,null,0,null,0]
[null,167,null,"Supply","No",{"v":3,"d":"3.00"},{"v":242,"d":"R 242.00"},{"$f":"F889*G889","v":{"v":726,"d":"R 726.00"}},{"v":130,"d":"R 130.00"},{"v":390,"d":"390.00"},{"v":2250,"d":"R 2,250.00"},{"v":6750,"d":"R 6,750.00"},{"v":200,"d":"R 200.00"},{"v":600,"d":"R 600.00"},{"v":60,"d":"R 60.00"},{"v":180,"d":"R 180.00"},{"v":3,"d":"3.00"},{"v":354.79,"d":"R 354.79"},{"$f":"Q889*R889","v":{"v":1064.3700000000001,"d":"R 1,064.37"}},{"v":3,"d":"3.00"},{"v":672,"d":"R 672.00"},{"v":2016,"d":"R 2,016.00"},{"v":3,"d":"3.00"},{"v":3834,"d":"R 3,834.00"},{"$f":"W889*X889","v":{"v":11502,"d":"R 11,502.00"}},{"v":3,"d":"3.00"},{"v":160,"d":"R 160.00"},{"$f":"Z889*AA889","v":{"v":480,"d":"R 480.00"}},{"v":3,"d":"3.00"},null,{"$f":"AC889*AD889","v":0}]
[{"$nulls":9},{"v":0,"d":"0.00"},null,0,null,0,null,0]
[null,168,null,"Install","No",{"v":3,"d":"3.00"},{"v":36,"d":"R 36.00"},{"$f":"F891*G891","v":{"v":108,"d":"R 108.00"}},{"v":17,"d":"R 17.00"},{"v":51,"d":"51.00"},{"v":350,"d":"R 350.00"},{"v":1050,"d":"R 1,050.00"},{"v":50,"d":"R 50.00"},{"v":150,"d":"R 150.00"},{"v":12,"d":"R 12.00"},{"v":36,"d":"R 36.00"},{"v":3,"d":"3.00"},{"v":177.4,"d":"R 177.40"},{"$f":"Q891*R891","v":{"v":532.2,"d":"R 532.20"}},{"v":3,"d":"3.00"},{"v":62.4,"d":"R 62.40"},{"v":187.2,"d":"R 187.20"},{"v":3,"d":"3.00"},{"v":3834,"d":"R 3,834.00"},{"$f":"W891*X891","v":{"v":11502,"d":"R 11,502.00"}},{"v":3,"d":"3.00"},{"v":20,"d":"R 20.00"},{"$f":"Z891*AA891","v":{"v":60,"d":"R 60.00"}},{"v":3,"d":"3.00"},null,{"$f":"AC891*AD891","v":0}]
[{"$nulls":9},{"v":0,"d":"0.00"},null,0,null,0,null,0]
[{"$nulls":3},"End Cap",{"$nulls":5},{"v":0,"d":"0.00"},null,0,null,0,null,0]
[{"$nulls":9},{"v":0,"d":"0.00"},null,0,null,0,null,0]
[null,169,null,"Supply","No",{"v":3,"d":"3.00"},{"v":112,"d":"R 112.00"},{"$f":"F895*G895","v":{"v":336,"d":"R 336.00"}},{"v":110,"d":"R 110.00"},{"v":330,"d":"330.00"},{"v":3850,"d":"R 3,850.00"},{"v":11550,"d":"R 11,550.00"},{"v":100,"d":"R 100.00"},{"v":300,"d":"R 300.00"},{"v":60,"d":"R 60.00"},{"v":180,"d":"R 180.00"},{"v":3,"d":"3.00"},{"v":236.53,"d":"R 236.53"},{"$f":"Q895*R895","v":{"v":709.59,"d":"R 709.59"}},{"v":3,"d":"3.00"},{"v":408,"d":"R 408.00"},{"v":1224,"d":"R 1,224.00"},{"v":3,"d":"3.00"},{"v":918,"d":"R 918.00"},{"$f":"W895*X895","v":{"v":2754,"d":"R 2,754.00"}},{"v":3,"d":"3.00"},{"v":180,"d":"R 180.00"},{"$f":"Z895*AA895","v":{"v":540,"d":"R 540.00"}},{"v":3,"d":"3.00"},null,{"$f":"AC895*AD895","v":0}]
[{"$nulls":9},{"v":0,"d":"0.00"},null,0,null,0,null,0]
[null,170,null,"Install","No",{"v":3,"d":"3.00"},{"v":17,"d":"R 17.00"},{"$f":"F897*G897","v":{"v":51,"d":"R 51.00"}},{"v":6.5,"d":"R 6.50"},{"v":19.5,"d":"19.50"},{"v":350,"d":"R 350.00"},{"v":1050,"d":"R 1,050.00"},{"v":50,"d":"R 50.00"},{"v":150,"d":"R 150.00"},{"v":12,"d":"R 12.00"},{"v":36,"d":"R 36.00"},{"v":3,"d":"3.00"},{"v":177.4,"d":"R 177.40"},{"$f":"Q897*R897","v":{"v":532.2,"d":"R 532.20"}},{"v":3,"d":"3.00"},{"v":62.4,"d":"R 62.40"},{"v":187.2,"d":"R 187.20"},{"v":3,"d":"3.00"},{"v":162,"d":"R 162.00"},{"$f":"W897*X897","v":{"v":486,"d":"R 486.00"}},{"v":3,"d":"3.00"},{"v":20,"d":"R 20.00"},{"$f":"Z897*AA897","v":{"v":60,"d":"R 60.00"}},{"v":3,"d":"3.00"},null,{"$f":"AC897*AD897","v":0}]
[{"$nulls":9},{"v":0,"d":"0.00"},null,0,null,0,null,0]
[{"$nulls":3},"4-Way",{"$nulls":5},{"v":0,"d":"0.00"},null,0,null,0,null,0]
[{"$nulls":9},{"v":0,"d":"0.00"},null,0,null,0,null,0]
[null,171,null,"Supply","No",{"v":1,"d":"1.00"},{"v":265,"d":"R 265.00"},{"$f":"F901*G901","v":{"v":265,"d":"R 265.00"}},{"v":110,"d":"R 110.00"},{"v":110,"d":"110.00"},{"v":3850,"d":"R 3,850.00"},{"v":3850,"d":"R 3,850.00"},{"v":200,"d":"R 200.00"},{"v":200,"d":"R 200.00"},{"v":60,"d":"R 60.00"},{"v":60,"d":"R 60.00"},{"v":1,"d":"1.00"},{"v":354.79,"d":"R 354.79"},{"$f":"Q901*R901","v":{"v":354.79,"d":"R 354.79"}},{"v":1,"d":"1.00"},{"v":816,"d":"R 816.00"},{"v":816,"d":"R 816.00"},{"v":1,"d":"1.00"},{"v":918,"d":"R 918.00"},{"$f":"W901*X901","v":{"v":918,"d":"R 918.00"}},{"v":1,"d":"1.00"},{"v":250,"d":"R 250.00"},{"$f":"Z901*AA901","v":{"v":250,"d":"R 250.00"}},{"v":1,"d":"1.00"},null,{"$f":"AC901*AD901","v":0}]
[{"$nulls":9},{"v":0,"d":"0.00"},null,0,null,0,null,0]
[null,172,null,"Install","No",{"v":1,"d":"1.00"},{"v":40,"d":"R 40.00"},{"$f":"F903*G903","v":{"v":40,"d":"R 40.00"}},{"v":6.5,"d":"R 6.50"},{"v":6.5,"d":"6.50"},{"v":450,"d":"R 450.00"},{"v":450,"d":"R 450.00"},{"v":50,"d":"R 50.00"},{"v":50,"d":"R 50.00"},{"v":12,"d":"R 12.00"},{"v":12,"d":"R 12.00"},{"v":1,"d":"1.00"},{"v":177.4,"d":"R 177.40"},{"$f":"Q903*R903","v":{"v":177.4,"d":"R 177.40"}},{"v":1,"d":"1.00"},{"v":79.2,"d":"R 79.20"},{"v":79.2,"d":"R 79.20"},{"v":1,"d":"1.00"},{"v":702,"d":"R 702.00"},{"$f":"W903*X903","v":{"v":702,"d":"R 702.00"}},{"v":1,"d":"1.00"},{"v":20,"d":"R 20.00"},{"$f":"Z903*AA903","v":{"v":20,"d":"R 20.00"}},{"v":1,"d":"1.00"},null,{"$f":"AC903*AD903","v":0}]
[{"$nulls":9},{"v":0,"d":"0.00"},null,0,null,0,null,0]
[{"$nulls":3},"Distribution Board Outlet",{"$nulls":5},{"v":0,"d":"0.00"},null,0,null,0,null,0]
[{"$nulls":9},{"v":0,"d":"0.00"},null,0,null,0,null,0]
[null,173,null,"Supply","No",{"v":2,"d":"2.00"},{"v":5750,"d":"R 5,750.00"},{"$f":"F907*G907","v":{"v":11500,"d":"R 11,500.00"}},{"v":610,"d":"R 610.00"},{"v":1220,"d":"1220.00"},{"v":3850,"d":"R 3,850.00"},{"v":7700,"d":"R 7,700.00"},{"v":100,"d":"R 100.00"},{"v":200,"d":"R 200.00"},{"v":200,"d":"R 200.00"},{"v":400,"d":"R 400.00"},{"v":2,"d":"2.00"},{"v":1182.64,"d":"R 1,182.64"},{"$f":"Q907*R907","v":{"v":2365.28,"d":"R 2,365.28"}},{"v":2,"d":"2.00"},{"v":300,"d":"R 300.00"},{"v":600,"d":"R 600.00"},{"v":2,"d":"2.00"},{"v":702,"d":"R 702.00"},{"$f":"W907*X907","v":{"v":1404,"d":"R 1,404.00"}},{"v":2,"d":"2.00"},{"v":1500,"d":"R 1,500.00"},{"$f":"Z907*AA907","v":{"v":3000,"d":"R 3,000.00"}},{"v":2,"d":"2.00"},null,{"$f":"AC907*AD907","v":0}]
[{"$nulls":9},{"v":0,"d":"0.00"},null,0,null,0,null,0]
[null,174,null,"Install","No",{"v":2,"d":"2.00"},{"v":863,"d":"R 863.00"},{"$f":"F909*G909","v":{"v":1726,"d":"R 1,726.00"}},{"v":97,"d":"R 97.00"},{"v":194,"d":"194.00"},{"v":370,"d":"R 370.00"},{"v":740,"d":"R 740.00"},{"v":50,"d":"R 50.00"},{"v":100,"d":"R 100.00"},{"v":60,"d":"R 60.00"},{"v":120,"d":"R 120.00"},{"v":2,"d":"2.00"},{"v":591.32,"d":"R 591.32"},{"$f":"Q909*R909","v":{"v":1182.64,"d":"R 1,182.64"}},{"v":2,"d":"2.00"},{"v":132,"d":"R 132.00"},{"v":264,"d":"R 264.00"},{"v":2,"d":"2.00"},{"v":432,"d":"R 432.00"},{"$f":"W909*X909","v":{"v":864,"d":"R 864.00"}},{"v":2,"d":"2.00"},{"v":250,"d":"R 250.00"},{"$f":"Z909*AA909","v":{"v":500,"d":"R 500.00"}},{"v":2,"d":"2.00"},null,{"$f":"AC909*AD909","v":0}]
[{"$nulls":9},{"v":0,"d":"0.00"},null,0,null,0,null,0]
[{"$nulls":3},"CABLE TRAY",{"$nulls":5},{"v":0,"d":"0.00"},null,0,null,0,null,0]
[{"$nulls":9},{"v":0,"d":"0.00"},null,0,null,0,null,0]
[{"$nulls":3}," Cable tray,  Including: bolts, nuts and washers,  coupling pieces,earthing, mounted in service level or ceiling void or roof trusses, hangers, bends, supports.\t",{"$nulls":5},{"v":0,"d":"0.00"},null,0,null,0,null,0]
[{"$nulls":9},{"v":0,"d":"0.00"},null,0,null,0,null,0]
[{"$nulls":3},"O-Line GS50 gridspan wiremesh bable tray fiexed to channels with holding down bolts: 300mm wide",{"$nulls":5},{"v":0,"d":"0.00"},null,0,null,0,null,0]
[{"$nulls":9},{"v":0,"d":"0.00"},null,0,null,0,null,0]
[null,175,null,"Supply","m",{"v":12,"d":"12.00"},{"v":1508,"d":"R 1,508.00"},{"$f":"F917*G917","v":{"v":18096,"d":"R 18,096.00"}},{"v":380,"d":"R 380.00"},{"v":4560,"d":"4560.00"},{"v":900,"d":"R 900.00"},{"v":10800,"d":"R 10,800.00"},{"v":250,"d":"R 250.00"},{"v":3000,"d":"R 3,000.00"},{"v":80,"d":"R 80.00"},{"v":960,"d":"R 960.00"},{"v":12,"d":"12.00"},{"v":354.79,"d":"R 354.79"},{"$f":"Q917*R917","v":{"v":4257.4800000000005,"d":"R 4,257.48"}},{"v":12,"d":"12.00"},{"v":360,"d":"R 360.00"},{"v":4320,"d":"R 4,320.00"},{"v":12,"d":"12.00"},{"v":766.8,"d":"R 766.80"},{"$f":"W917*X917","v":{"v":9201.599999999999,"d":"R 9,201.60"}},{"v":12,"d":"12.00"},{"v":450,"d":"R 450.00"},{"$f":"Z917*AA917","v":{"v":5400,"d":"R 5,400.00"}},{"v":12,"d":"12.00"},null,{"$f":"AC917*AD917","v":0}]
[{"$nulls":9},{"v":0,"d":"0.00"},null,0,null,0,null,0]
[null,176,null,"Install","m",{"v":12,"d":"12.00"},{"v":226,"d":"R 226.00"},{"$f":"F919*G919","v":{"v":2712,"d":"R 2,712.00"}},{"v":55,"d":"R 55.00"},{"v":660,"d":"660.00"},{"v":145,"d":"R 145.00"},{"v":1740,"d":"R 1,740.00"},{"v":50,"d":"R 50.00"},{"v":600,"d":"R 600.00"},{"v":15,"d":"R 15.00"},{"v":180,"d":"R 180.00"},{"v":12,"d":"12.00"},{"v":118.26,"d":"R 118.26"},{"$f":"Q919*R919","v":{"v":1419.1200000000001,"d":"R 1,419.12"}},{"v":12,"d":"12.00"},{"v":360,"d":"R 360.00"},{"v":4320,"d":"R 4,320.00"},{"v":12,"d":"12.00"},{"v":766.8,"d":"R 766.80"},{"$f":"W919*X919","v":{"v":9201.599999999999,"d":"R 9,201.60"}},{"v":12,"d":"12.00"},{"v":100,"d":"R 100.00"},{"$f":"Z919*AA919","v":{"v":1200,"d":"R 1,200.00"}},{"v":12,"d":"12.00"},null,{"$f":"AC919*AD919","v":0}]
[{"$nulls":9},{"v":0,"d":"0.00"},null,0,null,0,null,0]
[{"$nulls":3},"O-Line galvanised channel type OL1000 fixed to wall with anchor bolts",{"$nulls":5},{"v":0,"d":"0.00"},null,0,null,0,null,0]
[null,177,null,"Supply","No",{"v":28,"d":"28.00"},{"v":42,"d":"R 42.00"},{"$f":"F922*G922","v":{"v":1176,"d":"R 1,176.00"}},{"v":400,"d":"R 400.00"},{"v":11200,"d":"11200.00"},{"v":750,"d":"R 750.00"},{"v":21000,"d":"R 21,000.00"},{"v":650,"d":"R 650.00"},{"v":18200,"d":"R 18,200.00"},{"v":710,"d":"R 710.00"},{"v":19880,"d":"R 19,880.00"},{"v":28,"d":"28.00"},{"v":354.79,"d":"R 354.79"},{"$f":"Q922*R922","v":{"v":9934.12,"d":"R 9,934.12"}},{"v":28,"d":"28.00"},{"v":360,"d":"R 360.00"},{"v":10080,"d":"R 10,080.00"},{"v":28,"d":"28.00"},{"v":766.8,"d":"R 766.80"},{"$f":"W922*X922","v":{"v":21470.399999999998,"d":"R 21,470.40"}},{"v":28,"d":"28.00"},{"v":250,"d":"R 250.00"},{"$f":"Z922*AA922","v":{"v":7000,"d":"R 7,000.00"}},{"v":28,"d":"28.00"},null,{"$f":"AC922*AD922","v":0}]
[{"$nulls":9},{"v":0,"d":"0.00"},null,0,null,0,null,0]
[null,178,null,"Install","No",{"v":28,"d":"28.00"},{"v":6,"d":"R 6.00"},{"$f":"F924*G924","v":{"v":168,"d":"R 168.00"}},{"v":50,"d":"R 50.00"},{"v":1400,"d":"1400.00"},{"v":145,"d":"R 145.00"},{"v":4060,"d":"R 4,060.00"},{"v":150,"d":"R 150.00"},{"v":4200,"d":"R 4,200.00"},{"v":90,"d":"R 90.00"},{"v":2520,"d":"R 2,520.00"},{"v":28,"d":"28.00"},{"v":118.26,"d":"R 118.26"},{"$f":"Q924*R924","v":{"v":3311.28,"d":"R 3,311.28"}},{"v":28,"d":"28.00"},{"v":360,"d":"R 360.00"},{"v":10080,"d":"R 10,080.00"},{"v":28,"d":"28.00"},{"v":156.6,"d":"R 156.60"},{"$f":"W924*X924","v":{"v":4384.8,"d":"R 4,384.80"}},{"v":28,"d":"28.00"},{"v":50,"d":"R 50.00"},{"$f":"Z924*AA924","v":{"v":1400,"d":"R 1,400.00"}},{"v":28,"d":"28.00"},null,{"$f":"AC924*AD924","v":0}]
[{"$nulls":9},{"v":0,"d":"0.00"},null,0,null,0,null,0]
[{"$nulls":3},"Light duty cable tray: 50 mm wide",{"$nulls":5},{"v":0,"d":"0.00"},null,0,null,0,null,0]
[{"$nulls":9},{"v":0,"d":"0.00"},null,0,null,0,null,0]
[null,179,null,"Supply","m",{"v":25,"d":"25.00"},{"v":331,"d":"R 331.00"},{"$f":"F928*G928","v":{"v":8275,"d":"R 8,275.00"}},{"v":180,"d":"R 180.00"},{"v":4500,"d":"4500.00"},{"v":900,"d":"R 900.00"},{"v":22500,"d":"R 22,500.00"},{"v":150,"d":"R 150.00"},{"v":3750,"d":"R 3,750.00"},{"v":230,"d":"R 230.00"},{"v":5750,"d":"R 5,750.00"},{"v":25,"d":"25.00"},{"v":413.92,"d":"R 413.92"},{"$f":"Q928*R928","v":{"v":10348,"d":"R 10,348.00"}},{"v":25,"d":"25.00"},{"v":90,"d":"R 90.00"},{"v":2250,"d":"R 2,250.00"},{"v":25,"d":"25.00"},{"v":972,"d":"R 972.00"},{"$f":"W928*X928","v":{"v":24300,"d":"R 24,300.00"}},{"v":25,"d":"25.00"},{"v":350,"d":"R 350.00"},{"$f":"Z928*AA928","v":{"v":8750,"d":"R 8,750.00"}},{"v":25,"d":"25.00"},null,{"$f":"AC928*AD928","v":0}]
[{"$nulls":9},{"v":0,"d":"0.00"},null,0,null,0,null,0]
[null,180,null,"Install","m",{"v":25,"d":"25.00"},{"v":50,"d":"R 50.00"},{"$f":"F930*G930","v":{"v":1250,"d":"R 1,250.00"}},{"v":38,"d":"R 38.00"},{"v":950,"d":"950.00"},{"v":145,"d":"R 145.00"},{"$f":"F930*K930","v":{"v":3625,"d":"R 3,625.00"}},{"v":50,"d":"R 50.00"},{"$f":"F930*M930","v":{"v":1250,"d":"R 1,250.00"}},{"v":60,"d":"R 60.00"},{"v":1500,"d":"R 1,500.00"},{"v":25,"d":"25.00"},{"v":118.26,"d":"R 118.26"},{"$f":"Q930*R930","v":{"v":2956.5,"d":"R 2,956.50"}},{"v":25,"d":"25.00"},{"v":120,"d":"R 120.00"},{"v":3000,"d":"R 3,000.00"},{"v":25,"d":"25.00"},{"v":156.6,"d":"R 156.60"},{"$f":"W930*X930","v":{"v":3915,"d":"R 3,915.00"}},{"v":25,"d":"25.00"},{"v":20,"d":"R 20.00"},{"$f":"Z930*AA930","v":{"v":500,"d":"R 500.00"}},{"v":25,"d":"25.00"},null,{"$f":"AC930*AD930","v":0}]
[]
[{"$nulls":3},"Horizontal bend for Light duty cable tray:  50 mm wide"]
[]
[null,181,null,"Supply","No",{"v":2,"d":"2.00"},{"v":186,"d":"R 186.00"},{"$f":"F934*G934","v":{"v":372,"d":"R 372.00"}},{"v":120,"d":"R 120.00"},{"$f":"F934*I934","v":{"v":240,"d":"240.00"}},{"v":700,"d":"R 700.00"},{"$f":"F934*K934","v":{"v":1400,"d":"R 1,400.00"}},{"v":250,"d":"R 250.00"},{"$f":"F934*M934","v":{"v":500,"d":"R 500.00"}},{"v":230,"d":"R 230.00"},{"$f":"F934*O934","v":{"v":460,"d":"R 460.00"}},{"v":2,"d":"2.00"},{"v":236.53,"d":"R 236.53"},{"$f":"Q934*R934","v":{"v":473.06,"d":"R 473.06"}},{"v":2,"d":"2.00"},{"v":312,"d":"R 312.00"},{"v":624,"d":"R 624.00"},{"v":2,"d":"2.00"},{"v":756,"d":"R 756.00"},{"$f":"W934*X934","v":{"v":1512,"d":"R 1,512.00"}},{"v":2,"d":"2.00"},{"v":250,"d":"R 250.00"},{"$f":"Z934*AA934","v":{"v":500,"d":"R 500.00"}},{"v":2,"d":"2.00"},null,{"$f":"AC934*AD934","v":0}]
[{"$nulls":9},{"v":0,"d":"0.00"},null,{"$f":"F935*K935","v":0},null,{"$f":"F935*M935","v":0},null,0]
[null,182,null,"Install","No",{"v":2,"d":"2.00"},{"v":28,"d":"R 28.00"},{"$f":"F936*G936","v":{"v":56,"d":"R 56.00"}},{"v":17,"d":"R 17.00"},{"v":34,"d":"34.00"},{"v":70,"d":"R 70.00"},{"v":140,"d":"R 140.00"},{"v":50,"d":"R 50.00"},{"v":100,"d":"R 100.00"},{"v":50,"d":"R 50.00"},{"v":100,"d":"R 100.00"},{"v":2,"d":"2.00"},{"v":177.4,"d":"R 177.40"},{"$f":"Q936*R936","v":{"v":354.8,"d":"R 354.80"}},{"v":2,"d":"2.00"},{"v":180,"d":"R 180.00"},{"v":360,"d":"R 360.00"},{"v":2,"d":"2.00"},{"v":75.6,"d":"R 75.60"},{"$f":"W936*X936","v":{"v":151.2,"d":"R 151.20"}},{"v":2,"d":"2.00"},{"v":20,"d":"R 20.00"},{"$f":"Z936*AA936","v":{"v":40,"d":"R 40.00"}},{"v":2,"d":"2.00"},null,{"$f":"AC936*AD936","v":0}]
[{"$nulls":9},{"v":0,"d":"0.00"},null,0,null,0,null,0]
[{"$nulls":3},"Interior / Exterior bend for Light duty cable tray:  50 mm wide",{"$nulls":5},{"v":0,"d":"0.00"},null,0,null,0,null,0]
[{"$nulls":9},{"v":0,"d":"0.00"},null,0,null,0,null,0]
[null,183,null,"Supply","No",{"v":2,"d":"2.00"},{"v":186,"d":"R 186.00"},{"$f":"F940*G940","v":{"v":372,"d":"R 372.00"}},{"v":120,"d":"R 120.00"},{"v":240,"d":"240.00"},{"v":700,"d":"R 700.00"},{"v":1400,"d":"R 1,400.00"},{"v":250,"d":"R 250.00"},{"v":500,"d":"R 500.00"},{"v":230,"d":"R 230.00"},{"v":460,"d":"R 460.00"},{"v":2,"d":"2.00"},{"v":236.53,"d":"R 236.53"},{"$f":"Q940*R940","v":{"v":473.06,"d":"R 473.06"}},{"v":2,"d":"2.00"},{"v":406.8,"d":"R 406.80"},{"v":813.6,"d":"R 813.60"},{"v":2,"d":"2.00"},{"v":756,"d":"R 756.00"},{"$f":"W940*X940","v":{"v":1512,"d":"R 1,512.00"}},{"v":2,"d":"2.00"},{"v":250,"d":"R 250.00"},{"$f":"Z940*AA940","v":{"v":500,"d":"R 500.00"}},{"v":2,"d":"2.00"},null,{"$f":"AC940*AD940","v":0}]
[{"$nulls":9},{"v":0,"d":"0.00"},null,0,null,0,null,0]
[null,184,null,"Install","No",{"v":2,"d":"2.00"},{"v":28,"d":"R 28.00"},{"$f":"F942*G942","v":{"v":56,"d":"R 56.00"}},{"v":17,"d":"R 17.00"},{"v":34,"d":"34.00"},{"v":70,"d":"R 70.00"},{"v":140,"d":"R 140.00"},{"v":50,"d":"R 50.00"},{"v":100,"d":"R 100.00"},{"v":50,"d":"R 50.00"},{"v":100,"d":"R 100.00"},{"v":2,"d":"2.00"},{"v":177.4,"d":"R 177.40"},{"$f":"Q942*R942","v":{"v":354.8,"d":"R 354.80"}},{"v":2,"d":"2.00"},{"v":360,"d":"R 360.00"},{"v":720,"d":"R 720.00"},{"v":2,"d":"2.00"},{"v":75.6,"d":"R 75.60"},{"$f":"W942*X942","v":{"v":151.2,"d":"R 151.20"}},{"v":2,"d":"2.00"},{"v":20,"d":"R 20.00"},{"$f":"Z942*AA942","v":{"v":40,"d":"R 40.00"}},{"v":2,"d":"2.00"},null,{"$f":"AC942*AD942","v":0}]
[{"$nulls":9},{"v":0,"d":"0.00"},null,0,null,0,null,0]
[{"$nulls":3},"Tee bend for Light duty cable tray:  50 mm wide",{"$nulls":5},{"v":0,"d":"0.00"},null,0,null,0,null,0]
[{"$nulls":9},{"v":0,"d":"0.00"},null,0,null,0,null,0]
[null,185,null,"Supply","No",{"v":2,"d":"2.00"},{"v":274,"d":"R 274.00"},{"$f":"F946*G946","v":{"v":548,"d":"R 548.00"}},{"v":110,"d":"R 110.00"},{"v":220,"d":"220.00"},{"v":450,"d":"R 450.00"},{"v":900,"d":"R 900.00"},{"v":480,"d":"R 480.00"},{"v":960,"d":"R 960.00"},{"v":230,"d":"R 230.00"},{"v":460,"d":"R 460.00"},{"v":2,"d":"2.00"},{"v":236.53,"d":"R 236.53"},{"$f":"Q946*R946","v":{"v":473.06,"d":"R 473.06"}},{"v":2,"d":"2.00"},{"v":882,"d":"R 882.00"},{"v":1764,"d":"R 1,764.00"},{"v":2,"d":"2.00"},{"v":486,"d":"R 486.00"},{"$f":"W946*X946","v":{"v":972,"d":"R 972.00"}},{"v":2,"d":"2.00"},{"v":250,"d":"R 250.00"},{"$f":"Z946*AA946","v":{"v":500,"d":"R 500.00"}},{"v":2,"d":"2.00"},null,{"$f":"AC946*AD946","v":0}]
[{"$nulls":9},{"v":0,"d":"0.00"},null,0,null,0,null,0]
[null,186,null,"Install","No",{"v":2,"d":"2.00"},{"v":41,"d":"R 41.00"},{"$f":"F948*G948","v":{"v":82,"d":"R 82.00"}},{"v":17,"d":"R 17.00"},{"v":34,"d":"34.00"},{"v":90,"d":"R 90.00"},{"v":180,"d":"R 180.00"},{"v":100,"d":"R 100.00"},{"v":200,"d":"R 200.00"},{"v":50,"d":"R 50.00"},{"v":100,"d":"R 100.00"},{"v":2,"d":"2.00"},{"v":177.4,"d":"R 177.40"},{"$f":"Q948*R948","v":{"v":354.8,"d":"R 354.80"}},{"v":2,"d":"2.00"},{"v":360,"d":"R 360.00"},{"v":720,"d":"R 720.00"},{"v":2,"d":"2.00"},{"v":97.2,"d":"R 97.20"},{"$f":"W948*X948","v":{"v":194.4,"d":"R 194.40"}},{"v":2,"d":"2.00"},{"v":20,"d":"R 20.00"},{"$f":"Z948*AA948","v":{"v":40,"d":"R 40.00"}},{"v":2,"d":"2.00"},null,{"$f":"AC948*AD948","v":0}]
[{"$nulls":9},{"v":0,"d":"0.00"},null,0,null,0,null,0]
[{"$nulls":3},"4 Way for Light duty cable tray:  50 mm wide",{"$nulls":5},{"v":0,"d":"0.00"},null,0,null,0,null,0]
[{"$nulls":9},{"v":0,"d":"0.00"},null,0,null,0,null,0]
[null,187,null,"Supply","No",{"v":2,"d":"2.00"},{"v":522,"d":"R 522.00"},{"$f":"F952*G952","v":{"v":1044,"d":"R 1,044.00"}},{"v":160,"d":"R 160.00"},{"v":320,"d":"320.00"},{"v":800,"d":"R 800.00"},{"v":1600,"d":"R 1,600.00"},{"v":480,"d":"R 480.00"},{"v":960,"d":"R 960.00"},{"v":230,"d":"R 230.00"},{"v":460,"d":"R 460.00"},{"v":2,"d":"2.00"},{"v":354.79,"d":"R 354.79"},{"$f":"Q952*R952","v":{"v":709.58,"d":"R 709.58"}},{"v":2,"d":"2.00"},{"v":1134,"d":"R 1,134.00"},{"v":2268,"d":"R 2,268.00"},{"v":2,"d":"2.00"},{"v":864,"d":"R 864.00"},{"$f":"W952*X952","v":{"v":1728,"d":"R 1,728.00"}},{"v":2,"d":"2.00"},{"v":300,"d":"R 300.00"},{"$f":"Z952*AA952","v":{"v":600,"d":"R 600.00"}},{"v":2,"d":"2.00"},null,{"$f":"AC952*AD952","v":0}]
[{"$nulls":9},{"v":0,"d":"0.00"},null,0,null,0,null,0]
[null,188,null,"Install","No",{"v":2,"d":"2.00"},{"v":78,"d":"R 78.00"},{"$f":"F954*G954","v":{"v":156,"d":"R 156.00"}},{"v":17,"d":"R 17.00"},{"v":34,"d":"34.00"},{"v":90,"d":"R 90.00"},{"v":180,"d":"R 180.00"},{"v":100,"d":"R 100.00"},{"v":200,"d":"R 200.00"},{"v":50,"d":"R 50.00"},{"v":100,"d":"R 100.00"},{"v":2,"d":"2.00"},{"v":177.4,"d":"R 177.40"},{"$f":"Q954*R954","v":{"v":354.8,"d":"R 354.80"}},{"v":2,"d":"2.00"},{"v":420,"d":"R 420.00"},{"v":840,"d":"R 840.00"},{"v":2,"d":"2.00"},{"v":105.84,"d":"R 105.84"},{"$f":"W954*X954","v":{"v":211.68,"d":"R 211.68"}},{"v":2,"d":"2.00"},{"v":20,"d":"R 20.00"},{"$f":"Z954*AA954","v":{"v":40,"d":"R 40.00"}},{"v":2,"d":"2.00"},null,{"$f":"AC954*AD954","v":0}]
[{"$nulls":9},{"v":0,"d":"0.00"},null,0,null,0,null,0]
[{"$nulls":3},"Splice Set  screws for Light duty cable tray:  50 mm wide",{"$nulls":5},{"v":0,"d":"0.00"},null,0,null,0,null,0]
[{"$nulls":9},{"v":0,"d":"0.00"},null,0,null,0,null,0]
[null,189,null,"Supply","No",{"v":2,"d":"2.00"},{"v":66,"d":"R 66.00"},{"$f":"F958*G958","v":{"v":132,"d":"R 132.00"}},{"v":300,"d":"R 300.00"},{"v":600,"d":"600.00"},{"v":800,"d":"R 800.00"},{"v":1600,"d":"R 1,600.00"},{"v":150,"d":"R 150.00"},{"v":300,"d":"R 300.00"},{"v":230,"d":"R 230.00"},{"v":460,"d":"R 460.00"},{"v":2,"d":"2.00"},{"v":236.53,"d":"R 236.53"},{"$f":"Q958*R958","v":{"v":473.06,"d":"R 473.06"}},{"v":2,"d":"2.00"},{"v":90,"d":"R 90.00"},{"v":180,"d":"R 180.00"},{"v":2,"d":"2.00"},{"v":864,"d":"R 864.00"},{"$f":"W958*X958","v":{"v":1728,"d":"R 1,728.00"}},{"v":2,"d":"2.00"},{"v":300,"d":"R 300.00"},{"$f":"Z958*AA958","v":{"v":600,"d":"R 600.00"}},{"v":2,"d":"2.00"},null,{"$f":"AC958*AD958","v":0}]
[{"$nulls":9},{"v":0,"d":"0.00"},null,0,null,0,null,0]
[null,190,null,"Install","No",{"v":2,"d":"2.00"},{"v":10,"d":"R 10.00"},{"$f":"F960*G960","v":{"v":20,"d":"R 20.00"}},{"v":17,"d":"R 17.00"},{"v":34,"d":"34.00"},{"v":100,"d":"R 100.00"},{"v":200,"d":"R 200.00"},{"v":50,"d":"R 50.00"},{"v":100,"d":"R 100.00"},{"v":50,"d":"R 50.00"},{"v":100,"d":"R 100.00"},{"v":2,"d":"2.00"},{"v":177.4,"d":"R 177.40"},{"$f":"Q960*R960","v":{"v":354.8,"d":"R 354.80"}},{"v":2,"d":"2.00"},{"v":120,"d":"R 120.00"},{"v":240,"d":"R 240.00"},{"v":2,"d":"2.00"},{"v":97.2,"d":"R 97.20"},{"$f":"W960*X960","v":{"v":194.4,"d":"R 194.40"}},{"v":2,"d":"2.00"},{"v":20,"d":"R 20.00"},{"$f":"Z960*AA960","v":{"v":40,"d":"R 40.00"}},{"v":2,"d":"2.00"},null,{"$f":"AC960*AD960","v":0}]
[{"$nulls":9},{"v":0,"d":"0.00"},null,0,null,0,null,0]
[{"$nulls":3},"Cover for Light duty cable tray:  50 mm wide",{"$nulls":5},{"v":0,"d":"0.00"},null,0,null,0,null,0]
[{"$nulls":9},{"v":0,"d":"0.00"},null,0,null,0,null,0]
[null,191,null,"Supply","No",{"v":2,"d":"2.00"},{"v":139,"d":"R 139.00"},{"$f":"F964*G964","v":{"v":278,"d":"R 278.00"}},{"v":230,"d":"R 230.00"},{"v":460,"d":"460.00"},{"v":800,"d":"R 800.00"},{"v":1600,"d":"R 1,600.00"},{"v":150,"d":"R 150.00"},{"v":300,"d":"R 300.00"},{"v":230,"d":"R 230.00"},{"v":460,"d":"R 460.00"},{"v":2,"d":"2.00"},{"v":236.53,"d":"R 236.53"},{"$f":"Q964*R964","v":{"v":473.06,"d":"R 473.06"}},{"v":2,"d":"2.00"},{"v":144,"d":"R 144.00"},{"v":288,"d":"R 288.00"},{"v":2,"d":"2.00"},{"v":864,"d":"R 864.00"},{"$f":"W964*X964","v":{"v":1728,"d":"R 1,728.00"}},{"v":2,"d":"2.00"},{"v":150,"d":"R 150.00"},{"$f":"Z964*AA964","v":{"v":300,"d":"R 300.00"}},{"v":2,"d":"2.00"},null,{"$f":"AC964*AD964","v":0}]
[{"$nulls":9},{"v":0,"d":"0.00"},null,0,null,0,null,0]
[null,192,null,"Install","No",{"v":2,"d":"2.00"},{"v":21,"d":"R 21.00"},{"$f":"F966*G966","v":{"v":42,"d":"R 42.00"}},{"v":17,"d":"R 17.00"},{"v":34,"d":"34.00"},{"v":100,"d":"R 100.00"},{"v":200,"d":"R 200.00"},{"v":50,"d":"R 50.00"},{"v":100,"d":"R 100.00"},{"v":50,"d":"R 50.00"},{"v":100,"d":"R 100.00"},{"v":2,"d":"2.00"},{"v":118.26,"d":"R 118.26"},{"$f":"Q966*R966","v":{"v":236.52,"d":"R 236.52"}},{"v":2,"d":"2.00"},{"v":120,"d":"R 120.00"},{"v":240,"d":"R 240.00"},{"v":2,"d":"2.00"},{"v":108,"d":"R 108.00"},{"$f":"W966*X966","v":{"v":216,"d":"R 216.00"}},{"v":2,"d":"2.00"},{"v":20,"d":"R 20.00"},{"$f":"Z966*AA966","v":{"v":40,"d":"R 40.00"}},{"v":2,"d":"2.00"},null,{"$f":"AC966*AD966","v":0}]
[{"$nulls":9},{"v":0,"d":"0.00"},null,0,null,0,null,0]
[{"$nulls":3},"160mm Dia. Cableflex comms sleeves including excavations and backfilling as detailed on drawing 0,53/2129",{"$nulls":5},{"v":0,"d":"0.00"},null,0,null,0,null,0]
[{"$nulls":9},{"v":0,"d":"0.00"},null,0,null,0,null,0]
[null,193,null,"3-off comms cable sleeves","m",{"v":250,"d":"250.00"},{"v":129,"d":"R 129.00"},{"$f":"F970*G970","v":{"v":32250,"d":"R 32,250.00"}},{"v":38,"d":"R 38.00"},{"v":9500,"d":"9500.00"},{"v":167,"d":"R 167.00"},{"v":41750,"d":"R 41,750.00"},{"v":450,"d":"R 450.00"},{"v":112500,"d":"R 112,500.00"},{"v":30,"d":"R 30.00"},{"v":7500,"d":"R 7,500.00"},{"v":250,"d":"250.00"},{"v":972,"d":"R 972.00"},{"$f":"Q970*R970","v":{"v":243000,"d":"R 243,000.00"}},{"v":250,"d":"250.00"},{"v":576,"d":"R 576.00"},{"v":144000,"d":"R 144,000.00"},{"v":250,"d":"250.00"},{"v":523.8,"d":"R 523.80"},{"$f":"W970*X970","v":{"v":130949.99999999999,"d":"R 130,950.00"}},{"v":250,"d":"250.00"},{"v":260,"d":"R 260.00"},{"$f":"Z970*AA970","v":{"v":65000,"d":"R 65,000.00"}},{"v":250,"d":"250.00"},null,{"$f":"AC970*AD970","v":0}]
[{"$nulls":9},{"v":0,"d":"0.00"},null,0,null,0,null,0]
[null,194,null,"Drawboxes","No",{"v":10,"d":"10.00"},{"v":19,"d":"R 19.00"},{"$f":"F972*G972","v":{"v":190,"d":"R 190.00"}},{"v":78,"d":"R 78.00"},{"v":780,"d":"780.00"},{"v":75,"d":"R 75.00"},{"v":750,"d":"R 750.00"},{"v":2500,"d":"R 2,500.00"},{"v":25000,"d":"R 25,000.00"},{"v":160,"d":"R 160.00"},{"v":1600,"d":"R 1,600.00"},{"v":10,"d":"10.00"},{"v":8640,"d":"R 8,640.00"},{"$f":"Q972*R972","v":{"v":86400,"d":"R 86,400.00"}},{"v":10,"d":"10.00"},{"v":7260,"d":"R 7,260.00"},{"v":72600,"d":"R 72,600.00"},{"v":10,"d":"10.00"},{"v":108,"d":"R 108.00"},{"$f":"W972*X972","v":{"v":1080,"d":"R 1,080.00"}},{"v":10,"d":"10.00"},{"v":450,"d":"R 450.00"},{"$f":"Z972*AA972","v":{"v":4500,"d":"R 4,500.00"}},{"v":3,"d":"3.00"},null,{"$f":"AC972*AD972","v":0}]
[]
[{"$nulls":3},"SUPPLY AND INSTALL MANHOLES "]
[]
[{"$nulls":3},"Manhole as per drawing 0.54/390 sheet 1 not exceeding 1m deep including medium duty manhole cover and frame on all excavations, backfilling and etc complete","No.",2,12480.37,{"$nulls":21},{"v":1,"d":"1.00"},null,{"$f":"AC976*AD976","v":0}]
[]
[{"$nulls":3},"Ditto as above exceeding 1m not exceeding 1,5m","No.",2,12912.37,{"$nulls":21},{"v":1,"d":"1.00"},null,{"$f":"AC978*AD978","v":0}]
[]
[{"$nulls":9},{"v":0,"d":"0.00"},null,0,null,0,null,0]
[{"$nulls":3},"AS-BUILT DRAWINGS",{"$nulls":5},{"v":0,"d":"0.00"},null,0,null,0,null,0]
[{"$nulls":9},{"v":0,"d":"0.00"},null,0,null,0,null,0]
[{"$nulls":3},"Supply the engineer with as build drawings as specified.",{"$nulls":5},{"v":0,"d":"0.00"},null,0,null,0,null,0]
[{"$nulls":9},{"v":0,"d":"0.00"},null,0,null,0,null,0]
[null,195,null,"As-built drawings","Item",{"v":1,"d":"1.00"},{"v":4025,"d":"R 4,025.00"},{"$f":"F985*G985","v":{"v":4025,"d":"R 4,025.00"}},{"v":6000,"d":"R 6,000.00"},{"v":6000,"d":"6000.00"},{"v":7500,"d":"R 7,500.00"},{"v":7500,"d":"R 7,500.00"},{"v":5000,"d":"R 5,000.00"},{"v":5000,"d":"R 5,000.00"},{"v":8000,"d":"R 8,000.00"},{"v":8000,"d":"R 8,000.00"},{"v":1,"d":"1.00"},{"v":946.111,"d":"R 946.11"},{"$f":"Q985*R985","v":{"v":946.111,"d":"R 946.11"}},{"v":1,"d":"1.00"},{"v":18000,"d":"R 18,000.00"},{"v":18000,"d":"R 18,000.00"},{"v":1,"d":"1.00"},{"v":8100,"d":"R 8,100.00"},{"$f":"W985*X985","v":{"v":8100,"d":"R 8,100.00"}},{"v":1,"d":"1.00"},{"v":2500,"d":"R 2,500.00"},{"$f":"Z985*AA985","v":{"v":2500,"d":"R 2,500.00"}},{"v":1,"d":"1.00"},null,{"$f":"AC985*AD985","v":0}]
[{"$nulls":9},{"v":0,"d":"0.00"},null,0,null,0,null,0]
[{"$nulls":3},"TESTING AND COMMISIONING",{"$nulls":5},{"v":0,"d":"0.00"},null,0,null,0,null,0]
[{"$nulls":9},{"v":0,"d":"0.00"},null,0,null,0,null,0]
[null,196,null,"Testing, Commisioning and Issuing C.O.C for each distribution board by a three phase Master Electrician ECB registered.","Item",{"v":1,"d":"1.00"},{"v":9200,"d":"R 9,200.00"},{"$f":"F989*G989","v":{"v":9200,"d":"R 9,200.00"}},{"v":10000,"d":"R 10,000.00"},{"v":10000,"d":"10000.00"},{"v":5000,"d":"R 5,000.00"},{"v":5000,"d":"R 5,000.00"},{"v":5000,"d":"R 5,000.00"},{"v":5000,"d":"R 5,000.00"},{"v":10000,"d":"R 10,000.00"},{"v":10000,"d":"R 10,000.00"},{"v":1,"d":"1.00"},{"v":5913.18,"d":"R 5,913.18"},{"$f":"Q989*R989","v":{"v":5913.18,"d":"R 5,913.18"}},{"v":1,"d":"1.00"},0,0,{"v":1,"d":"1.00"},{"v":5940,"d":"R 5,940.00"},{"$f":"W989*X989","v":{"v":5940,"d":"R 5,940.00"}},{"v":1,"d":"1.00"},{"v":15000,"d":"R 15,000.00"},{"$f":"Z989*AA989","v":{"v":15000,"d":"R 15,000.00"}},{"v":1,"d":"1.00"},null,{"$f":"AC989*AD989","v":0}]
[{"$nulls":9},{"v":0,"d":"0.00"},null,0,null,0,null,0]
[{"$nulls":3},"External Works:",{"$nulls":5},{"v":0,"d":"0.00"},null,0,null,0,null,0]
[{"$nulls":9},{"v":0,"d":"0.00"},null,0,null,0,null,0]
[null,197,null,"Allow a Provide the sum of R 150 000,00 (Hundred and Fifty Thousand Rand) for external works to be expanded as the Engineer may direct or deduct in whole or in part, if not required.","P. Sum",{"v":1,"d":"1.00"},{"v":100000,"d":"R 100,000.00"},{"$f":"G993","v":{"v":100000,"d":"R 100,000.00"}},{"v":100000,"d":"R 100,000.00"},{"v":100000,"d":"100000.00"},{"v":100000,"d":"R 100,000.00"},{"v":100000,"d":"R 100,000.00"},{"v":100000,"d":"R 100,000.00"},{"v":100000,"d":"R 100,000.00"},{"v":100000,"d":"R 100,000.00"},{"v":100000,"d":"R 100,000.00"},{"v":1,"d":"1.00"},{"v":100000,"d":"R 100,000.00"},{"$f":"R993","v":{"v":100000,"d":"R 100,000.00"}},{"v":1,"d":"1.00"},{"v":100000,"d":"R 100,000.00"},{"v":100000,"d":"R 100,000.00"},{"v":1,"d":"1.00"},{"v":100000,"d":"R 100,000.00"},{"$f":"X993","v":{"v":100000,"d":"R 100,000.00"}},{"v":1,"d":"1.00"},{"v":100000,"d":"R 100,000.00"},{"$f":"AA993","v":{"v":100000,"d":"R 100,000.00"}},{"v":1,"d":"1.00"},null,{"$f":"AD993","v":0}]
[{"$nulls":9},{"v":0,"d":"0.00"},null,0,null,0,null,0]
[null,198,null,"Add Profit and attendance on item above ","%",null,{"v":100000,"d":"R 100,000.00"},{"$f":"G995","v":{"v":100000,"d":"R 100,000.00"}},{"v":10000,"d":"R 10,000.00"},{"v":0,"d":"0.00"},{"v":8000,"d":"R 8,000.00"},0,{"v":5000,"d":"R 5,000.00"},0,{"v":10000,"d":"R 10,000.00"},0,{"v":1,"d":"1.00"},{"v":2000,"d":"R 2,000.00"},{"$f":"R995","v":{"v":2000,"d":"R 2,000.00"}},{"v":7.5,"d":"7.50"},{"v":7500,"d":"R 7,500.00"},{"v":7500,"d":"R 7,500.00"},0.11,{"v":100000,"d":"R 100,000.00"},{"$f":"X995*W995","v":{"v":11000,"d":"R 11,000.00"}},null,{"v":5000,"d":"R 5,000.00"},{"$f":"AA995","v":{"v":5000,"d":"R 5,000.00"}},{"v":0.05,"d":"5%"},null,{"$f":"AD995*AC995","v":0}]
[{"$nulls":9},{"v":0,"d":"0.00"},null,0,null,0,null,0]
[{"$nulls":3},"Budgetary Allowance:",{"$nulls":5},{"v":0,"d":"0.00"},null,0,null,0,null,0]
[{"$nulls":9},{"v":0,"d":"0.00"},null,0,null,0,null,0]
[null,199,null,"Allow a Provide the sum of R 150 000,00 (One Hundred and Fifty Thousand Rand) for the refurbishment of the Access Control Building to be used in part or whole at the discretion of the Project Manager.","Item",{"v":1,"d":"1.00"},null,{"$f":"G999","v":0},{"v":150000,"d":"R 150,000.00"},{"v":150000,"d":"150000.00"},{"v":150000,"d":"R 150,000.00"},{"v":150000,"d":"R 150,000.00"},{"v":150000,"d":"R 150,000.00"},{"$f":"F999*M999","v":{"v":150000,"d":"R 150,000.00"}},{"v":150000,"d":"R 150,000.00"},{"v":150000,"d":"R 150,000.00"},{"v":1,"d":"1.00"},{"v":150000,"d":"R 150,000.00"},{"$f":"R999","v":{"v":150000,"d":"R 150,000.00"}},{"v":1,"d":"1.00"},{"v":150000,"d":"R 150,000.00"},{"v":150000,"d":"R 150,000.00"},{"v":1,"d":"1.00"},{"v":162000,"d":"R 162,000.00"},{"$f":"X999","v":{"v":162000,"d":"R 162,000.00"}},{"v":1,"d":"1.00"},{"v":150000,"d":"R 150,000.00"},{"$f":"AA999","v":{"v":150000,"d":"R 150,000.00"}},{"v":1,"d":"1.00"},null,{"$f":"AD999","v":0}]
[]
[null,200,null,"Add Profit and attendance on item above ","%",null,{"v":100000,"d":"R 100,000.00"},{"$f":"G1001","v":{"v":100000,"d":"R 100,000.00"}},{"v":10000,"d":"R 10,000.00"},{"$f":"F1001*I1001","v":{"v":0,"d":"0.00"}},{"v":8000,"d":"R 8,000.00"},{"$f":"F1001*K1001","v":0},{"v":5000,"d":"R 5,000.00"},{"$f":"F1001*M1001","v":0},{"v":10000,"d":"R 10,000.00"},{"$f":"F1001*O1001","v":0},{"v":1,"d":"1.00"},{"v":2000,"d":"R 2,000.00"},{"$f":"R1001","v":{"v":2000,"d":"R 2,000.00"}},{"v":7.5,"d":"7.50"},{"v":7500,"d":"R 7,500.00"},{"v":7500,"d":"R 7,500.00"},0.11,{"v":100000,"d":"R 100,000.00"},{"$f":"X1001*W1001","v":{"v":11000,"d":"R 11,000.00"}},null,{"v":5000,"d":"R 5,000.00"},{"$f":"AA1001","v":{"v":5000,"d":"R 5,000.00"}},{"v":0.05,"d":"5%"},null,{"$f":"AD1001*AC1001","v":0}]
[]
[{"$nulls":3},"Total Carried Forward to Main Summary Page",{"$nulls":3},{"$f":"SUM(H931:H999)","v":{"v":248823,"d":"R 248,823.00"}},null,{"$f":"SUM(J931:J999)","v":{"v":278564,"d":"R 278,564.00"}},null,{"$f":"SUM(L931:L999)","v":{"v":314540,"d":"R 314,540.00"}},null,{"$f":"SUM(N931:N999)","v":{"v":401820,"d":"R 401,820.00"}},null,{"$f":"SUM(P931:P999)","v":{"v":280460,"d":"R 280,460.00"}},null,null,{"$f":"SUM(S931:S999)","v":{"v":593344.691,"d":"R 593,344.69"}},null,null,{"v":2065965.5999999999,"d":"R 2,065,965.60"},null,null,{"$f":"SUM(Y931:Y999)","v":{"v":429368.88,"d":"R 429,368.88"}},null,null,{"$f":"SUM(AB931:AB999)","v":{"v":345240,"d":"R 345,240.00"}},null,null,{"$f":"SUM(AE6:AE1002)","v":0}]

{"sheet":"Bill 7 - Security","index":7,"n_rows":28,"n_cols":8,"rows_kept":28,"merged":[[0,1,1,1],[0,2,1,2],[0,3,1,3],[0,4,1,4],[0,5,1,5],[0,6,1,6],[0,7,1,7]]}
[null,"ITEM","REFERENCE","DESCRIPTION","UNIT","QTY","RATE","AMOUNT"]
[]
[]
[]
[{"$nulls":3},"BILL NO. 9 - SECURITY"]
[]
[]
[{"$nulls":3},"SECURITY SERVICES"]
[]
[null,1,null,"2 X armed security officers (PRISA) grade C day shift.","Months",{"v":5,"d":"5.00"},null,"Rate only"]
[]
[null,2,null,"2 X armed security officers (PRISA) grade C night shift.","Months",{"v":5,"d":"5.00"},null,"Rate only"]
[]
[null,3,null,"2 X grade B supervisors (PRISA) for day and night shifts.","Months",{"v":5,"d":"5.00"},null,"Rate only"]
[]
[null,4,null,"Guard house, ablution facilities including all connections.","Months",{"v":5,"d":"5.00"},null,"Rate only"]
[]
[null,5,null,"Bullet proof vests for each officer.","No.",{"v":6,"d":"6.00"},null,"Rate only"]
[]
[null,6,null,"Panic buttons for each officer.","Months",{"v":5,"d":"5.00"},null,"Rate only"]
[]
[null,7,null,"Transportation of guards.","Months",{"v":5,"d":"5.00"},null,"Rate only"]
[]
[null,8,null,"Two way radios and cell phones for communication.","Months",{"v":5,"d":"5.00"},null,"Rate only"]
[]
[null,9,null,"Breathalyser including calibration.","No.",{"v":2,"d":"2.00"},null,"Rate only"]
[]
[{"$nulls":3},"Total Carried Forward to Main Summary Page"]